{"text_format":"1","workbook":"xlsx","n_sheets":10,"sheets":["1ª MEDIÇÃO","2ª MEDIÇÃO","3ª MEDIÇÃO","4ª MEDIÇÃO","5ª MEDIÇÃO","6ª MEDIÇÃO","7ª MEDIÇÃO","8ª MEDIÇÃO","9ª MEDIÇÃO","PLANILHA SINTÉTICA"],"not_rendered":{"charts":0,"images":2,"macros":1,"external_links":7,"defined_names":415,"comments":0,"pivot_tables":0},"unopened":[],"bounds":{"document_bytes":16777216,"sheet_cells":100000,"rows_first":2000,"rows_last":500,"rows_between":2000,"halvings":0,"cell_chars":16384,"cell_head_chars":4096},"cells_cut":0,"cells_raw":0,"read":"whole","date_system":"1900"}

{"sheet":"1ª MEDIÇÃO","index":0,"n_rows":4,"n_cols":10,"rows_kept":4,"cut":false,"hidden":true,"merged":[[0,0,0,8],[1,0,1,8],[2,0,2,8]]}
["TRIBUNAL DE JUSTIÇA DE PERNAMBUCO"]
[{"$f":"#REF!","v":{"$error":"#REF!"}}]
["MEMÓRIA DE CALCULO - 1ª MEDIÇÃO"]
["ITEM","DESCRIÇÃO","QUANT.","LARG.","COMP.","ALT.","TAXA","TOTAL","UNID","MEMORIAL FOTOGRÁFICO"]

{"sheet":"2ª MEDIÇÃO","index":1,"n_rows":4,"n_cols":10,"rows_kept":4,"cut":false,"hidden":true,"merged":[[0,0,0,8],[1,0,1,8],[2,0,2,8]]}
["TRIBUNAL DE JUSTIÇA DE PERNAMBUCO"]
[{"$f":"#REF!","v":{"$error":"#REF!"}}]
["MEMÓRIA DE CALCULO - 2ª MEDIÇÃO"]
["ITEM","DESCRIÇÃO","QUANT.","LARG.","COMP.","ALT.","TAXA","TOTAL","UNID","MEMORIAL FOTOGRÁFICO"]

{"sheet":"3ª MEDIÇÃO","index":2,"n_rows":4,"n_cols":10,"rows_kept":4,"cut":false,"hidden":true,"merged":[[0,0,0,8],[1,0,1,8],[2,0,2,8]]}
["TRIBUNAL DE JUSTIÇA DE PERNAMBUCO"]
[{"$f":"#REF!","v":{"$error":"#REF!"}}]
["MEMÓRIA DE CALCULO - 3ª MEDIÇÃO"]
["ITEM","DESCRIÇÃO","QUANT.","LARG.","COMP.","ALT.","TAXA","TOTAL","UNID","MEMORIAL FOTOGRÁFICO"]

{"sheet":"4ª MEDIÇÃO","index":3,"n_rows":4,"n_cols":10,"rows_kept":4,"cut":false,"hidden":true,"merged":[[0,0,0,8],[1,0,1,8],[2,0,2,8]]}
["TRIBUNAL DE JUSTIÇA DE PERNAMBUCO"]
[{"$f":"#REF!","v":{"$error":"#REF!"}}]
["MEMÓRIA DE CALCULO - 4ª MEDIÇÃO"]
["ITEM","DESCRIÇÃO","QUANT.","LARG.","COMP.","ALT.","TAXA","TOTAL","UNID","MEMORIAL FOTOGRÁFICO"]

{"sheet":"5ª MEDIÇÃO","index":4,"n_rows":4,"n_cols":10,"rows_kept":4,"cut":false,"hidden":true,"merged":[[0,0,0,8],[1,0,1,8],[2,0,2,8]]}
["TRIBUNAL DE JUSTIÇA DE PERNAMBUCO"]
[{"$f":"#REF!","v":{"$error":"#REF!"}}]
["MEMÓRIA DE CALCULO - 5ª MEDIÇÃO"]
["ITEM","DESCRIÇÃO","QUANT.","LARG.","COMP.","ALT.","TAXA","TOTAL","UNID","MEMORIAL FOTOGRÁFICO"]

{"sheet":"6ª MEDIÇÃO","index":5,"n_rows":4,"n_cols":10,"rows_kept":4,"cut":false,"hidden":true,"merged":[[0,0,0,8],[1,0,1,8],[2,0,2,8]]}
["TRIBUNAL DE JUSTIÇA DE PERNAMBUCO"]
[{"$f":"#REF!","v":{"$error":"#REF!"}}]
["MEMÓRIA DE CALCULO - 6ª MEDIÇÃO"]
["ITEM","DESCRIÇÃO","QUANT.","LARG.","COMP.","ALT.","TAXA","TOTAL","UNID","MEMORIAL FOTOGRÁFICO"]

{"sheet":"7ª MEDIÇÃO","index":6,"n_rows":4,"n_cols":10,"rows_kept":4,"cut":false,"hidden":true,"merged":[[0,0,0,8],[1,0,1,8],[2,0,2,8]]}
["TRIBUNAL DE JUSTIÇA DE PERNAMBUCO"]
[{"$f":"#REF!","v":{"$error":"#REF!"}}]
["MEMÓRIA DE CALCULO - 7ª MEDIÇÃO"]
["ITEM","DESCRIÇÃO","QUANT.","LARG.","COMP.","ALT.","TAXA","TOTAL","UNID","MEMORIAL FOTOGRÁFICO"]

{"sheet":"8ª MEDIÇÃO","index":7,"n_rows":4,"n_cols":10,"rows_kept":4,"cut":false,"hidden":true,"merged":[[0,0,0,8],[1,0,1,8],[2,0,2,8]]}
["TRIBUNAL DE JUSTIÇA DE PERNAMBUCO"]
[{"$f":"#REF!","v":{"$error":"#REF!"}}]
["MEMÓRIA DE CALCULO - 8ª MEDIÇÃO"]
["ITEM","DESCRIÇÃO","QUANT.","LARG.","COMP.","ALT.","TAXA","TOTAL","UNID","MEMORIAL FOTOGRÁFICO"]

{"sheet":"9ª MEDIÇÃO","index":8,"n_rows":4,"n_cols":10,"rows_kept":4,"cut":false,"hidden":true,"merged":[[0,0,0,8],[1,0,1,8],[2,0,2,8]]}
["TRIBUNAL DE JUSTIÇA DE PERNAMBUCO"]
[{"$f":"#REF!","v":{"$error":"#REF!"}}]
["MEMÓRIA DE CALCULO - 9ª MEDIÇÃO"]
["ITEM","DESCRIÇÃO","QUANT.","LARG.","COMP.","ALT.","TAXA","TOTAL","UNID","MEMORIAL FOTOGRÁFICO"]

{"sheet":"PLANILHA SINTÉTICA","index":9,"n_rows":1082,"n_cols":6,"rows_kept":1082,"cut":false,"hidden":false,"merged":[]}
[null,"TRIBUNAL DE JUSTIÇA DE PERNAMBUCO","-","-","Nº CONTRATO:","61/2017"]
[null,"CONSTRUÇÃO DO FÓRUM DE LIMOEIRO - PE","-","-"]
[null,"PLANILHA DE PREÇOS UNITÁRIOS ","-","-","VALOR DO CONTRATO:",15984588.18635954]
[null,null,"-","-"]
[]
[null,null,null,null,"BDI: 19,16%"]
["ITEM","DESCRIÇÃO","UN","QUANT. TOTAL","TOTAL CONTRATADO","TOTAL CONTRATADO"]
["-","-","-","-","P. UNIT","P. TOTAL\nCONTRATADO"]
["1.0","PRÉDIO PRINCIPAL - SERVIÇOS PRELIMINARES","-","-","-","-"]
["1.1","Mobilização e Desmobilização da Obra","un",2,1088.78612,2177.57224]
["1.2","Administração local pelo período da obra.","un/mês",18,124499.82467999999,2240996.84424]
["1.3","Placa de obra em chapa de aço galvanizado.","m²",6,230.986874,1385.9212440000001]
["1.4","Execução de sondagem geotécnica à percussão com a realização de 5 furos, com no mínimo 8,0m de profundidade ou até o impenetrável, inclusive mobilização e desmobilização.","un",1,4278.1284400000004,4278.1284400000004]
["1.5","Execução de teste de absorção do solo, conforme norma vigente.","un",1,988.10919999999999,988.10919999999999]
["1.6","Revisão com adequação  de Projeto Executivo de Sistema de Prevenção e combate à incêndio, inclusive ART.","un",1,6725.9099200000001,6725.9099200000001]
["1.7","Revisão com adequação de Projeto Executivo de Climatização, inclusive ART.","un",1,13352.9094,13352.9094]
["1.8","Revisão com adequação de Projeto Básico de Instalações Hidrossanitárias, inclusive ART.","un",1,5934.6264000000001,5934.6264000000001]
["1.9","Elaboração de Projeto Executivo de Terraplanagem, Pavimentação e Drenagem, inclusive levantamento plani-altimétrico e estudo geotécnico do solo.","un",1,10088.864880000001,10088.864880000001]
["1.10","Tapume de chapa de madeira compensada, E= 6mm, com pintura a cal e reaproveitamento de 2x.","m²",971,39.649299999999997,38499.470299999994]
["1.11","Limpeza mecanizada de terreno com remoção de camada vegetal, utilizando motoniveladora.","m²",6850,0.54735999999999996,3749.4159999999997]
["1.12","Escavação mecânica de vala em material de primeira categoria, proveniente de corte de subleito.","m³",1240,3.8315200000000003,4751.0848000000005]
["1.13","Remoção de material de primeira categoria em caminhão basculante, D.M.T. 12KM, inclusive carga e descarga mecânica.","m³",3692,19.56812,72245.499039999995]
["1.14","Locação convencional de obra, através de gabarito de tábuas corridas pontaletadas a cada 1,50m, sem reaproveitamento.","m²",1835.5,6.8675979999999992,12605.476128999999]
["1.15","Construção de canteiro de obra em alvenaria, instalações hidráulicas e elétricas, conforme projeto.","m²",365,367.63068600000003,134185.20039000001]
["1.16","Fornecimento e execução de barracão aberto. ","m²",100,74.679552000000001,7467.9552000000003]
["1.17","Controle Tecnológico do Concreto com ensaio de compressão de corpos de prova cilíndricos (NBR 5739)/2007, com transporte para o laboratório realizado pelo cliente.","un",1439,13.34812,19207.944680000001]
["1.18","Ligações provisórias de água da rede ao hidrômetro, inclusive cavalete e registro 1/2\".","un",1,184.28090199999997,184.28090199999997]
["1.19","Instal/ligação provisória elétrica baixa tensão p/cant obra obra, m³-chave 100a carga 3kwh,20cv excl. forn medidor.","un",1,1297.53493,1297.53493]
["1.20","Sumidouro em alvenaria de tijolo cerâmico maciço diâmetro 1,20m e altura 5,00m, com tampa em concreto armado diâmetro 1,40m e espessura 10cm. (Barraco de obra)","un",1,973.03161399999999,973.03161399999999]
["1.21","Fornecimento e montagem de tela de sinalização laranja (H=1,2m) fixada em montantes de ferro de 1/2\" ou em barrotes de madeira 3x3\" colocados sobre base de concreto traço 1:4:8, espaçados a cada 2 m, inclusive posterior retirada e reaproveitamento.","m",244,8.3143659999999997,2028.7053039999998]
["-","Andaimes, Bandejas, Balança e equipamentos","-","-",0,0]
["1.22","Fornecimento e colocação de Tela de nylon ou plástica com malha de 5 mm, tipo fachadeira, para proteção de obras em edifícios.","m²",4730,11.793156,55781.62788]
["1.23","Locação de um guincho coluna capacidade 400kg monofásico, incluindo montagem e desmontagem. (Guincho foguete)","mês",12,227.49028000000001,2729.8833600000003]
["1.24","Locação de andaime metálico tipo fachadeiro, incluindo montagem.  ","m²/mês",3784,6.2448799999999993,23630.625919999999]
["1.25","Desmontagem de andaimes do tipo fachadeiro inclusive carregamento, descarregamento e transporte posto/obra","m²",3784,2.84876,10779.707839999999]
["1.26","Aluguel mensal de balanças com 3,0m de comprimento cada, inclusive acessórios necessários para execução de serviço nas fachadas, bem como kit de segurança.","un",67,346.90183999999999,23242.423279999999]
["1.27","Montagem da balança com três metros de comprimento cada, inclusive acessórios necessários para execução de serviço nas fachadas.","un",67,308.33784000000003,20658.635280000002]
["1.28","Desmontagem da balança com três metros de comprimento cada, inclusive acessórios necessários para execução de serviço nas fachadas.","un",67,308.33784000000003,20658.635280000002]
["1.29","Fornecimento e instalação de Bandeja salva-vidas primária, de madeira - com forro em chapa  compensada - largura 2,50m e complemento de 80cm com inclinação de 45º, conforme NR 18.","m",203,189.114318,38390.206553999997]
["1.30","Fornecimento e instalação de Bandeja salva-vidas secundária, de madeira - com forro em chapa  compensada - largura 1,40m e complemento de 80cm com inclinação de 45º, conforme NR 18.","m",203,136.70559200000002,27751.235176000006]
["1.31","Locação de uma GRUA QTG-20 do tipo ascensional, com lança de 30m, capacidade de carga 650kg (ponta) - 2.000kg, inclusive operador, manutenção preventiva, corretiva, elétrica, mecânica  e telescopagem da grua.","mês",10,13649.640719999999,136496.40719999999]
["1.32","Montagem de GRUA QTG-20 do tipo ascensional, com lança de 30m, inclusive acessórios necessários para execução de serviço.","un",1,7418.2830000000004,7418.2830000000004]
["1.33","Desmontagem de GRUA QTG-20 do tipo ascensional, com lança de 30m, inclusive acessórios necessários para execução de serviço.","un",1,7912.8352000000004,7912.8352000000004]
["1.34","Transporte de grua QTG-20 em carreta com 12m de comprimento. (Recife/Limoeiro)","un",2,1226.4844799999998,2452.9689599999997]
["1.35","Transporte de grua QTG-20 em carreta com 12m de comprimento. (Limoeiro/Recife)","un",2,1226.4844799999998,2452.9689599999997]
["1.36","Guindaste hidráulico rodoviário com lança telescópia Fabricante: zoomlion, capacidade máxima 70,00 toneladas, alcance vertical máximo 40 m, alcance vertical máximo + jib (9,0m): 49metros, incluindo mobilização e desmobilização.","h",20,197.82088000000002,3956.4176000000002]
["1.37","Guindauto hidráulico articulado (tipo Munck) montado sobre caminhão com carroceria aberta, momento máximo 30,00 toneladas, tração 6x4 , alcance vertical máximo 14,00m; alcance vertical máximo + Jib (5,0m): 19,00metros (pré montagem da grua - 3 dias; descarrego - 1 dia; desmontagem 3 dias e carrego final 1 dia, incluindo mobilização e desmobilização.","h",80,101.13719999999999,8090.9759999999997]
["1.38","Frete de guincho coluna, inclusive carrego e descarrego. (Guincho foguete ida e volta)","un",2,403.74020000000002,807.48040000000003]
["-","SUBESTAÇÃO PROVISÓRIA DE 112,5 KVA","-","-",0,0]
["1.39","Fornecimento de poste de concreto tipo \"duplo T\" 300/10 com engastamento direto no solo de 1,60m, inclusive colocação.      ","un",1,721.53709000000003,721.53709000000003]
["1.40","Utilização de equipamento munck com carroceria de 10m, 6000kg.","un",6,120.863192,725.17915199999993]
["1.41","Fornecimento de Cruzeta tipo T 1900mm, inclusive acessórios para instalação e assentamento em poste.","un",3,158.79649799999999,476.38949399999996]
["1.42","Instalação de transformador de 112,5kVA - 15kV.","un",1,935.68703999999991,935.68703999999991]
["1.43","Fornecimento e instalação de isolador polimérico de 15kV.","un",9,61.622185999999999,554.59967400000005]
["1.44","Fornecimento e instalação de pino para isolador 15kV.","un",9,34.750978000000003,312.75880200000006]
["1.45","Fornecimento e instalação de pára-raios 12kV - 10kA .","un",3,217.95092400000001,653.85277200000007]
["1.46","Fecho para fita bandit.","un",3,1.6393659999999999,4.9180979999999996]
["1.47","Fita de aço tipo bandit","un",6,3.0900280000000002,18.540168000000001]
["1.48","Arruela quadrada furo 5/8\".","un",40,1.1314120000000001,45.256480000000003]
["1.49","Fornecimento e instalação de Parafuso de rosca simples galvanizado a fogo 5/16\" x 16\" com porca.","un",10,24.059562,240.59562]
["1.50","Fornecimento e instalação de Parafuso de rosca dupla galvanizado a fogo 5/16\" x 18\" com porca.","un",2,27.762878000000001,55.525756000000001]
["1.51","Caixa de passagem 80x80x100 fundo brita com tampa","un",3,353.73506400000002,1061.2051920000001]
["1.52","Haste copperweld 5/8\" x 3,0m com conector","un",4,43.731954000000002,174.92781600000001]
["1.53","Fornecimento e assentamento de eletroduto de pvc rígido de 1\" com luvas de rosca interna, curvas e demais acessórios de fixação.","m",9,11.711131999999999,105.40018799999999]
["1.54","Fornecimento e assentamento de eletroduto de ferro galvanizado de 3\" (pesado), inclusive assentamento e demais acessórios de fixação.","m",9,102.370456,921.33410400000002]
["1.55","Curva de aço galvanizado 3\".","un",2,133.97727800000001,267.95455600000003]
["1.56","Fornecimento e instalação de capacete de alumínio 3\".","un",1,49.369486000000002,49.369486000000002]
["1.57","Fornecimento e instalação de caixa para medição padrão celpe modelo f3, inclusive acessórios.","un",1,1342.7203840000002,1342.7203840000002]
["1.58","Terminal ou conector de pressão - para cabo 95mm² - fornecimento e instalação","un",12,16.865221999999999,202.38266399999998]
["1.59","Fornecimento e instalação de conector de pressão tipo split-bolt para cabo 50mm²","un",15,11.78243,176.73644999999999]
["1.60","Conector parafuso fendido split-bolt - para cabo de 35mm² - fornecimento e instalação","un",2,9.8364200000000004,19.672840000000001]
["1.61","Base em alvenaria com dimensões de (3,00x3,00x0,20)m, inclusive lastro de piso, espessura 10cm e piso cimentado com argamassa de cimento e areia no traço 1:3 espessura 2cm.","un",1,560.37892599999998,560.37892599999998]
["1.62","Caixa de passagem 30x30x40 com tampa e dreno brita","un",4,110.968158,443.87263200000001]
["1.63","Jogo de bucha e arruela de alumínio de 3 pol., inclusive fixação.","un",3,11.225213999999999,33.675641999999996]
["1.64","Fornecimento e instalação de disjuntor tripolar de 200a-380v-22ka em caixa moldada.","un",1,280.36677000000003,280.36677000000003]
["1.65","Cabo de cobre (1condutor), tempera mole, encordoamento classe 2, isolamento de pvc, flame resistant - 70°c, isolação 0,6/1kv, de 95mm² sintenax flex ou equivalente, inclusive instalação em eletroduto/ eletrocalha.","m",40,60.219854000000005,2408.7941600000004]
["1.66","Cabo de cobre nu 35mm² - fornecimento e instalação","m",10,24.013287999999999,240.13288]
["1.67","Cabo de cobre nu 50mm² - fornecimento e instalação","m",55,33.896771999999999,1864.3224599999999]
["1.68","Fornecimento e instalação de cabo de alumínio caa 4awg","m",60,20.168331999999999,1210.0999199999999]
["1.69","Cabo de cobre (1condutor), tempera mole, encordoamento classe 2, isolamento de pvc, flame resistant - 70°c, isolação 0,6/1kv, de 95mm² sintenax flex ou equivalente, inclusive instalação em eletroduto/ eletrocalha.","m",100,60.219854000000005,6021.9854000000005]
["1.70","Fornecimento e assentamento de eletroduto de pvc rígido de 3\" com luva de rosca interna, curvas e demais acessórios de fixação.","m",30,38.942521999999997,1168.2756599999998]
["2.0","INFRAESTRUTURA","-","-",0,0]
["2.1","Escavação manual em terra até 1,50 m de profundidade, sem escoramento.","m³",56.900000000000006,23.58624,1342.0570560000001]
["2.2","Escavação mecânica valas em qualquer tipo de solo exceto rocha, prof. 0<h<4m.","m³",1081.0999999999999,8.2352799999999995,8903.1612079999995]
["2.3","Escavação manual de vala ou cava em material de 3ª categoria, profundidade até 2,00 m, com uso de explosivos e perfuração manual. ","m³",208.5,257.25166399999995,53636.97194399999]
["2.4","Demolição de rocha com martelete pneumático.","m³",486.5,147.26471999999998,71644.286279999986]
["2.5","Transporte horizontal, massa/granel, jerica 90L, 30m.","m³",786,18.597799999999999,14617.870799999999]
["2.6","Remoção de material de primeira categoria em caminhão basculante, D.M.T. 12KM, inclusive carga e descarga mecânica.","m³",1572,19.56812,30761.084640000001]
["2.7","Reaterro de vala com compactação manual.","m³",624,32.169840000000001,20073.980159999999]
["2.8","Escoramento de valas com pranchões metálicos, área não cravada.","m²",980,31.081373999999997,30459.746519999997]
["2.9","Execução de aterro abrangendo espalhamento homogeneização, umedecimento e compactação mecânica em camadas de 20cm de espessura, inclusive o fornecimento do barro proveniente de jazida a uma distância máxima de 12Km.","m³",3602,51.042304000000001,183854.37900800002]
["2.10","Escavação e carga mecânicas de material de primeira categoria, proveniente de corte de terreno natural para obras civis.","m³",537,3.9186000000000001,2104.2882]
["2.11","Concreto magro para lastro, traço 1:4,5:4,5 (cimento/ areia média/ brita 1)  - preparo mecânico com betoneira 400 L. ","m³",35,183.173486,6411.0720099999999]
["2.12","Concreto usinado bombeado Fck=40Mpa, inclusive colocação, espalhamento e acabamento. Incluso Aditivo Metacaulin.","m³",480,360.26191399999999,172925.71872]
["2.13","Alvenaria de tijolos de 8 furos, assentados e rejuntados com argamassa de cimento e areia no traço 1:6  -  1 vez.","m²",455,66.477944000000008,30247.464520000005]
["2.14","Montagem e desmontagem de forma de pilares retangulares e estruturas similares com área média das seções menor ou igual a 0,25 m², pé-direito simples, em chapa de madeira compensada resinada, 4 utilizações. ","m²",62,43.953149999999994,2725.0952999999995]
["2.15","Montagem e desmontagem de forma de Viga, escoramento com pontalete de madeira, pé-direito simples, em madeira serrada, 4 utilizações. ","m²",946,60.966082,57673.913571999998]
["2.16","Armação de fundações e estruturas de concreto armado, exceto vigas, pilares e lajes (de edifícios de múltiplos pavimentos, edificação térrea ou sobrado), utilizando aço CA-60 de 5.0 mm - Montagem.","kg",980,9.8273580000000003,9630.8108400000001]
["2.17","Armação de fundações e estruturas de concreto armado, exceto vigas, pilares e lajes (de edifícios de múltiplos pavimentos, edificação térrea ou sobrado), utilizando aço CA-50 de 6.3 mm - Montagem. ","kg",875,8.9861259999999987,7862.8602499999988]
["2.18","Armação de fundações e estruturas de concreto armado, exceto vigas, pilares e lajes (de edifícios de múltiplos pavimentos, edificação térrea ou sobrado), utilizando aço CA-50 de 8.0 mm - Montagem. ","kg",81,8.6055060000000001,697.04598599999997]
["2.19","Armação de fundações e estruturas de concreto armado, exceto vigas, pilares e lajes (de edifícios de múltiplos pavimentos, edificação térrea ou sobrado), utilizando aço CA-50 de 10.0 mm - Montagem. ","kg",744,6.9897460000000002,5200.371024]
["2.20","Armação de fundações e estruturas de concreto armado, exceto vigas, pilares e lajes (de edifícios de múltiplos pavimentos, edificação térrea ou sobrado), utilizando aço CA-50 de 12.5 mm - Montagem. ","kg",3296,5.832014,19222.318144000001]
["2.21","Armação de fundações e estruturas de concreto armado, exceto vigas, pilares e lajes (de edifícios de múltiplos pavimentos, edificação térrea ou sobrado), utilizando aço CA-50 de 16.0 mm - Montagem. ","kg",8521,4.6272719999999996,39428.984711999998]
["2.22","Armação de fundações e estruturas de concreto armado, exceto vigas, pilares e lajes (de edifícios de múltiplos pavimentos, edificação térrea ou sobrado), utilizando aço CA-50 de 20.0 mm - Montagem. ","kg",25311,4.151802,105086.26042200001]
["2.23","Concreto leve, Fck 15 MPA, condição B (NBR-12655), lançado sobre o terreno ou em fundações e adensado.","m³",23,361.29050000000001,8309.6815000000006]
["3.0","SUPERESTRUTURA","-","-",0,0]
["3.1","Concreto usinado BOMBEADO Fck=40mpa, inclusive colocação, espalhamento e acabamento.","m³",2265,367.29113800000005,831914.42757000006]
["3.2","Montagem e desmontagem de forma de pilares retangulares e estruturas similares com área média das seções menor ou igual a 0,25 m², pé-direito simples, em chapa de madeira compensada resinada, 4 utilizações. ","m²",920,43.953149999999994,40436.897999999994]
["3.3","Montagem e desmontagem de forma de pilares retangulares e estruturas similares com área média das seções maior que 0,25 m², pé-direito simples, em chapa de madeira compensada resinada, 4 utilizações. ","m²",1379,39.574269999999999,54572.91833]
["3.4","Montagem e desmontagem de fôrma de viga, escoramento metálico, pé-direito simples, em chapa de madeira resinada, 2 utilizações.","m²",5408,75.007024000000001,405637.98579200002]
["3.5","Montagem e Desmontagem de Fôrma de Laje Maciça Com Área Média Menor ou Igual a 20 m², Pé-Direito Simples, em chapa de madeira compensada Resinada, 4 utilizações, incluso escoramento metálico.","m²",191,22.599007999999998,4316.4105279999994]
["3.6","Armação de pilar ou viga de uma estrutura convencional de concreto armado em um edifício de múltiplos pavimentos utilizando aço CA-60 de 5.0 mm - Montagem. ","kg",7216,9.0311979999999998,65169.124768000001]
["3.7","Armação de pilar ou viga de uma estrutura convencional de concreto armado em um edifício de múltiplos pavimentos utilizando aço CA-50 de 6.3 mm - Montagem. ","kg",11365,8.3641259999999988,95058.291989999983]
["3.8","Armação de pilar ou viga de uma estrutura convencional de concreto armado em um edifício de múltiplos pavimentos utilizando aço CA-50 de 8.0 mm - Montagem. ","kg",10947,8.1452259999999992,89165.789021999997]
["3.9","Armação de pilar ou viga de uma estrutura convencional de concreto armado em um edifício de múltiplos pavimentos utilizando aço CA-50 de 10.0 mm - Montagem. ","kg",3414,6.6538660000000007,22716.298524000002]
["3.10","Armação de pilar ou viga de uma estrutura convencional de concreto armado em um edifício de múltiplos pavimentos utilizando aço CA-50 de 12.5 mm - Montagem. ","kg",12139,5.5707740000000001,67623.625585999995]
["3.11","Armação de pilar ou viga de uma estrutura convencional de concreto armado em um edifício de múltiplos pavimentos utilizando aço CA-50 de 16.0 mm - Montagem. ","kg",17557,4.4655519999999997,78401.696463999993]
["3.12","Armação de pilar ou viga de uma estrutura convencional de concreto armado em um edifício de múltiplos pavimentos utilizando aço CA-50 de 20.0 mm - Montagem. ","kg",43352,4.0522819999999999,175674.52926400001]
["3.13","Armação de pilar ou viga de uma estrutura convencional de concreto armado em um edifício de múltiplos pavimentos utilizando aço CA-50 de 25.0 mm - Montagem. ","kg",11086,4.4082059999999998,48869.371716000001]
["3.14","Armação de laje de uma estrutura convencional de concreto armado em um edifício de múltiplos pavimentos utilizando aço CA-60 de 5.0 mm - Montagem. ","kg",809,6.9807019999999991,5647.3879179999994]
["3.15","Armação laje de uma estrutura convencional de concreto armado em um edifício de múltiplos pavimentos utilizando aço CA-50 de 6.3 mm - Montagem. ","kg",18715,6.2696839999999998,117337.13605999999]
["3.16","Armação de laje de uma estrutura convencional de concreto armado em um edifício de múltiplos pavimentos utilizando aço CA-50 de 8.0 mm - Montagem. ","kg",5909,6.1797059999999995,36515.882753999998]
["3.17","Armação de laje de uma estrutura convencional de concreto armado em um edifício de múltiplos pavimentos utilizando aço CA-50 de 10.0 mm - Montagem. ","kg",3615,4.9764039999999996,17989.70046]
["3.18","Armação de laje de uma estrutura convencional de concreto armado em um edifício de múltiplos pavimentos utilizando aço CA-50 de 12.5 mm - Montagem. ","kg",5662,4.3915579999999999,24865.001396]
["3.19","Armação de laje de uma estrutura convencional de concreto armado em um edifício de múltiplos pavimentos utilizando aço CA-50 de 16.0 mm - Montagem. ","kg",13311,4.1813700000000003,55658.216070000002]
["3.20","Armação de laje de uma estrutura convencional de concreto armado em um edifício de múltiplos pavimentos utilizando aço CA-50 de 20.0 mm - Montagem. ","kg",24824,3.8538880000000004,95668.915712000016]
["3.21","Fornecimento e instalação de tela aço soldada nervurada CA-60, Q-61, Malha 15x15cm, ferro 3.4mm (0.97 Kg/m²), painel 2,45x6,0m, Telcon ou Similar.","kg",37620,8.3990819999999999,315973.46483999997]
["3.22","Execução de serviço de protensão, incluindo fornecimento de monocordoalha engraxada Ø 12.7, ancoragem ativas e passivas e demais materiais, acessórios e equipamentos inerentes à realização do serviço.","kg",5220,10.46846,54645.361199999999]
["3.23","Locação, montagem e desmontagem de forma para laje do tipo nervurada (cabacinha 80x80x32)cm, composta por sistema de escoramento e reescoramento metálico, inclusive locação e distribuição das cabacinhas.","m²",8225,24.759122000000001,203643.77845000001]
["4.0","PAREDES E PAINÉIS","-","-",0,0]
["4.1","Alvenaria de tijolos de 8 furos, assentados e rejuntados com argamassa de cimento e areia no traço 1:6  -  1/2 vez.","m²",7350,36.642493999999999,269322.3309]
["4.2","Verga pré-moldada para janelas com até 1,5 m de vão. ","m",30,17.511066,525.33197999999993]
["4.3","Verga pré-moldada para janelas com mais de 1,5 m de vão. ","m",593,22.36307,13261.300510000001]
["4.4","Verga pré-moldada para portas com até 1,5 m de vão. ","m",192,13.457824,2583.902208]
["4.5","Verga pré-moldada para portas com mais de 1,5 m de vão.","m",28,22.019917999999997,616.55770399999994]
["4.6","Contraverga pré-moldada para vãos de até 1,5 m de comprimento. ","m",30,17.296189999999999,518.88569999999993]
["4.7","Contraverga pré-moldada para vãos de mais de 1,5 m de comprimento.","m",593,20.097016,11917.530488]
["4.8","Fixação (encunhamento) de alvenaria de vedação com tijolo maciço.","m",1425,13.334958,19002.315150000002]
["4.9","Fornecimento e assentamento de telas soldadas produzidas com fio de 1,65 mm de diâmetro e malha de 15 x 15 mm, galvanizadas, com largura x comprimento de 7,5x50cm, belgofix ou equivalente.","un",2185,4.1057160000000001,8970.9894600000007]
["4.10","Fornecimento e montagem de DRY WALL parede de divisão interna de 100mm de espessura, sistema Lafarge/Gyipsum, composta por dois painéis de gesso acartonado stand ST DR de 12,5mm de espessura, sendo um para cada lado e estrutura interna em perfis metálicos de aço galvanizado, montantes duplos espaçados a cada 0,40m, guia metálicos e acessórios H até  4,10m. D-100/75/40A, inclusive manta em lã de vidro wallfelt soft paper 50 mm de espessura - fabricação Isover Saint-Gobain. ","m²",1723,87.206714000000005,150257.16822200001]
["4.11","Fornecimento e instalação de placa em Dry Wall de 100mm de espessura, sistema Lafarge/Gyipsum, composta por um painel de gesso acartonado stand ST DR de 12,5mm de espessura e estrutura interna em perfis metálicos de aço galvanizado, espaçados a cada 0,40m, guia metálicos e acessórios para fechamento dos dutos dos Split.","m²",104,75.886313999999999,7892.1766559999996]
["5.0","REVESTIMENTO DE PAREDES","-","-",0,0]
["5.1","Chapisco aplicado em alvenarias e estruturas de concreto internas, com colher de pedreiro.  Argamassa traço 1:3 com preparo em betoneira 400 L","m²",{"$f":"15610-6877","v":8733},3.4622139999999999,30235.514862]
["5.2","Chapisco aplicado em alvenaria (com presença de vãos) e estruturas de concreto de fachada, com colher de pedreiro.  Argamassa traço 1:3 com preparo em betoneira 400l. Af_06/2014","m²",6877,4.6315739999999996,31851.334397999999]
["5.3","(Composição representativa) do serviço de emboço/massa única, traço 1:2:8, preparo mecânico, com betoneira de 400l, em paredes de ambientes internos, com execução de taliscas, para edificação habitacional multifamiliar (prédio). Af_11/2014","m²",15610,20.428764000000001,318893.00604000001]
["5.4","Porcelanato Bianco polido, 62,5x62,5cm Elizabeth ou equivalente, assentadas com argamassa colante AC III Quartzolit ou equivalente e rejuntadas com argamassa de rejuntamento flexível Quartzolit ou equivalente.","m²",2463,70.864784,174539.96299199999]
["5.5","Cerâmica 5x10cm Elizabeth ou equivalente, linha Lux, tipo A, na cor Branca, assentadas com argamassa colante AC II Quartzolit ou equivalente e rejuntadas com argamassa de rejuntamento flexível Quartzolit ou equivalente. (Cela, custódia menor infrator e Fachadas)","m²",1791,53.914186000000001,96560.307126]
["5.6","Fornecimento e assentamento de Painel com revestimento modular Linha Siena, 15,3 x 15,3cm, Rerth ou equivalente (Parede JÚRI), conforme detalhe 27/45.","m²",44,312.68636000000004,13758.199840000001]
["5.7","Fornecimento com assentamento de Pastilhas de Porcelana Esmaltada 5x5cm NGK ou equivalente, nas cores Cinza Parati (75%) e Verde Goiás (25%), assentadas com argamassa colante AC III Quartzolit ou equivalente e rejuntadas com argamassa de rejuntamento flexível Quartzolit  ou equivalente. (Painel da Recepção e Fachadas). Detalhe 28/45","m²",1233,146.84236000000001,181056.62988000002]
["5.8","Fornecimento com assentamento de Pastilhas de Porcelana Esmaltada 5x5cm NGK ou equivalente, na cor Verde Goiás, assentadas com argamassa colante AC III Quartzolit ou equivalente e rejuntadas com argamassa de rejuntamento flexível Quartzolit ou equivalente. (Fachadas). ","m²",1189,79.333504000000005,94327.536256000007]
["5.9","Fornecimento e assentamento de pedra Itacolomy do Norte (30x5cm), tipo canjiquinha, assentada com argamassa de cimento e areia no traço 1:6.","m²",142,57.403769999999994,8151.3353399999996]
["5.10","Fornecimento e assentamento de pedra Itacolomy, assentada com argamassa de cimento e areia no traço 1:6.","m²",15,47.96181,719.42714999999998]
["5.11","Fornecimento e aplicação de junta de movimentação com elastômero à base de borracha de poliuretano ou borracha de silicone, inclusive preenchimento de junta com tarucel 20mm.","m",1033.9000000000001,12.155666,12567.7430774]
["6.0","REVESTIMENTOS DE PISOS INTERNOS","-","-",0,0]
["6.1","Lastro de concreto, espessura 5cm, preparo mecânico, inclusos lançamento e adensamento. ","m²",7631.56,14.924581999999999,113897.84300792]
["6.2","Contrapiso Em Argamassa Traço 1:4 (Cimento E Areia), Preparo Mecânico Com Betoneira 400 L, Aplicado Em Áreas Secas Sobre Laje, Aderido, Espessura 2Cm, Acabamento Não Reforçado.","m²",7750,18.788824000000002,145613.38600000003]
["6.3","Fornecimento de porcelanato 62,5x62,5cm, BIANCO NATURAL (Elizabeth ou equivalente), assentado em pisos internos com argamassa colante AC III Quartzolit ou equivalente e rejuntado com argamassa de rejuntamento flexível do tipo Epóxi ou equivalente. (piso)","m²",6556,67.645021999999997,443480.76423199999]
["6.4","Rodapé em porcelanato 62,5x62,5cm, h=10cm, BIANCO POLIDO (Elizabeth ou equivalente), assentado com argamassa colante AC III Quartzolit ou equivalente e rejuntado com argamassa de rejuntamento flexível do tipo Epóxi ou equivalente.","m",2922,17.874499999999998,52229.28899999999]
["6.5","Cerâmica tipo A, PEI 5, 46,00 x 46,00 cm, linha Titan, Elizabeth ou equivalente, assentado com argamassa pré fabricada AC II, Quartzolit ou equivalente, inclusive rejunte Quartzolit ou equivalente. (piso)","m²",248,39.47833,9790.6258400000006]
["6.6","Rodapé de cerâmica tipo A com 7 cm de altura, PEI-5, 46x46cm, Elizabeth, linha Titan, ou equivalente, assentado com argamassa colante industrializada AC-II, inclusive rejunte Quartzolit ou equivalente.","m",97,4.452928,431.93401599999999]
["6.7","Fornecimento e assentamento de piso tátil emborrachado de alerta/direcional (DPT) na cor preta/cinza, com superfície em relevo tronco-cônico, medindo 250x250mm, com 5mm de espessura, fixação com cola. (Frente dos elevadores e escadas internas)","m²",11,142.09031200000001,1562.9934320000002]
["7.0","REVESTIMENTO DE PISOS EXTERNOS","-","-",0,0]
["7.1","Lastro de concreto, espessura 5cm, preparo mecânico, inclusos lançamento e adensamento. ","m²",828,14.924581999999999,12357.553895999999]
["7.2","Piso cimentado traço 1:4 (cimento e areia), acabamento liso espessura 2,0cm, preparo manual da argamassa.","m²",828,30.345753999999999,25126.284312]
["7.3","Fornecimento e assentamento de piso tátil DIRECIONAL em lajota de concreto, com dimensões (0,25x0,25)m, aplicado sobre lastro de concreto 1:4:8 com 5cm de espessura, inclusive execução de lastro.","m²",1.3,106.812894,138.85676219999999]
["7.4","Fornecimento e assentamento de piso tátil de ALERTA em lajota de concreto, com dimensões (0,25x0,25)m, aplicado sobre lastro de concreto 1:4:8 com 5cm de espessura, inclusive execução de lastro.","m²",7.3,106.812894,779.73412619999999]
["8.0","GRANITOS - balcões, bancadas, molduras, soleiras, rodapé e acabamentos","-","-",0,0]
["8.1","Fornecimento e instalação de Balcão para WC SALÃO DO JÚRI em granito polido Verde Ubatuba para um lavatório (1,05mx0,55m), com testeira e respaldo, conforme detalhe 16/45.","un",1,403.58607599999999,403.58607599999999]
["8.2","Fornecimento e instalação de Balcão para WC JURADOS em granito polido Verde Ubatuba para um lavatório (1,13mx0,55m), com testeira e respaldo, conforme detalhe 17/45.","un",2,403.55745000000002,807.11490000000003]
["8.3","Fornecimento e instalação de Balcão em granito polido Verde Ubatuba para WC PÚBLICO E FUNCIONÁRIO MASCULINO  composto por balcão superior para dois lavatórios (2,10mx0,57m), com testeira e respaldo; balcão inferior ppne para um lavatório (1,00mx0,57m) com testeira e respaldo; inclusive montante e mão francesa, conforme detalhe 18/45 e 19/45.","un",8,1464.5511739999999,11716.409392]
["8.4","Fornecimento e instalação de Balcão em granito polido Verde Ubatuba para WC PÚBLICO E FUNCIONÁRIO FEMININO  composto por balcão superior para dois lavatórios (2,92mx0,57m), com testeira e respaldo; balcão inferior ppne para um lavatório (1,00mx0,57m) com testeira e respaldo; inclusive montante e mão francesa, conforme detalhe 18/45 e 19/45.","un",8,1465.868714,11726.949712]
["8.5","Fornecimento e instalação de Balcão em granito polido Verde Ubatuba (1,10mx0,55m) para um lavatório, com testeira e respaldo, conforme detalhe 21/45 A (WC JUIZ - Vara da Infância, Vara a definir e espaço com uso a definir - 1º, 2º e 3º pavimentos).","un",3,393.42221399999994,1180.2666419999998]
["8.6","Fornecimento e instalação de Balcão em granito polido Verde Ubatuba (1,10mx0,60m) para um lavatório, com testeira e respaldo, conforme detalhe 21/45 E (WC JUIZ - Juizado Cível e espaço com uso a definir - 2º e 3º pavimentos).","un",2,414.04455000000002,828.08910000000003]
["8.7","Fornecimento e instalação de Balcão em granito polido Verde Ubatuba (1,38mx0,50m), com recorte, para um lavatório, com testeira e respaldo, inclusive mão francesa, conforme detalhe 21/45 I (WC JUIZ - 1ª Vara Cível, Diretoria do Fórum e espaço com uso a definir - 1º, 2º e 3º pavimentos ).","un",3,461.89677800000004,1385.6903340000001]
["8.8","Fornecimento e instalação de Balcão em granito polido Verde Ubatuba (1,20mx0,52m), com recorte para um lavatório, com testeira e respaldo, inclusive mão francesa, conforme detalhe 21/45 M (WC JUIZ - Vara Criminal; 2ª Vara Cível; Central de Conciliação, Mediação e Arbitragem e espaço com uso a definir - 1º, 2º e 3º pavimentos).","un",6,408.83712000000003,2453.0227199999999]
["8.9","Fornecimento e instalação de Balcão para WC ESCUTA (1º pavto) em granito polido Verde Ubatuba (1,10mx0,45m) para um lavatório, com testeira e respaldo, conforme detalhe 21/45 R.","un",1,352.18998199999999,352.18998199999999]
["8.10","Fornecimento e instalação de Balcão para COPA SALÃO JÚRI em granito polido Verde Ubatuba (1,89mx0,57m) para uma cuba, com testeira e respaldo, inclusive mão francesa, conforme detalhe 22/45.","un",1,634.48316599999998,634.48316599999998]
["8.11","Fornecimento e instalação de Balcão para COPA GERAL DOS PAVIMENTOS em granito polido Verde Ubatuba (1,20mx0,56m) para uma cuba, com testeira e respaldo, inclusive mão francesa, conforme detalhe 23/45.","un",4,426.76865199999997,1707.0746079999999]
["8.12","Fornecimento e instalação de Balcão para LANCHONETE em granito polido Verde Ubatuba em \"L\" comprimento de (4,30+0,75)m, para duas cubas com  testeira e respaldo, inclusive mão francesa, conforme detalhe 24/45.","un",1,1368.8035099999997,1368.8035099999997]
["8.13","Fornecimento e instalação de Bancada para LANCHONETE medindo (2,35x0,55)m em granito polido Verde Ubatuba com tampo superior e tampo inferior, com friso para acabamento, cantoneira, montante e revestimentos frontal e posterior, conforme detalhe 24/45.","un",1,2194.1035059999999,2194.1035059999999]
["8.14","Fornecimento e instalação de Bancada com 7,95m de comprimento para PROGEFORO em granito polido Verde Ubatuba composta por tampo superior e inferior, inclusive montantes bipolidos com bordas arredondadas, testeira medindo 10cm; revestimento frontal e posterior, conforme detalhe 01/45.","un",1,9692.1187979999995,9692.1187979999995]
["8.15","Fornecimento e instalação de Bancada para RECEPÇÃO em \"L\" medindo (1,35x7,02)m em granito polido Verde Ubatuba com tampo superior e inferior, painel com face interna polida e face externa formada por faixas verticais com aproximadamente 12 cm de largura e bizote de 0,005m de acabamento nas extremidades, testeira medindo 10cm; revestimentos frontal e posterior, conforme detalhe 02/45.","un",1,7354.5848420000002,7354.5848420000002]
["8.16","Fornecimento e instalação de Bancada com 7,20m de comprimento para CEMANDO em granito polido Verde Ubatuba composta por tampo superior e inferior, inclusive montante bipolido, testeira medindo 10cm; revestimento frontal e posterior, conforme detalhe 03/45.","un",1,3898.0727700000002,3898.0727700000002]
["8.17","Fornecimento e instalação de Bancada com 7,39m de comprimento para DISTRIBUIÇÃO em granito polido Verde Ubatuba composta por tampo superior e inferior, inclusive montante para acabamento do balcão, testeira medindo 10cm e revestimentos frontal e posterior, conforme detalhe 04/45.","un",1,3968.0223019999999,3968.0223019999999]
["8.18","Fornecimento e instalação de Bancada com 2,00m de comprimento para DEFENSORIA em granito polido Verde Ubatuba composta por tampo superior e inferior, inclusive montante bipolido com borda arredondada, testeira medindo 10cm; revestimento frontal e posterior, conforme detalhe 05/45.","un",1,2773.7034640000002,2773.7034640000002]
["8.19","Fornecimento e instalação de Bancada com 2,70m de comprimento para ATENDIMENTO 1ª e 2ª VARAS CÍVEIS em granito  polido Verde Ubatuba com tampo superior e inferior, testeira medindo 10cm e revestimentos frontal e posterior, conforme detalhe 06/45.","un",2,3083.6859340000001,6167.3718680000002]
["8.20","Fornecimento e instalação de Bancada com 4,15m de comprimento para CENTRAL DE ORDEM ROGATÓRIA E PRECATÓRIA em granito  polido Verde Ubatuba composta por tampo superior e inferior, inclusive testeira medindo 10cm; revestimento frontal e posterior, conforme detalhe 07/45. (2º Pavimento)","un",1,4371.7608759999994,4371.7608759999994]
["8.21","Fornecimento e instalação de Bancada com 2,92m de comprimento para ATENDIMENTO JUIZADO CÍVEL em granito polido Verde Ubatuba com tampo superior e inferior, montantes bipolidos, testeira medindo 10cm e revestimentos frontal e posterior, conforme detalhe 08/45.","un",1,3237.3774619999999,3237.3774619999999]
["8.22","Fornecimento e instalação de Bancada com 3,18m de comprimento para DIRETORIA DO FÓRUM - 2º PAV. em granito  polido Verde Ubatuba composta por tampo superior e inferior, inclusive testeira medindo 10cm; revestimento frontal e posterior, conforme detalhe 09/45.","un",1,3510.0744239999999,3510.0744239999999]
["8.23","Fornecimento e instalação de Bancada com 2,65m de comprimento para ATENDIMENTO VARA CRIMINAL em granito polido Verde Ubatuba com tampo superior e inferior, testeira medindo 10cm e revestimentos frontal e posterior, conforme detalhe 10/45.","un",1,3335.8854700000002,3335.8854700000002]
["8.24","Fornecimento e instalação de Bancada com 3,58m de comprimento para CONCILIAÇÃO E ARBITRAGEM - 2º PAV em granito polido Verde Ubatuba composta por tampo superior e inferior, inclusive testeira medindo 10cm; revestimento frontal e posterior, conforme detalhe 11/45.","un",1,3865.4079940000001,3865.4079940000001]
["8.25","Fornecimento e instalação de Bancada com 3,30m de comprimento para ATENDIMENTO VARA DA INFÂNCIA E VARA A DEFINIR em granito polido Verde Ubatuba composta por tampo superior e inferior, inclusive testeira medindo 10cm; revestimento frontal e posterior, conforme detalhe 12/45.","un",2,3616.6741720000005,7233.3483440000009]
["8.26","Fornecimento e instalação de Bancada com 5,01m de comprimento para QUEIXA em granito polido Verde Ubatuba composta por tampo em granito, inclusive montantes bipolidos com bordas arredondadas, conforme detalhe 13/45.","un",1,3018.3653240000003,3018.3653240000003]
["8.27","Fornecimento e instalação de Bancada com 1,97m de comprimento para SALA DE SOM em granito polido Verde Ubatuba, inclusive testeira medindo 10cm e respaldo medindo 5cm, conforme detalhe 14/45 - Térreo.","un",1,671.28295800000001,671.28295800000001]
["8.28","Fornecimento e instalação de Bancada com 4,60m de comprimento para JUIZ no Salão do Júri em granito polido Verde Ubatuba composta por bancada central e duas bancadas laterais, com friso para acabamento, respaldo e chapim na parte superior, dois montantes laterais, revestimentos frontal e posterior, conforme detalhe 15/45.","un",1,6359.8381719999998,6359.8381719999998]
["8.29","Fornecimento e instalação de Bancada com 5,55m de comprimento para JURADOS no Salão do Júri em granito polido Verde Ubatuba composta por montantes internos e laterais bipolidos com friso para acabamento, revestimentos frontal e posterior, conforme detalhe 15/45.","un",1,4388.2059960000006,4388.2059960000006]
["8.30","Fornecimento e instalação de Chapim no SALÃO DO JÚRI em granito Verde Ubatuba com encabeçamento duplo (14,23mx0,20m), inclusive revestimentos frontal e posterior, conforme detalhe 15/45.","m",14.23,117.73466999999999,1675.3643540999999]
["8.31","Fornecimento e instalação de Bancada com 1,40m de comprimento para PROMOTORIA e DEFESA  no Salão do Júri em granito polido Verde Ubatuba composta por montantes, com friso para acabamento, revestimentos frontal e posterior, conforme detalhe 15/45.","un",2,2861.5478200000002,5723.0956400000005]
["8.32","Fornecimento e instalação de Placas em granito polido Verde Ubatuba com acabamento bizotado de 1cm para revestimento da parede dos ELEVADORES, conforme detalhe 25/45. ","m²",19,370.29548599999998,7035.6142339999997]
["8.33","Fornecimento e instalação de Moldura para porta dos ELEVADORES em granito polido Verde Ubatuba com acabamento reto, sacando 0,005m, com altura de 2,12m e largura de 0,95m, conforme detalhe 25/45.","m",52,61.576917999999999,3201.9997359999998]
["8.34","Fornecimento e instalação de Piso em granito polido com faixas flamejadas de 0,07m Verde Ubatuba, com placas de 0,80mx0,70m, conforme detalhe 25/45 E. (Piso dos Elevadores)","m²",4.5,296.45016999999996,1334.0257649999999]
["8.35","Fornecimento e instalação de Moldura para PORTA DO SALÃO DO JÚRI com altura de 2,12m e largura de 2,35m, em granito polido Verde Ubatuba com acabamento reto, 2cm de espessura, sacando 0,005m, conforme detalhe 26/45.","m",6.6,61.576917999999999,406.40765879999998]
["8.36","Fornecimento e instalação de Montantes nos BANHEIROS COLETIVOS em granito bipolido Verde Ubatuba, com 2,0 cm de espessura, engastado em parede/piso, acabamento reto, para divisão dos banheiros e mictórios, conforme detalhe 19/45.","m²",147,424.882496,62457.726911999998]
["8.37","Fornecimento e instalação de Friso em granito polido Verde Ubatuba com 4cm, acabamento reto. (PAREDES DA CIRCULAÇÃO, DML, COPAS e LANCHONETE)","m",562,26.858481999999999,15094.466883999999]
["8.38","Fornecimento e instalação de ESPELHOS em granito Verde Ubatuba com largura de 20cm para os desníveis do SALÃO DO JÚRI.","m",59,66.795994000000007,3940.9636460000006]
["8.39","Fornecimento e instalação de SOLEIRAS em granito Verde Ubatuba com largura de 15cm.","m",222,44.459302000000001,9869.9650440000005]
["8.40","Fornecimento e assentamento de faixas antiderrapantes em granito Verde Ubatuba, com 6cm de largura. (Degraus escadas internas)","m",268,25.291651999999999,6778.1627360000002]
["8.41","Fornecimento e assentamento de  DIVIBOX em granito Verde Ubatuba medindo 7cm de altura e 4cm de espessura. ","m",4.8,48.792388000000003,234.20346240000001]
["8.42","Fornecimento e instalação de piso (degrau) para ESCADA DE ACESSO PRINCIPAL em granito  flamejado Verde Ubatuba com faixa antiderrapante com largura de 30cm, conforme detalhe 36/45. (DEGRAUS)","m",93,96.443175999999994,8969.2153679999992]
["8.43","Fornecimento e instalação de espelho para ESCADA DE ACESSO PRINCIPAL em granito polido Verde Ubatuba com altura de 18cm, conforme detalhe 36/45.","m",93,53.360210000000002,4962.49953]
["8.44","Fornecimento e instalação de faixa de contorno em granito Verde Ubatuba flamejado com largura de até 30cm, conforme detalhe 36/45. (Faixa de contorno escada posterior)","m",33,96.443175999999994,3182.6248079999996]
["8.45","Fornecimento e instalação de Revestimento em granito polido Verde Ubatuba em faixa de 10cm de largura, com acabamento reto nas laterais, para rampa de acesso principal, conforme detalhe 37/45. (Faixa superior de contorno da rampa - local assent. Corrimão)","m",48,44.649149999999999,2143.1592000000001]
["8.46","Fornecimento e instalação de Revestimento em granito polido Verde Ubatuba em faixa de 5cm de largura, para rampa de acesso principal, conforme detalhe 37/45. (Face interna de contorno da rampa - local assent. Corrimão)","m",48,29.825235999999997,1431.611328]
["8.47","Fornecimento e instalação de Revestimento em granito polido Verde Ubatuba em faixa de 25cm de largura, para rampa de acesso principal, conforme detalhe 37/45. (Face externa de contorno da rampa - local assent. Corrimão)","m",48,89.108452,4277.205696]
["8.48","Fornecimento e instalação de Piso em granito flamejado Verde Ubatuba em placas de 50x50cm com acabamento bizotado de 1cm para RAMPA E ESCADA, conforme detalhe 36/45.","m²",98,370.29548599999998,36288.957627999996]
["9.0","PINTURA ","-","-",0,0]
["9.1","Aplicação e lixamento de massa látex em paredes, duas demãos. ","m²",9217,7.79556,71851.676519999994]
["9.2","Aplicação de fundo selador látex pva em paredes, duas demão. ","m²",9217,2.2313179999999999,20566.058005999999]
["9.3","Aplicação manual de pintura com tinta látex acrílica em paredes na cor branco neve, duas demãos. ","m²",9217,8.2794819999999998,76311.985593999998]
["9.4","Aplicação e lixamento de massa látex em teto, duas demãos. ","m²",950,14.339,13622.050000000001]
["9.5","Aplicação de fundo selador látex pva em teto, uma demão. ","m²",950,2.380598,2261.5681]
["9.6","Aplicação manual de pintura com tinta látex pva em teto, duas demãos.","m²",950,7.307372,6942.0033999999996]
["9.7","Pintura acrílica em piso cimentado, duas demãos.","m²",28.1,9.3377879999999998,262.39184280000001]
["9.8","Pintura acrílica de faixas de demarcação, 10 cm de largura (estacionamento).","m",402,14.433002,5802.066804]
["9.9","Pintura esmalte brilhante (2 demãos) sobre superfície metálica, inclusive proteção com zarcão (1 demão)","m²",341,26.794926,9137.0697660000005]
["9.10","Emassamento com massa a óleo, duas demãos.","m²",220,13.100074000000001,2882.0162800000003]
["9.11","Pintura esmalte sintético acetinado cor branco neve, duas demãos, sobre as grades das portas em madeira maciça.","m²",220,12.212774,2686.8102799999997]
["10.0","ESQUADRIAS","-","-",0,0]
["10.1","Fornecimento e instalação de esquadrias tipo \"PELE DE VIDRO\", em alumínio anodizado cor bronze, com vidro laminado refletivo 6mm na cor verde, composta por painéis fixos e painéis de abrir tipo maximar, inclusive fechos e braços articulados em alumínio anodizado bronze, conforme projetos. (EPV1)","m²",292,1052.222988,307249.11249600002]
["10.2","Instalação de contramarco para esquadrias em perfil CM200 ALCOA ou equivalente.","m",1750,33.002046,57753.580499999996]
["-","Portas","-","-",0,0]
["10.3","Fornecimento e assentamento de Kit Porta Pronta PM1 (dim.=0,90x2,10m), com porta  contraplacada  em compensado de madeira com lâmina corrupixá ou Liptos, com 3,5cm de espessura, revestida em laminado melamínico cor branca, inclusive fitamento lateral  da porta em PVC, com enchimento em sarrafos de madeira (sarrafeada) grade e alizares em madeira Liptus em tábuas secas em estufa com acabamento em primer branco, chumbada com espuma de poliuretano, dobradiças reforçadas  em inox com rolamento, de 3 1/2 x 3\", fechadura  tipo alavanca com roseta e cilindro, acabamento em latão patinado,  marca La Fonte, Imab ou equivalente, código HI MARS, conforme detalhe. ","un",147,642.39488400000005,94432.047948000007]
["10.4","Fornecimento e assentamento de Kit Porta Pronta PM2 (dim.=0,70x2,10m),  com porta  contraplacada  em compensado de madeira com lâmina corrupixá ou Liptos, com 3,5cm de espessura, revestida em laminado melamínico cor branca, inclusive fitamento lateral  da porta em PVC, com enchimento em sarrafos de madeira (sarrafeada) grade e alizares em madeira Liptus em tábuas secas em estufa com acabamento em primer branco, chumbada com espuma de poliuretano, dobradiças em inox com rolamento, de 3 1/2 x 3\", fechadura   tipo alavanca com roseta e cilindro, acabamento em latão patinado, marca La Fonte, Imab ou equivalente, código HI MARS, conforme detalhe. (Wc's juízes)","un",24,628.98510599999997,15095.642543999998]
["10.5","Fornecimento e assentamento de porta PM3 (dim.=0,90x1,60m) Alcoplac da Neocom ou equivalente, com painéis em laminado estrutural TS-10mm, (fórmica maciça com 10mm de espessura), acabamento texturizado dupla face, cor a definir, batente em perfil especial de alumínio anodizado natural, incluindo ferragens, fechadura tipo tarjeta com indicação \"Livre/ocupado\" em nylon. Chapa em Inox conforme NBR 9050, conforme detalhe. (Wc PPNE)","un",16,659.50048399999991,10552.007743999999]
["10.6","Fornecimento e assentamento de porta PM4 (dim.=0,60x1,60m) Alcoplac da Neocom ou equivalente, em laminado estrutural TS-10mm, acabamento texturizado dupla face, cor a definir, batente em perfil especial de alumínio anodizado natural, incluindo ferragens, fechadura tipo tarjeta com indicação \"Livre/ocupado\" em nylon, conforme detalhe. (Wc)","un",56,569.47688199999993,31890.705391999996]
["10.7","Fornecimento e assentamento de Kit Porta Pronta - PM5 (dim.=1,8x2,10m), om porta  contraplacada  em compensado de madeira com lâmina corrupixá ou Liptos,com3,5cm de espessura, revestida em laminado melamínico cor branca, inclusive fitamento lateral  da porta em PVC, com enchimento em sarrafos de madeira(sarrafeada) grade e alizares em madeira Liptus em tábuas secas em estufa com acabamento em primer branco, chumbada com espuma de poliuretano, dobradiças reforçadas  em inox com rolamento, de 3 1/2 x 3\", fechadura tipo alavanca com roseta e cilindro, acabamento em latão patinado, marca La Fonte, Imab ou equivalente, código HI MARS, conforme detalhe. ","un",1,1439.8815760000002,1439.8815760000002]
["10.8","Fornecimento e assentamento de porta corta fogo (PCF), conforme NBR 1174 ABNT, de abrir com 01 folha tipo leve (60 min de isolação), pintada com esmalte sintético na cor platina sobre emassamento de fundo anticorrosivo, com fechamento automático e barra de abertura anti-pânico, nas dimensões: (1,20x2,10)m, inclusive grade, ferragens, acessórios, conforme detalhe. (Escadas)","un ",11,5232.789522,57560.684741999998]
["10.9","Fornecimento e assentamento de porta (PVJ1) em vidro temperado jateado 8mm, (0,60x1,80m) de giro, 01 (uma) folha, fechadura com batedor tarjeta livre/ocupado, IMAB ou equivalente e dobradiças para fixação em chapa de granito natural. (BWC MASC/FEM)","un ",12,431.39142399999997,5176.6970879999999]
["10.10","Fornecimento e assentamento de Porta em esquadria de vidro temperado verde (PVT1), espessura 10mm, com duas folhas de abrir 1,15mx2,10m cada folha, inclusive ferragens, conforme detalhe. (Salão do Júri, auditório e espera -vara infância)","un ",3,2842.9076719999998,8528.7230159999999]
["10.11","Fornecimento e assentamento de Porta em esquadria de alumínio (PAV1) anodizado bronze com vidro laminado na cor verde, espessura de 6mm, com quatro folhas, sendo duas de correr e duas fixas, dim (8,17x2,83m) Hall de entrada.","un ",1,23732.923198,23732.923198]
["10.12","Fornecimento e assentamento de Porta (PA1) em esquadria de alumínio anodizado bronze com venezianas industriais, de abrir, com uma folha dim (1,00x2,10m).","un ",13,1170.7341080000001,15219.543404000002]
["10.13","Fornecimento e assentamento de porta PA2 (dim.=1,40x2,80m) em esquadria de alumínio anodizado bronze com venezianas industriais, com 02 folhas,  com (0,70x2,25m) cada, inclusive bandeira fixa com (dim.=1,40x0,55m)m, conforme detalhe.","un ",1,2382.6666,2382.6666]
["10.14","Fornecimento e assentamento de Porta (PA3) em esquadria de alumínio anodizado bronze com venezianas industriais, de giro com uma folha dim (0,90x2,10m). ","un ",1,1231.5987279999999,1231.5987279999999]
["10.15","Fornecimento e assentamento de Porta (PA4) em esquadria de alumínio anodizado bronze com venezianas industriais, de giro com uma folha dim (0,80x2,10m). ","un ",9,1069.096348,9621.8671319999994]
["10.16","Fornecimento e assentamento de Porta (PA5) em esquadria de alumínio anodizado bronze com venezianas industriais, de giro com uma folha dim (0,60x2,10m). (Laje condensadores)","un ",3,809.82498999999996,2429.4749699999998]
["10.17","Fornecimento e assentamento de Porta (PA7) em esquadria de alumínio anodizado bronze com venezianas industriais, de giro com uma folha, medindo (0,90x2,20)m, para fechamento dos Shaft´s das Salas Técnicas. (Shaft das salas técnicas)","un ",24,821.06975,19705.673999999999]
["10.18","Fornecimento e assentamento de Porta (PF1) em fibra de vidro lisa Modelglass ou equivalente, cor branco gelo, medindo (1,83x0,70)m, para fechamento dos Shaft´s dos Wc´s, DML, Depósito e Salão do Júri. (Shaft wc's e DML, depósito e salão do Júri)","un ",26,323.98030599999998,8423.487955999999]
["10.19","Fornecimento e instalação de mola para porta, aérea com braço articulado, inclusive instalação.","un ",35,97.118959999999987,3399.1635999999994]
["-","Janelas","-","-",0,0]
["10.20","Fornecimento e instalação de janela em alumínio anodizado bronze tipo correr, com vidro liso verde, espessura de 6mm, dimensão (14,58x1,70)m - JAV1. (Fachada Frontal - DET 01/36)","un",12,10987.956266000001,131855.47519200001]
["10.21","Fornecimento e instalação de janela em alumínio anodizado bronze tipo maximar, com vidro liso verde, espessura de 6mm, dimensão (0,40x0,90)m - JAV2. (WC'S - DET 02/36)","un",21,143.95412400000001,3023.0366040000004]
["10.22","Fornecimento e instalação de janela em alumínio anodizado bronze tipo correr, com vidro liso verde, espessura de 6mm, dimensão (7,28x1,70)m - JAV3. (Laje para condensadores - DET 02/36)","un",1,5692.6858579999998,5692.6858579999998]
["10.23","Fornecimento e instalação de janela com porta de alumínio anodizado bronze tipo correr, com vidro liso verde, espessura de 6mm, dimensão (6,05x1,70)m e (1,23x2,80)m - JAV3. (Laje condensadores - DET 03/36)","un",3,5947.7388760000003,17843.216628000002]
["10.24","Fornecimento e instalação de janela em alumínio anodizado bronze tipo correr, com vidro liso verde, espessura de 6mm, dimensão (6,96x1,70)m - JAV4. (Laje condensadores - DET 03/36)","un",4,5337.887436,21351.549744]
["10.25","Fornecimento e instalação de janela em alumínio anodizado bronze tipo correr, com vidro liso verde, espessura de 6mm, dimensão (6,96x0,90)m - JAV5. (Laje condensadores - DET 04/36)","un",4,1524.4360200000001,6097.7440800000004]
["10.26","Fornecimento e instalação de janela em alumínio anodizado bronze tipo correr e uma folha fixa, com vidro liso verde, espessura de 6mm, dimensão (7,28x0,90)m - JAV6. (Laje condensadores - DET 05/36)","un",4,2977.8585240000002,11911.434096000001]
["10.27","Fornecimento e instalação de janela em alumínio anodizado bronze tipo correr, com vidro liso verde, espessura de 6mm, dimensão (6,00x0,90)m - JAV7. (Depósito de  Bens Apreendidos, Sala dos Jurados, BWC, Auditório - DET 06/36)","un",5,2626.2782219999999,13131.39111]
["10.28","Fornecimento e instalação de janela em alumínio anodizado bronze tipo correr, com vidro liso verde, espessura de 6mm, dimensão (1,40x0,90)m - JAV8. (Depósito, Arquivo geral, Auditório, Promotoria, Salas 1 e 2 dos 3º e 4º pavimentos - DET 07/36)","un",16,579.35886800000003,9269.7418880000005]
["10.29","Fornecimento e instalação de janela em alumínio anodizado bronze tipo correr, com vidro liso verde, espessura de 6mm, dimensão (5,13x1,70 + 1,30x2,80)m - JAV9. (Laje condensadores - DET 08/36)","un",3,4024.8026900000004,12074.408070000001]
["10.30","Fornecimento e instalação de janela em alumínio anodizado bronze tipo correr, com vidro liso verde, espessura de 6mm, dimensão (6,75x1,70)m - JAV10. (Laje condensadores - DET 09/36)","un",3,5098.7317920000005,15296.195376000001]
["10.31","Fornecimento e instalação de janela em alumínio anodizado bronze tipo correr, com vidro liso verde, espessura de 6mm, dimensão (4,00x1,70)m - JAV11. (Circulação, Salão do Júri e Sala de espera - DET 10/36)","un",4,3129.1161440000001,12516.464576]
["10.32","Fornecimento e instalação de janela em alumínio anodizado bronze tipo maximar, com vidro liso verde, espessura de 6mm, dimensão (0,95x0,90)m - JAV12. (COPA DA CAIXA DE ESCADA térreo, 1º, 2º, 3º e 4º pavimentos)","un",4,431.234872,1724.939488]
["10.33","Fornecimento e instalação de janela em alumínio anodizado bronze tipo FIXA, com vidro liso verde, espessura de 6mm, dimensão (0,95x0,90)m - JAV13. (CAIXA DE ESCADA NORTE E SUL - térreo, 1º, 2º, 3º e 4º pavimentos - DET (11/36)","un",3,420.242954,1260.7288619999999]
["10.34","Fornecimento e instalação de janela em alumínio anodizado bronze tipo CORRER, com vidro liso verde, espessura de 6mm, dimensão (6,43x0,90)m - JAV16. (Próxima às celas - DET 13/36)","un",1,2854.6227339999996,2854.6227339999996]
["10.35","Fornecimento e instalação de janela em alumínio anodizado bronze tipo CORRER, com vidro liso verde, espessura de 6mm, dimensão (6,75x0,90)m - JAV17. (Próxima às celas - DET 14/36)","un",1,2810.6557080000002,2810.6557080000002]
["10.36","Fornecimento e instalação de janela em alumínio anodizado bronze tipo correr, com vidro liso verde, espessura de 6mm, dimensão (4,80x0,90)m - JAV18. (Laje para condensadores - DET 15/36)","un",5,2124.3317899999997,10621.658949999999]
["10.37","Fornecimento e instalação de visor fixo em alumínio anodizado na cor bronze e vidro laminado incolor, espessura de 6mm, dimensão (2,20x1,00)m - V1. (Sala dos juízes 1º e 2º pavimentos - DET 16/36)","un",6,1085.740454,6514.4427240000005]
["10.38","Fornecimento e instalação de visor fixo em alumínio anodizado na cor bronze e vidro laminado incolor, espessura de 6mm, dimensão (1,80x1,30)m - V2. (Sala de reconhecimento suspeito  térreo e reconhecimento/ custódia 1º pavimento - DET 16/36)","un",2,1137.1079119999999,2274.2158239999999]
["10.39","Fornecimento e instalação de visor fixo em alumínio anodizado na cor bronze e vidro laminado incolor, espessura de 6mm, dimensão (1,60x1,30)m - V3. (Sala de som e custódia - térreo - DET 16/36)","un",2,1176.977122,2353.954244]
["10.40","Fornecimento e instalação de veneziana fixa em alumínio anodizado cor  bronze tipo, dimensão (0,65x1,0)m - JA01. (Ático - acesso coberta - DET 17/36)","un",1,499.27067,499.27067]
["10.41","Fornecimento e instalação de veneziana fixa em alumínio anodizado na cor  bronze tipo , dimensão (0,60x0,90)m - JA02. (Ático - local caixa elevador - DET 17/36)","un",2,319.68991,639.37982]
["10.42","Fornecimento e instalação de veneziana fixa em alumínio anodizado na cor  bronze tipo , dimensão (0,90x1,40)m - JA03. (Ático - local caixa d'água - DET 18/36)","un",3,745.92303599999991,2237.7691079999995]
["10.43","Fornecimento e instalação de veneziana fixa em alumínio anodizado na cor  bronze tipo, dimensão (0,70x1,35)m - JA04. (Acesso coberta - DET 18/36)","un",1,636.46300999999994,636.46300999999994]
["10.44","Fornecimento e instalação de veneziana fixa em alumínio anodizado na cor  bronze tipo, dimensão (6,43x0,90)m - JA05. (Acesso coberta - DET 19/36)","un",1,3418.7595499999998,3418.7595499999998]
["10.45","Fornecimento e instalação de veneziana fixa em alumínio anodizado na cor  bronze, dimensão (4,07x0,90)m - JA06. ( Semi enterrado) DET (20/36)","un",1,2199.67173,2199.67173]
["10.46","Fornecimento e instalação de veneziana fixa em alumínio anodizado na cor  bronze, dimensão (8,51x0,90)m - JA07. (Semi enterrado) DET (21/36)","un",1,4507.8386479999999,4507.8386479999999]
["10.47","Fornecimento e instalação de veneziana fixa em alumínio anodizado na cor  bronze, dimensão (14,58x0,90)m - JA09. (Semi enterrado) DET (23/36)","un",1,6899.6616619999995,6899.6616619999995]
["10.48","Fornecimento e instalação de veneziana fixa em alumínio anodizado na cor  bronze, dimensão (4,0x0,90)m - JA10. (Semi enterrado) DET (24/36)","un",1,1897.4093320000002,1897.4093320000002]
["10.49","Fornecimento de película espelhada para vidro, inclusive aplicação.","m²",268,96.576288000000005,25882.445184]
["11.0 ","GRADES, PORTÕES E GRADIL","-","-",0,0]
["11.1","Fornecimento e instalação de Gradil externo Eletrogradi Sitela ou equivalente, cor verde, conforme detalhe. (Entrada PRINCIPAL)","m²",137,232.94678199999998,31913.709133999997]
["11.2","Fornecimento e instalação de PORTÃO de correr com rodízio para acesso de VEÍCULOS medindo (5,10x2,11)m, com arame em aço MTC, camada de zinco, revestimento em Poliéster aplicado eletrostaticamente com camadas de 100 a 200 micons, montantes em tubo industrial com pintura eletrostática cor verde, referência Eletrogradi - da SITELA ou equivalente da BELGO modelo Nylofor 3D, conforme detalhe 32/45 A.","un",1,3350.6404039999998,3350.6404039999998]
["11.3","Fornecimento e instalação de PORTÃO de correr com rodízio para acesso de VEÍCULOS ao semi enterrado, medindo (3,00x2,56)m, com arame em aço MTC, camada de zinco, revestimento em Poliéster aplicado eletrostaticamente com camadas de 100 a 200 micons, montantes em tubo industrial com pintura eletrostática cor verde, referência Eletrogradi - da SITELA ou equivalente da BELGO modelo Nylofor 3D, conforme detalhe 32/45 B. (Semienterrado)","un",1,2485.5082539999999,2485.5082539999999]
["11.4","Fornecimento e instalação de PORTÃO pivotante para acesso PEDESTRES, medindo (5,10x2,11)m, com arame em aço MTC, camada de zinco, revestimento em Poliéster aplicado eletrostaticamente com camadas de 100 a 200 micons, montantes em tubo industrial com pintura eletrostática cor verde, referência Eletrogradi - da SITELA ou equivalente da BELGO modelo Nylofor 3D, conforme detalhe 33/45.","un",1,3737.9800380000001,3737.9800380000001]
["11.5","Fornecimento e assentamento de grade de proteção em ferro (Janelas), com barra chata 1\" x 1/8\", formando quadros com espaçamento = 15cm e moldura de contorno em barra chata de 1\" x 1/4\", pintados com zarcão ou antiferrugem, conforme detalhe. (Chumbadas por dentro do fórum).","m²",105,299.02074400000004,31397.178120000004]
["11.6","Fornecimento e assentamento de grade de proteção em ferro (Portas), com barra chata 1\" x 3/16\" formando quadros com espaçamento = 15cm e moldura de contorno em barra chata de 1\" x 1/4\", batedor de grade de porta em barra chata de 1\" x 1/8\", ferrolho com barra chata de 1\" x 1/4\", pintados com zarcão ou antiferrugem, inclusive fechadura Brasil ou equivalente, conforme detalhe.","m²",9.6999999999999993,349.77485200000001,3392.8160644]
["11.7","Fornecimento e instalação de grades das celas (porta), em barra chata de 1 1/4\" x 1/4\" com varões de ferro de 3/4\", moldura de contorno de 1.1/4'' x 1/4'' e cantoneira em \"L\" de 1.1/4'' x 3/16'' pintada com aplicação de zarcão ou antiferrugem, inclusive travas ou ferrolhos especiais, conforme detalhe.","m²",6.8,343.71017000000001,2337.2291559999999]
["11.8","Fornecimento e instalação de grades das celas (janela), em barra chata de 1 1/4\" x 1/4\" com varões de ferro de 3/4\", moldura de contorno de 1.1/4'' x 1/4'' e cantoneira em \"L\" de 1.1/4'' x 3/16'' pintada com aplicação de zarcão ou antiferrugem, conforme detalhe.","m²",15,274.74893000000003,4121.2339500000007]
["11.9","Fornecimento e instalação de Gradil em alumínio anodizado bronze com venezianas industriais para áreas dos Split, conforme detalhe 35/45 A.","m²",164,426.03327999999999,69869.457920000001]
["12.0","CORRIMÃOS E BARRAS DE APOIO","-","-",0,0]
["12.1","Fornecimento e instalação de corrimão em aço inox AISI 304, escovado, composto de guarda corpo com diâmetro de 1 1/2\" e altura em relação ao piso de 1,10m; corrimãos com diâmetro de 1 1/2\", com alturas em relação ao piso de 0,92m e 0,70m; longarinas intermediárias com diâmetro de 1/2\", com alturas em relação ao piso de 0,44m e 0,25m; balaústre de aço inox com diâmetro de 1 1/2\", fixado no piso com roseta em aço inox nas dimensões 5\" x 1/8\" e chumbador metálico tipo UR 6mm, conforme detalhes de arquitetura-Prancha 19/46. (Rampa e escada principal)- CORRIMÃO INOX PISO - TIPO 1.","m",78,422.873988,32984.171064000002]
["12.2","Fornecimento e instalação de corrimão duplo, em aço inox escovado, com diâmetro de 1 1/2\", altura de 0,92m (parte superior) e 0,70m (parte inferior), fixado na parede com tubo em \"L\", diâmetro 3/4\", inclusive roseta de acabamento, conforme detalhes de arquitetura-Prancha 20/46. CORRIMÃO INOX PAREDE - TIPO 2","m",1.2,375.99283800000001,451.1914056]
["12.3","Fornecimento e instalação de Corrimão em aço inox escovado, composto por guarda corpo com diâmetro de 1 e 1/2\", longarinas intermediárias com diâmetro de 1/2\", e corrimão duplo (NOS DOIS LADOS DO GUARDA CORPO) com diâmetro de 1 e 1/2\". Altura do guarda corpo de 1,10m e do corrimão duplo de 0,92m (parte superior) e 0,70m (parte inferior). Balaústres com diâmetro de 1 e 1/2\", fixados ao chão com roseta de fixação. Detalhe 18/46 Escada de acesso principal. CORRIMÃO INOX PISO - TIPO 3.","m",3,528.604602,1585.8138060000001]
["12.4","Fornecimento e assentamento de  Corrimão tubular em ferro com diâmetro 1  1/2\" com tubo em \"L\" com diâmetro de 3/4\", fixado na parede com roseta de acabamento, inclusive pintura automotiva, conforme detalhe. (Escada interna) - CORRIMÃO FERRO PAREDE - TIPO 5.","m",151,114.99169000000001,17363.745190000001]
["12.5","Fornecimento e assentamento de barra de apoio, em aço inox, Ø =1 1/2\" fixada na parede com parafusos, com 0,40m de comprimento. Barras de apoio com cantos retos, sem curvas e com extremidades em flange. (WC PPNE)","m",16,146.59261800000002,2345.4818880000003]
["12.6","Fornecimento e assentamento de barra de apoio, em aço inox, Ø =1 1/2\" fixada na parede com parafusos, com 0,70m de comprimento. Barras de apoio com cantos retos, sem curvas e com extremidades em flange. (WC PPNE)","un",8,232.806758,1862.454064]
["12.7","Fornecimento e assentamento de barra de apoio, em aço inox, Ø =1 1/2\" fixada na parede com parafusos, com 0,80m de comprimento. Barras de apoio com cantos retos, sem curvas e com extremidades em flange. (WC PPNE)","un",8,247.089292,1976.714336]
["13.0","IMPERMEABILIZAÇÃO","-","-",0,0]
["13.1","Contrapiso em argamassa traço 1:4 (cimento e areia), preparo mecânico com betoneira 400 L, aplicado em áreas secas sobre laje, aderido, espessura 2cm, acabamento não reforçado. ","m²",{"$f":"498","v":498},18.788824000000002,9356.8343520000017]
["13.2","Impermeabilização de superfície com manta asfáltica protegida com filme de alumínio gofrado (de espessura 0,8mm), inclusa aplicação de emulsão asfáltica, e=3mm. (Algeroz/rufo, platibanda)","m²",1016,74.509743999999998,75701.899903999991]
["13.3","Impermeabilização com argamassa polimérica três demãos e aplicação de véu de poliéster ou equivalente. (Reservatório superior e demais áreas molhadas)","m²",656,40.641391999999996,26660.753151999997]
["13.4","Proteção mecânica de superfície com argamassa cimento e areia traço 1:3 e= 2,0cm. (Demais áreas molhadas)","m²",498,19.929948,9925.1141040000002]
["14.0","COBERTA","-","-",0,0]
["14.1","Estrutura de coberta em madeira de lei, para telhas onduladas de fibrocimento, alumínio ou plásticas - vão de até 10m.","m²",1570,56.44462,88618.053400000004]
["14.2","Telhamento com telha ondulada de fibrocimento, com recobrimento lateral de 1 1/4 de onda para telhado com inclinação máxima de 10°, com até 2 águas, incluso içamento.","m²",1570,41.886420000000001,65761.679400000008]
["14.3","Concreto armado pronto, Fck 15MPa, condição B (NBR 12655), lançado em lajes e adensado, inclusive forma, escoramento e ferragem. (Rufo/ Algeroz 40x3cm)","m³",1.02,1788.6788879999999,1824.45246576]
["14.4","Fornecimento e instalação de MARQUISE em estrutura metálica com pintura eletrostática na cor Bronze, dimensões (8,61x6,22)m para coberta da ENTRADA PRINCIPAL, atirantada com cabos de aço na fachada do prédio, com perfis principais e secundários laminados, pintura com uma demão de cromato de zinco com espessura de 80 micras, 02 demãos de cores diferentes de esmalte sintético com espessura mínima de 70 micras cada demão, calha galvanizada esp 2mm, largura 35cm, inclusive revestimento em chapas de Alumínio Composto \"ACM\" tipo Tecbond ou equivalente, com espessura de 3,00mm, cor bronze, lateral direita, Day Brasil ou equivalente, e chapas  de policarbonato compacto 6mm, cor verde, inclusive acessórios de fixação, conforme especificações e projetos fornecidos. (Detalhe 34/45)","un",1,34498.307664,34498.307664]
["15.0","FORRO","-","-",0,0]
["15.1","Fornecimento e instalação de forro removível em painéis de lã mineral, THERMATEX STAR  da AMF ou equivalente, nas dimensões de 625x1250mm, espessura de 19mm, estruturado com perfis metálicos com acabamento na cor branca. Ver paginação do forro.","m²",6130,70.989664000000005,435166.64032000001]
["15.2","Fornecimento e instalação de perfil de aço clicável, revestido com alumínio pintado eletrostaticamente na cor branca, no tamanho de 1,25m para acabamento de luminária retangular a ser instalada em forro de lã mineral.","un",858,8.4370119999999993,7238.9562959999994]
["15.3","Fornecimento e aplicação de forro de gesso acartonado, estruturado com perfis metálicos, arame 10, com placas de 1,20 x 2,40m, espessura de 12,5 mm.","m²",69,46.734278000000003,3224.6651820000002]
["15.4","Fornecimento e aplicação de borda de acabamento em forro de gesso em placas 60 x 60 cm, espessura 1,2 cm, inclusive fixação com arame, conforme planta de paginação de forro.","m²",593,19.085853999999998,11317.911421999999]
["16.0","INSTALAÇÕES HIDROSSANITÁRIAS / SISTEMA DE DESTINO FINAL DE ESGOTO  ","-","-",0,0]
["16.1","Ponto de esgoto para bacia sanitária, inclusive tubulações e conexões em PVC rígido soldáveis, até a coluna ou o sub-coletor.","pt",95,65.088666000000003,6183.4232700000002]
["16.2","Ponto de esgoto para pia ou lavandaria, inclusive tubulações e conexões em PVC rígido soldáveis, até a coluna ou o sub-coletor.","pt",7,71.744675999999998,502.21273199999996]
["16.3","Ponto de esgoto para lavatório ou mictório, inclusive tubulações e conexões em PVC rígido soldáveis, até a coluna ou o sub-coletor.","pt",79,69.668931999999998,5503.845628]
["16.4","Ponto de água, inclusive tubulações e conexões de PVC rígido soldável e abertura de rasgos em alvenaria, até o registro geral do ambiente.","pt",205,56.705106000000001,11624.54673]
["16.5","Ponto de esgoto para ralo sifonado, inclusive ralo, tubulações e conexões em PVC rígido soldáveis, até a coluna ou o sub-coletor.","pt",56,69.157596000000012,3872.8253760000007]
["16.6","Caixa coletora de inspeção ou de areia com paredes em alvenaria, laje de tampa e de fundo em concreto, revestida internamente com argamassa de cimento e areia 1:4, dimensões internas 0,60 x 0,60m, com profundidade até 1,0m com inscrição em baixo relevo.","un",32,398.09851200000003,12739.152384000001]
["16.7","Caixa de gordura com paredes em alvenaria, laje de tampa e de fundo em concreto, revestida internamente com argamassa de cimento e areia 1:4, dimensões internas 0,50 x 0,50 x 0,50m com chicana de concreto.","un",3,247.85713600000003,743.57140800000002]
["16.8","Fornecimento e assentamento de tubos soldáveis de PVC rígido diâmetro 25 mm, inclusive conexões e abertura de rasgos em alvenaria, para colunas de água e barriletes.","m",510,11.32743,5776.9893000000002]
["16.9","Fornecimento e assentamento de tubos soldáveis de PVC rígido diâmetro 25 mm, inclusive conexões  abertura e fechamento de valas.","m",273,10.391679999999999,2836.9286399999996]
["16.10","Fornecimento e assentamento de tubos soldáveis de PVC rígido diâmetro 32 mm, inclusive conexões  abertura e fechamento de valas para alimentador predial. (dreno ar condicionado)","m",1490,13.375561999999999,19929.587379999997]
["16.11","Fornecimento e assentamento de tubos soldáveis de PVC rígido diâmetro 40 mm, inclusive conexões e abertura de rasgos em alvenaria, para colunas de água e barriletes.","m",45,20.017817999999998,900.80180999999993]
["16.12","Fornecimento e assentamento de tubos soldáveis de PVC rígido diâmetro 50 mm, inclusive conexões e abertura de rasgos em alvenaria, para colunas de água, barrilete Extravasor, limpeza e sucção.","m",144,23.582172,3395.8327680000002]
["16.13","Fornecimento e assentamento de tubos de PVC rígido soldáveis, diâmetro 50mm, para ventilação de esgoto.","m",92,13.389756000000002,1231.8575520000002]
["16.14","Fornecimento e assentamento de tubos soldáveis de PVC rígido diâmetro 60 mm, inclusive conexões e abertura de rasgos em alvenaria, para  colunas de água e barriletes.","m",94,30.8001,2895.2094000000002]
["16.15","Fornecimento e assentamento de tubos soldáveis de PVC rígido diâmetro 75 mm, inclusive conexões e abertura de rasgos em alvenaria, para colunas de água e barriletes.","m",20,42.007261999999997,840.14523999999994]
["16.16","Tubulação PVC esgoto predial Ø 75mm, para coletores ou sub-coletores de esgoto ou águas pluviais, inclusive abertura e fechamento de valas.","m",58,18.528508000000002,1074.6534640000002]
["16.17","Fornecimento e assentamento de tubos de PVC rígidos soldáveis diâmetro 100mm para coletores e sub-coletores de esgoto ou águas pluviais, inclusive abertura e fechamento de valas.","m",140,25.084091999999998,3511.7728799999995]
["16.18","Fornecimento e assentamento de tubos de PVC rígidos soldáveis diâmetro 150mm para coletores e sub-coletores de esgoto ou águas pluviais, inclusive abertura e fechamento de valas.","m",213,46.279277999999998,9857.4862139999987]
["16.19","Tubulação PVC esgoto predial Ø 200mm, para coletores ou sub-coletores de esgoto ou águas pluviais, inclusive abertura e fechamento de valas.","m",10,70.319846000000013,703.19846000000007]
["16.20","Tubulação PVC esgoto predial Ø 40mm, para coletores ou sub-coletores de esgoto ou águas pluviais, inclusive abertura e fechamento de valas.","m",266,9.4334679999999995,2509.3024879999998]
["16.21","Tubulação PVC esgoto predial Ø 50mm, para coletores ou sub-coletores de esgoto ou águas pluviais, inclusive abertura e fechamento de valas.","m",148,12.892007999999999,1908.0171839999998]
["16.22","Tubo PVC, série normal, esgoto predial, DN 100mm, fornecido e instalado em ramal de descarga ou ramal de esgoto sanitário.","m",317,30.443017999999999,9650.4367060000004]
["16.23","Válvula de pé com crivo 1 1/2\" - fornecimento e instalação.","un",2,72.154538000000002,144.309076]
["16.24","Fornecimento de válvula de retenção horizontal, diâmetro 3/4\", fabricação Docol. Inclusive instalação. ","un ",2,59.775117999999999,119.550236]
["16.25","Válvula de retenção horizontal Ø (1 1/4\") - Fornecimento e instalação.","un",2,63.934008000000006,127.86801600000001]
["16.26","Fornecimento e instalação de ralo hemisférico em plástico diâmetro de 100mm.","un",15,24.825637999999998,372.38456999999994]
["16.27","Fornecimento e assentamento de bacia sanitária com caixa acoplada Confort Vougue Plus em louça branca, Linha Deca ou equivalente, inclusive engate e anel de vedação.","un",75,788.53801199999998,59140.350899999998]
["16.28","Fornecimento e fixação de assento para bacia sanitária com caixa acoplada Confort Vogue Plus ou equivalente.","un",75,103.75756,7781.817]
["16.29","Fornecimento e assentamento de bacia sanitária convencional sem abertura frontal, linha Acesso Confort, fabricação Celite ou equivalente. (PPNE)","un",18,345.96089000000001,6227.2960199999998]
["16.30","Fornecimento  e instalação de válvula de descarga, linha Benefit, diâmetro 1 1/4\", referência 184906, fabricação Docol ou equivalente. (Wc PPNE)","un",18,624.65384199999994,11243.769155999998]
["16.31","Fornecimento e fixação de assento para bacia sanitária convencional sem abertura frontal, linha Acesso Confort.","un",18,102.21254599999999,1839.8258279999998]
["16.32","Fornecimento de torneira de pressão para lavatório linha Benefit, fabricação Docol ou equivalente. (wc Especial).","un",84,440.88750199999998,37034.550168000002]
["16.33","Fornecimento e instalação de bacia turca com tubo de ligação Celite ou equivalente.","cj",2,404.04707199999996,808.09414399999991]
["16.34","Fornecimento de válvula de descarga com registro, Hydra ou similar, inclusive fixação. (menor infrator e cela)","un",4,219.23186200000001,876.92744800000003]
["16.35","Fornecimento e assentamento de mictório de louça branca com sifão integrado e medindo 33x28x53cm, tubo de ligação 1/2\" cromado.","un",16,355.119462,5681.911392]
["16.36","Fornecimento com instalação para  válvula de mictório Pressmatic Compact Chrome Baixa Pressão - Ref: 17010306  -  Docol ou equivalente","un",16,225.41486999999998,3606.6379199999997]
["16.37","Cuba de embutir oval em louça branca, 35 x 50cm ou equivalente, incluso válvula em metal cromado e sifão flexível em pvc - fornecimento e instalação.","un",98,116.704814,11437.071771999999]
["16.38","Fornecimento com instalação de Torneira cromada de mesa para lavatório temporizada pressão bica baixa com acionamento manual e fechamento automático, Fabrimar ou equivalente (Wc's)","un",98,146.39084599999998,14346.302907999998]
["16.39","Fornecimento e assentamento de cuba de aço inox retangular 47x30x17cm, fabricação Tramontina ou equivalente, inclusive válvula de escoamento cromada, engate flexível e sifão cromado.","un",7,363.58267599999999,2545.0787319999999]
["16.40","Fornecimento e instalação de TORNEIRA cromada tubo móvel parede para cozinha, ref. 1168, linha ASCOT, fabricação Fabrimar ou equivalente. (COPA)","un",7,86.107261999999992,602.75083399999994]
["16.41","Fornecimento e instalação de torneira plástica para lavatório, com engate flexível de plástico 1/2\". (Menor infrator)","un",2,16.446079999999998,32.892159999999997]
["16.42","Fornecimento e assentamento de lavatório de plástico, inclusive sifão plástico e válvula plástica.","un",2,72.448763999999997,144.89752799999999]
["16.43","Fornecimento de registro de gaveta com canopla, acabamento cromado, ref. 1509-C39, Deca ou similar, linha prata, diâmetro de 3/4 pol., inclusive fixação.","un",49,75.234432000000012,3686.4871680000006]
["16.44","Registro De Gaveta Bruto, Latão, Roscável, 1 1/2\u0094, Com Acabamento E Canopla Cromados, Instalado Em Reservação De Água De Edificação Que Possua Reservatório De Fibra/Fibrocimento \u0096 Fornecimento E Instalação. Af_06/2016","un",21,122.42876200000001,2571.0040020000001]
["16.45","Registro de gaveta bruto Ø 2'' - fornecimento e instalação.","un",4,109.67291200000001,438.69164800000004]
["16.46","Fornecimento de registro de gaveta bruto, diâmetro 3 pol., inclusive fixação.","un",1,371.42028000000005,371.42028000000005]
["16.47","Registro De Gaveta Bruto, Latão, Roscável, 1 1/4\u0094, Com Acabamento E Canopla Cromados, Instalado Em Reservação De Água De Edificação Que Possua Reservatório De Fibra/Fibrocimento \u0096 Fornecimento E Instalação. Af_06/2016","un",1,117.91166,117.91166]
["16.48","Registro De Gaveta Bruto, Latão, Roscável, 1 1/2\u0094, Com Acabamento E Canopla Cromados, Instalado Em Reservação De Água De Edificação Que Possua Reservatório De Fibra/Fibrocimento \u0096 Fornecimento E Instalação. Af_06/2016","un",1,122.42876200000001,122.42876200000001]
["16.49","Fornecimento de registro de pressão com canopla, acabamento cromado, ref. 1416, Fabrimar ou similar, diâmetro de 3/4 pol., inclusive fixação.","un",8,71.955700000000007,575.64560000000006]
["16.50","Fornecimento e Instalação Chuveiro em metal cromado Spot Com Tubo de parede Ref. 1973.C.CT DECA","un",8,181.79069200000001,1454.3255360000001]
["16.51","Fornecimento de torneira amarela para jardim, diâmetro 3/4 pol., inclusive fixação.","un",2,22.078057999999999,44.156115999999997]
["16.52","Torneira de bóia real, roscável, 3/4\", fornecida e instalada em reservação de água.","un",2,64.536224000000004,129.07244800000001]
["16.53","Fornecimento e instalação de porta papel higiênico sem tampa - Eco Cromado, referência 337413 Expambox ou equivalente.","un",95,45.675654000000002,4339.1871300000003]
["16.54","Fornecimento e assentamento de porta papel toalha de inox, sobrepor GLOBO ou equivalente, inclusive fixação.","un",34,95.452740000000006,3245.3931600000001]
["16.55","Fornecimento e assentamento de saboneteira plástica de parede, tipo dispenser para sabonete líquido, com reservatório de 800 a 1.500ml.","un",34,46.25356,1572.62104]
["16.56","Conjunto moto-bomba (centrífuga), P= 3 CV, Schneider, Dancor ou equivalente, inclusive acessórios, fixação e instalação.","un",2,1550.881836,3101.763672]
["16.57","Torneira de bóia real, roscável, 1 1/2\", fornecida e instalada em reservação de água.","un",1,122.051354,122.051354]
["16.58","Torneira de bóia convencional, roscável, 1 1/4\", fornecida e instalada em reservação de água. ","un",1,60.757936000000001,60.757936000000001]
["16.59","Chave de bóia superior 10A/ 250v, fornecimento e instalação.","un ",2,61.433481999999998,122.866964]
["17.0","CONSTRUÇÃO DOS MUROS INDICADOS NO PROJETO","-","-",0,0]
["17.1","Escavação manual em terra até 1,50 m de profundidade, sem escoramento.","m³",209,23.58624,4929.5241599999999]
["17.2","Remoção de material de primeira categoria em caminhão basculante, D.M.T. 12km, inclusive carga e descarga mecânica.","m³",31,19.56812,606.61171999999999]
["17.3","Alvenaria de tijolos de 8 furos, assentados e rejuntados com argamassa de cimento e areia no traço 1:6  -  1 vez.","m²",127,66.477944000000008,8442.6988880000008]
["17.4","Reaterro de vala com compactação manual.","m³",185,32.169840000000001,5951.4204]
["17.5","Concreto magro para lastro, traço 1:4,5:4,5 (cimento/ areia média/ brita 1)  - preparo mecânico com betoneira 400 L.","m³",12.5,183.173486,2289.6685750000001]
["17.6","Montagem e desmontagem de forma de viga, escoramento com pontalete de madeira, pé-direito simples, em madeira serrada, 4 utilizações. ","m²",95,60.966082,5791.7777900000001]
["17.7","Montagem e desmontagem de forma de pilares retangulares e estruturas similares com área média das seções menor ou igual a 0,25 m², pé-direito simples, em chapa de madeira compensada resinada, 4 utilizações. ","m²",317,43.953149999999994,13933.148549999998]
["17.8","Concreto usinado Fck=25Mpa, inclusive colocação, espalhamento e acabamento.","m³",39,335.16798199999999,13071.551298]
["17.9","Alvenaria de tijolos de 8 furos, assentados e rejuntados com argamassa de cimento e areia no traço 1:6  -  1/2 vez.","m²",696,36.642493999999999,25503.175823999998]
["17.10","Chapisco aplicado em alvenaria (sem presença de vãos) e estruturas de concreto de fachada, com colher de pedreiro.  Argamassa traço 1:3 com preparo em betoneira 400l. Af_06/2014","m²",1392,3.4622139999999999,4819.4018879999994]
["17.11","(Composição representativa) do serviço de emboço/massa única, traço 1:2:8, preparo mecânico, com betoneira de 400l, em paredes de ambientes internos, com execução de taliscas, para edificação habitacional multifamiliar (prédio). Af_11/2014","m²",1392,20.428764000000001,28436.839488000001]
["17.12","Caiação int ou ext sobre revestimento liso c/ adoção de fixador com com duas demãos.","m²",1392,5.9524659999999994,8285.8326719999986]
["18.0","ANEXO","-","-",0,0]
["-","INFRAESTRUTURA","-","-",0,0]
["18.1","Locação convencional de obra, através de gabarito de tábuas corridas pontaletadas a cada 1,50m, sem reaproveitamento.","m²",176.3,6.8675979999999992,1210.7575273999998]
["18.2","Escavação mecânica valas em qualquer tipo de solo, exceto rocha, prof. 0 < h < 4 m.","m³",156,8.2352799999999995,1284.7036799999998]
["18.3","Remoção de material de primeira categoria em caminhão basculante, D.M.T. 12KM, inclusive carga e descarga mecânica.","m³",16,19.56812,313.08992000000001]
["18.4","Reaterro de vala com compactação manual","m³",140,32.169840000000001,4503.7776000000003]
["18.5","Concreto magro para lastro, traço 1:4,5:4,5 (cimento/ areia média/ brita 1)  - preparo mecânico com betoneira 400 L. ","m³",1.2,183.173486,219.8081832]
["18.6","Formas para concreto armado em fundações, com chapas de madeiras compensada tipo resinada de 12mm, inclusive escoramento.","m²",104,62.395483999999996,6489.1303359999993]
["18.7","Armação de fundações e estruturas de concreto armado, exceto vigas, pilares e lajes (de edifícios de múltiplos pavimentos, edificação térrea ou sobrado), utilizando aço CA-60 de 5.0 mm - Montagem. ","kg",101,9.8273580000000003,992.56315800000004]
["18.8","Armação de fundações e estruturas de concreto armado, exceto vigas, pilares e lajes (de edifícios de múltiplos pavimentos, edificação térrea ou sobrado), utilizando aço CA-50 de 10.0 mm - Montagem. ","kg",419,6.9897460000000002,2928.7035740000001]
["18.9","Armação de fundações e estruturas de concreto armado, exceto vigas, pilares e lajes (de edifícios de múltiplos pavimentos, edificação térrea ou sobrado), utilizando aço CA-50 de 12.5 mm - Montagem. ","kg",34,5.832014,198.288476]
["18.10","Concreto usinado BOMBEADO Fck=40mpa, inclusive colocação, espalhamento e acabamento. ","m³",14.6,367.29113800000005,5362.4506148000009]
["18.11","Execução de aterro abrangendo espalhamento homogeneização, umedecimento e compactação mecânica em camadas de 20cm de espessura, inclusive o fornecimento do barro proveniente de jazida a uma distância máxima de 12Km.","m³",5,51.042304000000001,255.21152000000001]
["-","SUPERESTRUTURA","-","-",0,0]
["18.12","Concreto usinado BOMBEADO Fck=40mpa, inclusive colocação, espalhamento e acabamento.","m³",19.399999999999999,367.29113800000005,7125.4480772000006]
["18.13","Montagem e desmontagem de forma de pilares retangulares e estruturas similares com área média das seções menor ou igual a 0,25 m², pé-direito simples, em chapa de madeira compensada resinada, 4 utilizações.","m²",41.1,43.953149999999994,1806.4744649999998]
["18.14","Montagem e desmontagem de forma de viga, escoramento com pontalete de madeira, pé-direito simples, em madeira serrada, 4 utilizações. ","m²",74.400000000000006,60.966082,4535.8765008]
["18.15","Armação de pilar ou viga de uma estrutura convencional de concreto armado em um edifício de múltiplos pavimentos utilizando aço CA-60 de 5.0 mm - Montagem. ","kg",118,9.0311979999999998,1065.681364]
["18.16","Armação de pilar ou viga de uma estrutura convencional de concreto armado em um edifício de múltiplos pavimentos utilizando aço CA-50 de 6.3 mm - Montagem.","kg",87,8.3641259999999988,727.67896199999996]
["18.17","Armação de pilar ou viga de uma estrutura convencional de concreto armado em um edifício de múltiplos pavimentos utilizando aço CA-50 de 8.0 mm - Montagem. ","kg",24,8.1452259999999992,195.48542399999997]
["18.18","Armação de pilar ou viga de uma estrutura convencional de concreto armado em um edifício de múltiplos pavimentos utilizando aço CA-50 de 10.0 mm - Montagem. ","kg",276,6.6538660000000007,1836.4670160000003]
["18.19","Armação de pilar ou viga de uma estrutura convencional de concreto armado em um edifício de múltiplos pavimentos utilizando aço CA-50 de 12.5 mm - Montagem. ","kg",72,5.5707740000000001,401.09572800000001]
["18.20","Armação de pilar ou viga de uma estrutura convencional de concreto armado em um edifício de múltiplos pavimentos utilizando aço CA-50 de 16.0 mm - Montagem.","kg",76,4.4655519999999997,339.38195199999996]
["18.21","Fornecimento e instalação de tela aço soldada nervurada CA-60, Q-61, Malha 15x15cm, ferro 3.4mm (0.97 Kg/m²), painel 2,45x6,0m, Telcon ou Similar.","kg",214,8.3990819999999999,1797.403548]
["18.22","Execução de laje tipo treliçada ß 17, incluindo vigotas treliçadas com EPS, escoramento, faixas de travamento, capeamento, inclusive concreto.","m²",176,92.219886000000002,16230.699936000001]
["18.23","Lastro de concreto, espessura 5cm, preparo mecânico, inclusos lançamento e adensamento. ","m²",156,14.924581999999999,2328.2347919999997]
["18.24","Contrapiso em argamassa traço 1:4 (cimento e areia), preparo mecânico com betoneira 400 L, aplicado em áreas secas sobre laje, aderido, espessura 2cm, acabamento não reforçado.","m²",156,18.788824000000002,2931.0565440000005]
["18.25","Cerâmica tipo A, PEI 5, 46,00 x 46,00 cm, linha Titan, Elizabeth ou equivalente, assentado com argamassa pré fabricada AC II, Quartzolit ou equivalente, inclusive rejunte Quartzolit ou equivalente. (Piso)","m²",156,39.47833,6158.6194800000003]
["18.26","Alvenaria de tijolos de 8 furos, assentados e rejuntados com argamassa de cimento e areia no traço 1:6  -  1/2 vez.","m²",289.00400000000002,36.642493999999999,10589.827335976001]
["18.27","Verga pré-moldada para janelas com mais de 1,5 m de vão. ","m",22,22.36307,491.98754000000002]
["18.28","Verga pré-moldada para portas com até 1,5 m de vão. ","m",4,13.457824,53.831296000000002]
["18.29","Verga pré-moldada para portas com mais de 1,5 m de vão.","m",2.6,22.019917999999997,57.251786799999991]
["18.30","Contraverga pré-moldada para vãos de mais de 1,5 m de comprimento.","m",22,20.097016,442.13435199999998]
["18.31","Fixação (encunhamento) de alvenaria de vedação com tijolo maciço.","m",66,13.334958,880.10722800000008]
["18.32","Fornecimento e assentamento de telas soldadas produzidas com fio de 1,65 mm de diâmetro e malha de 15 x 15 mm, galvanizadas, com largura x comprimento de 7,5x50cm, Belgofix ou equivalente.","un",102,4.1057160000000001,418.78303199999999]
["18.33","Chapisco aplicado em alvenarias e estruturas de concreto internas, com colher de pedreiro.  Argamassa traço 1:3 com preparo em betoneira 400 L","m²",{"$f":"643-172","v":471},3.4622139999999999,1630.702794]
["18.34","Chapisco aplicado em alvenaria (com presença de vãos) e estruturas de concreto de fachada, com colher de pedreiro.  Argamassa traço 1:3 com preparo em betoneira 400l. Af_06/2014","m²",172,4.6315739999999996,796.63072799999998]
["18.35","(Composição Representativa) Do Serviço De Emboço/Massa Única, Traço 1:2:8, Preparo Mecânico, Com Betoneira De 400L, Em Paredes De Ambientes Internos, Com Execução De Taliscas, Para Edificação Habitacional Multifamiliar (Prédio). Af_11/2014","m²",643,20.428764000000001,13135.695252000001]
["18.36","Cerâmica para Paredes tipo A, PEI 5, 46,00 x 46,00 cm, linha Titan, Elizabeth ou equivalente, assentado com argamassa pré fabricada AC III, Quartzolit ou equivalente, inclusive rejunte Quartzolit ou equivalente.","m²",315,44.030813999999999,13869.706410000001]
["18.37","Cerâmica 5x10cm Elizabeth ou equivalente, linha Lux, tipo A, na cor Branca, assentadas com argamassa colante AC III Quartzolit ou equivalente e rejuntadas com argamassa de rejuntamento flexível Quartzolit ou equivalente. (Paredes externas)","m²",172,53.914186000000001,9273.2399920000007]
["18.38","Fornecimento e assentamento de cobogó cavernoso 20 x 20 cm.","m²",7,141.25273799999999,988.76916599999993]
["18.39","Fundo selador PVA para ambientes internos, uma demão. (TETO)","m²",156,2.380598,371.373288]
["18.40","Emassamento com massa látex pva para ambientes internos, duas demãos. (TETO)","m²",156,14.339,2236.884]
["18.41","Pintura látex acrílica ambientes internos/externos, duas demãos, linha Premium, conforme NBR 15079:2011. (TETO)","m²",156,12.048434,1879.5557040000001]
["18.42","Porta em esquadria de alumínio PA3 anodizado bronze com venezianas industriais, de giro com uma folha, dim (0,90x2,10)m.","un",3,1231.5987279999999,3694.7961839999998]
["18.43","Fornecimento e assentamento de Porta (PA6) em esquadria de alumínio anodizado bronze com venezianas industriais, de giro com duas folhas, medindo (1,85x2,20)m, para subestação e copa do anexo.","un",1,884.04354000000001,884.04354000000001]
["18.44","Fornecimento e assentamento de porta PM4 (dim.=0,60x1,65m) Alcoplac da Neocom ou equivalente, em laminado estrutural TS-10mm, acabamento texturizado dupla face, cor a definir, batente em perfil especial de alumínio anodizado natural, incluindo ferragens, fechadura tipo tarjeta com indicação \"Livre/ocupado\" em nylon, conforme detalhe. (Wc)","un",4,569.47688199999993,2277.9075279999997]
["18.45","Fornecimento e assentamento de porta (PVJ1) em vidro temperado jateado 8mm, 0,60x1,80m de giro, 01 (uma) folha, fechadura com batedor tarjeta livre/ocupado, IMAB ou equivalente e dobradiças para fixação em chapa de granito natural.","un",4,431.39142399999997,1725.5656959999999]
["18.46","Fornecimento de espelho cristal 4mm, colocado sobre chapas de isopor, fixado com parafuso de latão, inclusive assentamento.","m²",7.1,240.169442,1705.2030382]
["18.47","Fornecimento e instalação de Balcão para uma cuba em granito polido Verde Ubatuba (2,50mx0,60m),  COPA do ANEXO, com testeira de 6cm e respaldo de 11cm, inclusive mão francesa, conforme detalhe 44/45.","un",1,692.58706199999995,692.58706199999995]
["18.48","Fornecimento e instalação de Balcão para três lavatórios em granito polido Verde Ubatuba (3,55mx0,60m) para Wc's FEMININO e MASCULINO do ANEXO, com testeira de 10cm e respaldo de 11cm, inclusive mão francesa, conforme detalhe 44/45.","un",2,1175.65416,2351.3083200000001]
["18.49","Fornecimento e instalação de Montantes nos BANHEIROS em granito bipolido Verde Ubatuba, com 2,0 cm de espessura, engastado em parede/piso, acabamento reto, para divisão dos banheiros e mictórios, conforme detalhe 44/45.","m²",25,424.882496,10622.062400000001]
["18.50","Contrapiso em argamassa traço 1:4 (cimento e areia), preparo mecânico com betoneira 400 L, aplicado em áreas secas sobre laje, aderido, espessura 2cm, acabamento não reforçado. ","m²",178,18.788824000000002,3344.4106720000004]
["18.51","Impermeabilização de superfície com manta asfáltica protegida com filme de alumínio gofrado (de espessura 0,8mm), inclusa aplicação de emulsão asfáltica, E=3mm. (Laje)","m²",178,74.509743999999998,13262.734431999999]
["18.52","Ponto de esgoto para bacia sanitária, inclusive tubulações e conexões em PVC rígido soldáveis, até a coluna ou o sub-coletor.","pt",4,65.088666000000003,260.35466400000001]
["18.53","Ponto de esgoto para pia ou lavandaria, inclusive tubulações e conexões em PVC rígido soldáveis, até a coluna ou o sub-coletor.","pt",1,71.744675999999998,71.744675999999998]
["18.54","Ponto de esgoto para lavatório ou mictório, inclusive tubulações e conexões em PVC rígido soldáveis, até a coluna ou o sub-coletor.","pt",8,69.668931999999998,557.35145599999998]
["18.55","Ponto de água, inclusive tubulações e conexões de PVC rígido soldável e abertura de rasgos em alvenaria, até o registro geral do ambiente.","pt",{"$f":"17","v":17},56.705106000000001,963.98680200000001]
["18.56","Ponto de esgoto para ralo sifonado, inclusive ralo, tubulações e conexões em PVC rígido soldáveis, até a coluna ou o sub-coletor.","pt",7,69.157596000000012,484.10317200000009]
["18.57","Fornecimento e assentamento de tubos soldáveis de PVC rígido diâmetro 25 mm, inclusive conexões e abertura de rasgos em alvenaria, para colunas de água e barriletes.","m",71,11.32743,804.24752999999998]
["18.58","Fornecimento e assentamento de tubos soldáveis de PVC rígido diâmetro 32 mm, inclusive conexões e abertura de rasgos em alvenaria, para colunas de água e barriletes.","m",20,16.184767999999998,323.69535999999994]
["18.59","Fornecimento e assentamento de tubos de PVC rígido soldáveis, diâmetro 50mm, para ventilação de esgoto.","m",8,13.389756000000002,107.11804800000002]
["18.60","Fornecimento e assentamento de tubos de PVC rígidos soldáveis diâmetro 100mm para coletores e sub-coletores de esgoto ou águas pluviais, inclusive abertura e fechamento de valas.","m",18.5,25.084091999999998,464.055702]
["18.61","Fornecimento e assentamento de tubos de PVC rígidos soldáveis diâmetro 40mm para coletores e sub-coletores de esgoto ou águas pluviais, inclusive abertura e fechamento de valas. ","m",24,9.4334679999999995,226.403232]
["18.62","Válvula de Pé com Crivo 1\" - Fornecimento e Instalação","un ",2,47.103969999999997,94.207939999999994]
["18.63","Válvula de retenção horizontal Ø 3/4\" - Fornecimento e instalação.","un",2,61.433679999999995,122.86735999999999]
["18.64","Fornecimento e instalação de ralo hemisférico em plástico diâmetro de 100mm.","un",2,24.825637999999998,49.651275999999996]
["18.65","Fornecimento e assentamento de bacia sanitária com caixa acoplada Confort Vougue Plus em louça branca, Linha Deca ou equivalente, inclusive engate e anel de vedação.","un",4,788.53801199999998,3154.1520479999999]
["18.66","Fornecimento e fixação de assento para bacia sanitária com caixa acoplada Confort Vogue Plus ou equivalente.","un",4,103.75756,415.03023999999999]
["18.67","Fornecimento e assentamento de mictório de louça branca com sifão integrado e medindo 33x28x53cm, tubo de ligação 1/2\" cromado.","un",2,355.119462,710.238924]
["18.68","Fornecimento com instalação para  VÁLVULA DE  MICTÓRIO Pressmatic Compact Chrome Baixa Pressão - Ref: 17010306  -  Docol ou equivalente","un",2,225.41486999999998,450.82973999999996]
["18.69","Cuba de embutir oval em Louça Branca, 35 x 50cm ou equivalente, incluso Válvula Em Metal Cromado e Sifão Flexível em Pvc - Fornecimento e Instalação.","un",6,116.704814,700.22888399999999]
["18.70","Fornecimento com instalação de TORNEIRA PARA LAVATÓRIO COM ACIONAMENTO MANUAL e fechamento automático Ref.: 1180 - Acquapress Fabrimar ou equivalente (WCS)","un",6,146.39084599999998,878.34507599999984]
["18.71","Fornecimento e assentamento de cuba de aço inox retangular 47x30x17cm, fabricação Tramontina ou equivalente, inclusive válvula de escoamento cromada, engate flexível e sifão cromado.","un",1,363.58267599999999,363.58267599999999]
["18.72","Fornecimento e instalação de TORNEIRA cromada tubo móvel parede para cozinha, ref. 1168, linha ASCOT, fabricação Fabrimar ou equivalente. (COPA)","un",1,86.107261999999992,86.107261999999992]
["18.73","Registro de gaveta bruto, latão, roscável, 3/4\u0094, fornecido e instalado em ramal de água.","un",1,28.729762000000001,28.729762000000001]
["18.74","Fornecimento de registro de gaveta com canopla, acabamento cromado, ref. 1509-C39, Deca ou similar, linha prata, diâmetro de 3/4 pol., inclusive fixação.","un",3,75.234432000000012,225.70329600000002]
["18.75","Registro de gaveta com canopla 1\" - fornecimento e instalação","um",1,90.384464000000008,90.384464000000008]
["18.76","Fornecimento de registro de pressão com canopla, acabamento cromado, ref. 1416, Fabrimar ou similar, diâmetro de 3/4 pol., inclusive fixação.","un",4,71.955700000000007,287.82280000000003]
["18.77","Fornecimento e instalação chuveiro em metal cromado Spot Com Tubo de parede Ref. 1973.C.CT DECA","un",4,181.79069200000001,727.16276800000003]
["18.78","Torneira de bóia real, roscável, 3/4\", fornecida e instalada em reservação de água. ","un",1,64.536224000000004,64.536224000000004]
["18.79","Torneira de bóia real, roscável 1\", fornecida e instalada em reservação de água.","un",1,74.797004000000001,74.797004000000001]
["18.80","Fornecimento e instalação de porta papel higiênico sem tampa - Eco Cromado, referência 337413 Expambox ou equivalente.","un",4,45.675654000000002,182.70261600000001]
["18.81","Fornecimento e assentamento de porta papel toalha de inox, sobrepor GLOBO ou equivalente, inclusive fixação.","un",2,95.452740000000006,190.90548000000001]
["18.82","Fornecimento e assentamento de saboneteira plástica de parede, tipo dispenser para sabonete líquido, com reservatório de 800 a 1.500ml.","un",2,46.25356,92.50712]
["18.83","Conjunto moto-bomba (centrífuga), P= 3 CV, Schneider, Dancor ou equivalente, inclusive acessórios, fixação e instalação.","un",2,1550.881836,3101.763672]
["18.84","Chave de bóia superior 10A/ 250v, fornecimento e instalação.","un ",2,61.433481999999998,122.866964]
["18.85","Fornecimento e instalação de SOLEIRAS em granito Verde Ubatuba com largura de 15cm.","m",7.7,44.459302000000001,342.3366254]
["18.86","Fornecimento e aplicação de junta de movimentação com elastômero à base de borracha de poliuretano ou borracha de silicone, inclusive preenchimento de junta com tarucel 25mm.","m",40,12.155666,486.22663999999997]
["18.87","Fornecimento e assentamento de  DIVIBOX em granito Verde Ubatuba medindo 7cm de altura e 4cm de espessura. ","m",2.4,48.792388000000003,117.1017312]
["18.88","Fornecimento e assentamento de grade de proteção em ferro (Portas), com barra chata 1\" x 3/16\" formando quadros com espaçamento = 15cm e moldura de contorno em barra chata de 1\" x 1/4\", batedor de grade de porta em barra chata de 1\" x 1/8\", ferrolho com barra chata de 1\" x 1/4\", pintados com zarcão ou antiferrugem, inclusive fechadura Brasil ou equivalente, conforme detalhe.","m²",9.74,349.77485200000001,3406.8070584800003]
["19.0","GUARITA","-","-",0,0]
["19.1","Locação convencional de obra, através de gabarito de tábuas corridas pontaletadas a cada 1,50m, sem reaproveitamento.","m²",12.7,6.8675979999999992,87.218494599999985]
["19.2","Escavação mecânica valas em qualquer tipo de solo, exceto rocha, prof. 0 < h < 4 m.","m²",19.399999999999999,8.2352799999999995,159.76443199999997]
["19.3","Remoção de material de primeira categoria em caminhão basculante, D.M.T. 12KM, inclusive carga e descarga mecânica.","m³",6.2,19.56812,121.322344]
["19.4","Reaterro de vala com compactação manual","m³",14.7,32.169840000000001,472.89664799999997]
["19.5","Concreto magro para lastro, traço 1:4,5:4,5 (cimento/ areia média/ brita 1)  - preparo mecânico com betoneira 400 L. ","m³",0.6,183.173486,109.9040916]
["19.6","Formas para concreto armado em fundações, com chapas de madeiras compensada tipo resinada de 12mm, inclusive escoramento.","m²",14.5,62.395483999999996,904.73451799999998]
["19.7","Concreto usinado Fck=25Mpa, inclusive colocação, espalhamento e acabamento.","m³",5,335.16798199999999,1675.8399099999999]
["19.8","Montagem e desmontagem de forma de pilares retangulares e estruturas similares com área média das seções menor ou igual a 0,25 m², pé-direito simples, em chapa de madeira compensada resinada, 4 utilizações. ","m²",12.15,43.953149999999994,534.0307724999999]
["19.9","Montagem e desmontagem de forma de viga, escoramento com pontalete de madeira, pé-direito simples, em madeira serrada, 4 utilizações. ","m²",11,60.966082,670.62690199999997]
["19.10","Montagem e desmontagem de forma de laje maciça com área média menor ou igual a 20 m², pé-direito simples, em chapa de madeira compensada resinada, 4 utilizações. ","m²",21,18.986333999999999,398.71301399999999]
["19.11","Armação de fundações e estruturas de concreto armado, exceto vigas, pilares e lajes (de edifícios de múltiplos pavimentos, edificação térrea ou sobrado), utilizando aço CA-60 de 5.0 mm - Montagem. ","kg",12,9.8273580000000003,117.928296]
["19.12","Armação de fundações e estruturas de concreto armado, exceto vigas, pilares e lajes (de edifícios de múltiplos pavimentos, edificação térrea ou sobrado), utilizando aço CA-50 de 8.0 mm - Montagem. ","kg",32,8.6055060000000001,275.376192]
["19.13","Armação de fundações e estruturas de concreto armado, exceto vigas, pilares e lajes (de edifícios de múltiplos pavimentos, edificação térrea ou sobrado), utilizando aço CA-50 de 10.0 mm - Montagem. ","kg",16,6.9897460000000002,111.835936]
["19.14","Armação de fundações e estruturas de concreto armado, exceto vigas, pilares e lajes (de edifícios de múltiplos pavimentos, edificação térrea ou sobrado), utilizando aço CA-50 de 12.5 mm - Montagem.","kg",39,5.832014,227.44854599999999]
["19.15","Armação de pilar ou viga de uma estrutura convencional de concreto armado em um edifício de múltiplos pavimentos utilizando aço CA-60 de 5.0 mm - Montagem. ","kg",71,9.0311979999999998,641.215058]
["19.16","Armação de pilar ou viga de uma estrutura convencional de concreto armado em um edifício de múltiplos pavimentos utilizando aço CA-50 de 6.3 mm - Montagem. ","kg",86,8.3641259999999988,719.3148359999999]
["19.17","Armação de pilar ou viga de uma estrutura convencional de concreto armado em um edifício de múltiplos pavimentos utilizando aço CA-50 de 10.0 mm - Montagem. ","kg",82,6.6538660000000007,545.61701200000005]
["19.18","Armação de pilar ou viga de uma estrutura convencional de concreto armado em um edifício de múltiplos pavimentos utilizando aço CA-50 de 12.5 mm - Montagem. ","kg",23,5.5707740000000001,128.127802]
["19.19","Lastro de concreto, espessura 5cm, preparo mecânico, inclusos lançamento e adensamento. ","m²",12.5,14.924581999999999,186.55727499999998]
["19.20","Contrapiso em argamassa traço 1:4 (Cimento e Areia), preparo mecânico com betoneira 400 L, aplicado em áreas secas sobre laje, aderido, espessura 2cm, acabamento não reforçado.","m²",12.5,18.788824000000002,234.86030000000002]
["19.21","Fornecimento de porcelanato 62,5x62,5cm, BIANCO POLIDO (Elizabeth, ou equivalente), assentado em pisos internos com argamassa colante AC III Quartzolit ou equivalente e rejuntado com argamassa de rejuntamento flexível do tipo Epóxi ou equivalente. (piso)","m²",11,67.645021999999997,744.09524199999998]
["19.22","Verga pré-moldada para janelas com até 1,5 m de vão. ","m",1.4,17.511066,24.515492399999999]
["19.23","Verga pré-moldada para portas com até 1,5 m de vão. ","m",2.6,13.457824,34.990342400000003]
["19.24","Contraverga pré-moldada para vãos de até 1,5 m de comprimento. ","m",1.4,17.296189999999999,24.214665999999998]
["19.25","Alvenaria de tijolos de 8 furos, assentados e rejuntados com argamassa de cimento e areia no traço 1:6  -  1/2 vez.","m²",42,36.642493999999999,1538.9847479999999]
["19.26","Fixação (Encunhamento) De Alvenaria De Vedação Com Tijolo Maciço. ","m",15,13.334958,200.02437]
["19.27","Fornecimento e assentamento de telas soldadas produzidas com fio de 1,65 mm de diâmetro e malha de 15 x 15 mm, galvanizadas, com largura x comprimento de 7,5x50cm, Belgofix ou equivalente.","un",77,4.1057160000000001,316.14013199999999]
["19.28","Chapisco aplicado em alvenarias e estruturas de concreto internas, com colher de pedreiro.  Argamassa traço 1:3 com preparo em betoneira 400 L","m²",59,3.4622139999999999,204.27062599999999]
["19.29","Chapisco aplicado em alvenaria (com presença de vãos) e estruturas de concreto de fachada, com colher de pedreiro.  Argamassa traço 1:3 com preparo em betoneira 400l. Af_06/2014","m²",51,4.6315739999999996,236.21027399999997]
["19.30","(Composição Representativa) Do Serviço De Emboço/Massa Única, Traço 1:2:8, Preparo Mecânico, Com Betoneira De 400L, Em Paredes De Ambientes Internos, Com Execução De Taliscas, Para Edificação Habitacional Multifamiliar (Prédio). Af_11/2014","m²",110,20.428764000000001,2247.1640400000001]
["19.31","Porcelanato Bianco polido, 62,5x62,5cm Elizabeth ou equivalente, assentadas com argamassa colante AC III Quartzolit ou equivalente e rejuntadas com argamassa de rejuntamento flexível Quartzolit ou equivalente. (Paredes internas)","m²",30,70.864784,2125.9435199999998]
["19.32","Fornecimento com assentamento de Pastilhas de Porcelana Esmaltada 5x5cm NGK ou equivalente, nas cores Cinza Parati (75%) e Verde Goiás (25%), assentadas com argamassa colante AC III Quartzolit ou equivalente e rejuntadas com argamassa de rejuntamento flexível Quartzolit  ou equivalente. (Guarita) Detalhe 30/45","m²",16,146.84236000000001,2349.4777600000002]
["19.33","Cerâmica 5x10cm Elizabeth ou equivalente, linha Lux, tipo A, na cor Branca, assentadas com argamassa colante AC II Quartzolit ou equivalente e rejuntadas com argamassa de rejuntamento flexível Quartzolit ou equivalente. (Fachada Guarita)","m²",35,53.914186000000001,1886.9965099999999]
["19.34","Ponto de água, inclusive tubulações e conexões de PVC rígido soldável e abertura de rasgos em alvenaria, até o registro geral do ambiente.","pt",2,56.705106000000001,113.410212]
["19.35","Ponto de esgoto para bacia sanitária, inclusive tubulações e conexões em PVC rígido soldáveis, até a coluna ou o sub-coletor.","pt",1,65.088666000000003,65.088666000000003]
["19.36","Ponto de esgoto para lavatório ou mictório, inclusive tubulações e conexões em PVC rígido soldáveis, até a coluna ou o sub-coletor.","pt",1,69.668931999999998,69.668931999999998]
["19.37","Ponto de esgoto para ralo sifonado, inclusive ralo, tubulações e conexões em PVC rígido soldáveis, até a coluna ou o sub-coletor.","pt",1,69.157596000000012,69.157596000000012]
["19.38","Fornecimento e assentamento de bacia sanitária com caixa acoplada Confort Vogue Plus em louça branca, Linha Deca ou equivalente, inclusive engate e anel de vedação.","un",1,788.53801199999998,788.53801199999998]
["19.39","Fornecimento e fixação de assento para bacia sanitária com caixa acoplada Confort Vogue Plus ou equivalente.","un",1,103.75756,103.75756]
["19.40","Fornecimento e assentamento de lavatório pequeno Celite ou equivalente, sem coluna, medindo 40x30cm, inclusive válvula, sifão e engate. (IZY L101)","un",1,186.39059800000001,186.39059800000001]
["19.41","Fornecimento com instalação de torneira cromada de mesa para lavatório temporizada pressão bica baixa com acionamento manual e fechamento automático, Fabrimar ou equivalente (wc's).","un",1,146.39084599999998,146.39084599999998]
["19.42","Fornecimento e assentamento de tubos soldáveis de PVC rígido diâmetro 25 mm, inclusive conexões e abertura de rasgos em alvenaria, para colunas de água e barriletes.","m",6,11.32743,67.964579999999998]
["19.43","Fornecimento de registro de gaveta com canopla, acabamento cromado, ref. 1509-C39, Deca ou similar, linha prata, diâmetro de 3/4 pol., inclusive fixação.","un",1,75.234432000000012,75.234432000000012]
["19.44","Fornecimento e assentamento de tubos soldáveis de PVC rígido diâmetro 40 mm, inclusive conexões e abertura de rasgos em alvenaria, para colunas de água e barriletes.","m",6,20.017817999999998,120.10690799999999]
["19.45","Fornecimento e assentamento de tubos de PVC rígido soldáveis, diâmetro 50mm, para ventilação de esgoto.","m",3,13.389756000000002,40.169268000000002]
["19.46","Tubulação PVC esgoto predial Ø 50mm, para coletores ou sub-coletores de esgoto ou águas pluviais, inclusive abertura e fechamento de valas.","m",1,12.892007999999999,12.892007999999999]
["19.47","Fornecimento e assentamento de tubos de PVC rígidos soldáveis diâmetro 100mm para coletores e sub-coletores de esgoto ou águas pluviais, inclusive abertura e fechamento de valas.","m",2.7,25.084091999999998,67.727048400000001]
["19.48","Aplicação manual de pintura com tinta látex pva em teto, duas demãos.","m²",10.199999999999999,7.307372,74.535194399999995]
["19.49","Aplicação e lixamento de massa látex em teto, duas demãos. ","m²",10.199999999999999,14.339,146.2578]
["19.50","Aplicação de fundo selador látex pva em teto, uma demão. ","m²",10.199999999999999,2.380598,24.282099599999999]
["19.51","Aplicação de fundo selador látex PVA em paredes, duas demãos.","m²",10,2.2313179999999999,22.313179999999999]
["19.52","Emassamento com massa látex pva para ambientes internos, duas demãos.","m²",10,7.79556,77.955600000000004]
["19.53","Aplicação  manual de pintura com tinta látex acrílica em parede, duas demãos.","m²",10,8.2794819999999998,82.794820000000001]
["19.54","Emassamento com massa a óleo, duas demãos.","m²",1.25,13.100074000000001,16.375092500000001]
["19.55","Pintura esmalte sintético acetinado cor branco neve, duas demãos, sobre as grades das portas em madeira maciça.","m²",1.25,12.212774,15.265967499999999]
["19.56","Estrutura de coberta em madeira de lei, para telhas onduladas de fibrocimento, alumínio ou plásticas - vão de 10 a 15m.","m²",17,56.44462,959.55853999999999]
["19.57","Telhamento com telha ondulada de fibrocimento, com recobrimento lateral de 1/4 de onda para telhado com inclinação maior que 10°, com até 2 águas.","m²",17,41.886420000000001,712.06914000000006]
["19.58","Concreto armado pronto, Fck 15MPA, condição B (NBR 12655), lançado em lajes e adensado, inclusive forma, escoramento e ferragem. (Rufo/ Algeroz 40x3cm)","m³",6.480000000000001E-2,1788.6788879999999,115.90639194240001]
["19.59","Impermeabilização com manta asfáltica espessura 3mm protegida com filme de alumínio gofrado espessura 0,8mm, incluso emulsão asfáltica.","m²",5.4,74.509743999999998,402.35261760000003]
["19.60","Fornecimento de espelho cristal 4mm, colocado sobre chapas de isopor, fixado com parafuso de latão, inclusive assentamento.","m²",0.5,240.169442,120.084721]
["19.61","Fornecimento e instalação de Friso em granito polido Verde Ubatuba com 4cm, acabamento reto. (PAREDE DA GUARITA)","m",5.9,26.858481999999999,158.46504379999999]
["19.62","Fornecimento e instalação Bancada para GUARITA em granito polido Verde Ubatuba (2,40mx0,69m), conforme detalhe 30/45 B.","un",1,594.89918999999998,594.89918999999998]
["19.63","Fornecimento e instalação de espelho com 38cm de altura para GUARITA em granito polido Verde Ubatuba, conforme detalhe 30/45 B.","m",2.4,130.65286400000002,313.56687360000006]
["19.64","Fornecimento e instalação de SOLEIRAS em granito Verde Ubatuba com largura de 15cm.","m",1.6,44.459302000000001,71.134883200000004]
["19.65","Fornecimento e instalação de janela em alumínio anodizado bronze tipo correr, com vidro liso verde, espessura de 6mm, dimensão (1,30x1,00)m e (2,70x1,00)m - JAV14.","un",1,2672.5352039999998,2672.5352039999998]
["19.66","Fornecimento e instalação de janela em alumínio anodizado bronze tipo correr, com vidro liso verde, espessura de 6mm, dimensão (1,00x0,50)m - JAV15.","un",1,229.984026,229.984026]
["19.67","Fornecimento e assentamento de Kit Porta Pronta PM2 (dim.=0,70x2,10m), porta semi-oca (folha espessura 35mm), contraplacada em compensado com lâmina de Corrupixá ou Liptus, revestida em laminado melamínico madeirado cor branca, inclusive fitamento da porta em PVC, grade e alizares em madeira Liptus em tábuas secas em estufa com acabamento em primer branco, chumbada com espuma de poliuretano, dobradiças em inox com rolamento,  de 3 1/2 x 3\", fechadura em inox, escovado, marca La Fonte, Imab ou equivalente, código HI MARS, conforme detalhe. (Wc guarita)","un ",1,628.98510599999997,628.98510599999997]
["19.68","Porta em esquadria de alumínio anodizado bronze com venezianas industriais, de giro com uma folha. 0,90x2,10m (PA3)","un",1,1231.5987279999999,1231.5987279999999]
["20.0","LIXEIRA ","-","-",0,0]
["20.1","Locação convencional de obra, através de gabarito de tábuas corridas pontaletadas a cada 1,50m, sem reaproveitamento.","m²",24.82,6.8675979999999992,170.45378235999999]
["20.2","Escavação mecânica valas em qualquer tipo de solo, exceto rocha, prof. 0 < h < 4 m.","m²",32.299999999999997,8.2352799999999995,265.99954399999996]
["20.3","Remoção de material de primeira categoria em caminhão basculante, D.M.T. 12KM, inclusive carga e descarga mecânica.","m³",3.2,19.56812,62.617984000000007]
["20.4","Reaterro de vala com compactação manual","m³",30,32.169840000000001,965.09519999999998]
["20.5","Concreto magro para lastro, traço 1:4,5:4,5 (cimento/ areia média/ brita 1)  - preparo mecânico com betoneira 400 L.","m³",0.6,183.173486,109.9040916]
["20.6","Formas para concreto armado em fundações, com chapas de madeiras compensada tipo resinada de 12mm, inclusive escoramento.","m²",34.299999999999997,62.395483999999996,2140.1651011999998]
["20.7","Concreto usinado Fck=25Mpa, inclusive colocação, espalhamento e acabamento.","m³",6.7,335.16798199999999,2245.6254794000001]
["20.8","Montagem e desmontagem de forma de pilares retangulares e estruturas similares com área média das seções menor ou igual a 0,25 m², pé-direito simples, em chapa de madeira compensada resinada, 4 utilizações. ","m²",12.7,43.953149999999994,558.20500499999991]
["20.9","Montagem e desmontagem de forma de viga, escoramento com pontalete de madeira, pé-direito simples, em madeira serrada, 4 utilizações. ","m²",20.2,60.966082,1231.5148563999999]
["20.10","Montagem e desmontagem de forma de laje maciça com área média menor ou igual a 20 m², pé-direito simples, em chapa de madeira compensada resinada, 4 utilizações. ","m²",7.5,18.986333999999999,142.397505]
["20.11","Armação de fundações e estruturas de concreto armado, exceto vigas, pilares e lajes (de edifícios de múltiplos pavimentos, edificação térrea ou sobrado), utilizando aço CA-50 de 6.3 mm - Montagem.","kg",95,8.9861259999999987,853.68196999999986]
["20.12","Armação de fundações e estruturas de concreto armado, exceto vigas, pilares e lajes (de edifícios de múltiplos pavimentos, edificação térrea ou sobrado), utilizando aço CA-50 de 12.5 mm - Montagem. ","kg",112,5.832014,653.18556799999999]
["20.13","Armação de pilar ou viga de uma estrutura convencional de concreto armado em um edifício de múltiplos pavimentos utilizando aço CA-60 de 5.0 mm - Montagem. ","kg",73,9.0311979999999998,659.27745400000003]
["20.14","Armação de pilar ou viga de uma estrutura convencional de concreto armado em um edifício de múltiplos pavimentos utilizando aço CA-50 de 8.0 mm - Montagem.","kg",10,8.1452259999999992,81.452259999999995]
["20.15","Armação de pilar ou viga de uma estrutura convencional de concreto armado em um edifício de múltiplos pavimentos utilizando aço CA-50 de 10.0 mm - Montagem.","kg",147,6.6538660000000007,978.11830200000009]
["20.16","Lastro de concreto, espessura 5cm, preparo mecânico, inclusos lançamento e adensamento. ","m²",25.3,14.924581999999999,377.59192459999997]
["20.17","Contrapiso em argamassa traço 1:4 (cimento e areia), preparo mecânico com betoneira 400 L, aplicado em áreas secas sobre laje, aderido, espessura 2cm, acabamento não reforçado.","m²",25.3,18.788824000000002,475.35724720000007]
["20.18","Cerâmica tipo A, PEI 5, 46,00 x 46,00 cm, linha Titan, Elizabeth ou equivalente, assentado com argamassa pré fabricada AC II, Quartzolit ou equivalente, inclusive rejunte Quartzolit ou equivalente. (Piso)","m²",25.3,39.47833,998.80174899999997]
["20.19","Alvenaria de tijolos de 8 furos, assentados e rejuntados com argamassa de cimento e areia no traço 1:6  -  1/2 vez.","m²",22,36.642493999999999,806.13486799999998]
["20.20","Fixação (encunhamento) de alvenaria de vedação com tijolo maciço.","m",11,13.334958,146.684538]
["20.21","Fornecimento e assentamento de telas soldadas produzidas com fio de 1,65 mm de diâmetro e malha de 15 x 15 mm, galvanizadas, com largura x comprimento de 7,5x50cm, belgofix ou equivalente.","un",45,4.1057160000000001,184.75722000000002]
["20.22","Chapisco aplicado em alvenarias e estruturas de concreto internas, com colher de pedreiro.  Argamassa traço 1:3 com preparo em betoneira 400 L","m²",34,3.4622139999999999,117.715276]
["20.23","Chapisco aplicado em alvenaria (com presença de vãos) e estruturas de concreto de fachada, com colher de pedreiro.  Argamassa traço 1:3 com preparo em betoneira 400l. Af_06/2014","m²",26,4.6315739999999996,120.42092399999999]
["20.24","(Composição Representativa) Do Serviço De Emboço/Massa Única, Traço 1:2:8, Preparo Mecânico, Com Betoneira De 400L, Em Paredes De Ambientes Internos, Com Execução De Taliscas, Para Edificação Habitacional Multifamiliar (Prédio). Af_11/2014","m²",60,20.428764000000001,1225.7258400000001]
["20.25","Cerâmica para Paredes tipo A, PEI 5, 46,00 x 46,00 cm, linha Titan, Elizabeth ou equivalente, assentado com argamassa pré fabricada AC III, Quartzolit ou equivalente, inclusive rejunte Quartzolit ou equivalente.","m²",60,44.030813999999999,2641.8488400000001]
["20.26","Impermeabilização de superfície com manta asfáltica protegida com filme de alumínio gofrado (de espessura 0,8mm), inclusa aplicação de emulsão asfáltica, E=3mm. (Laje)","m²",5.4,74.509743999999998,402.35261760000003]
["20.27","Fornecimento e instalação de  PORTÃO pivotante para LIXEIRA, com gradil Eletrogradi, na cor bronze, (1,50x2,11)m conforme detalhes.","m²",{"$f":"2*(1.5*2.11)","v":6.33},801.96902799999998,5076.4639472400004]
["20.28","Ponto de água, inclusive tubulações e conexões de PVC rígido soldável e abertura de rasgos em alvenaria, até o registro geral do ambiente.","pt",1,56.705106000000001,56.705106000000001]
["20.29","Ponto de esgoto para ralo sifonado, inclusive ralo, tubulações e conexões em PVC rígido soldáveis, até a coluna ou o sub-coletor.","pt",2,69.157596000000012,138.31519200000002]
["20.30","Grelha de ferro fundido para canaleta, larg = 15cm, fornecimento e assentamento.","m",7.5,109.360558,820.20418499999994]
["20.31","Fornecimento e assentamento de tubos soldáveis de PVC rígido diâmetro 25 mm, inclusive conexões  abertura e fechamento de valas.","m",70,10.391679999999999,727.41759999999999]
["21.0","FOSSA","-","-",0,0]
["21.1","Escavação mecânica valas em qualquer tipo de solo, exceto rocha, prof. 0 < h < 4 m.","m²",91,8.2352799999999995,749.41048000000001]
["21.2","Remoção de material de primeira categoria em caminhão basculante, D.M.T. 12KM, inclusive carga e descarga mecânica.","m³",49.5,19.56812,968.62194]
["21.3","Reaterro de vala com compactação manual.","m³",38.1,32.169840000000001,1225.6709040000001]
["21.4","Concreto magro para lastro, traço 1:4,5:4,5 (cimento/ areia média/ brita 1)  - preparo mecânico com betoneira 400 L. ","m³",1,183.173486,183.173486]
["21.5","Formas para concreto armado em fundações, com chapas de madeiras compensada tipo resinada de 12mm, inclusive escoramento.","m²",108.2,62.395483999999996,6751.1913687999995]
["21.6","Armação de fundações e estruturas de concreto armado, exceto vigas, pilares e lajes (de edifícios de múltiplos pavimentos, edificação térrea ou sobrado), utilizando aço CA-60 de 5.0 mm - Montagem. ","kg",10,9.8273580000000003,98.27358000000001]
["21.7","Armação de fundações e estruturas de concreto armado, exceto vigas, pilares e lajes (de edifícios de múltiplos pavimentos, edificação térrea ou sobrado), utilizando aço CA-50 de 6.3 mm - Montagem. ","kg",14,8.9861259999999987,125.80576399999998]
["21.8","Armação de fundações e estruturas de concreto armado, exceto vigas, pilares e lajes (de edifícios de múltiplos pavimentos, edificação térrea ou sobrado), utilizando aço CA-50 de 8.0 mm - Montagem. ","kg",746,8.6055060000000001,6419.7074760000005]
["21.9","Armação de fundações e estruturas de concreto armado, exceto vigas, pilares e lajes (de edifícios de múltiplos pavimentos, edificação térrea ou sobrado), utilizando aço CA-50 de 10.0 mm - Montagem. ","kg",210,6.9897460000000002,1467.8466600000002]
["21.10","Armação de fundações e estruturas de concreto armado, exceto vigas, pilares e lajes (de edifícios de múltiplos pavimentos, edificação térrea ou sobrado), utilizando aço CA-50 de 12.5 mm - Montagem.","kg",141,5.832014,822.31397400000003]
["21.11","Concreto usinado Fck=25Mpa, inclusive colocação, espalhamento e acabamento.","m³",15.4,335.16798199999999,5161.5869228000001]
["22.0","FILTRO","-","-",0,0]
["22.1","Escavação mecânica valas em qualquer tipo de solo, exceto rocha, prof. 0 < h < 4 m.","m²",57.2,8.2352799999999995,471.05801600000001]
["22.2","Remoção de material de primeira categoria em caminhão basculante, D.M.T. 12KM, inclusive carga e descarga mecânica.","m³",45.8,19.56812,896.21989599999995]
["22.3","Reaterro de vala com compactação manual","m³",22,32.169840000000001,707.73648000000003]
["22.4","Concreto magro para lastro, traço 1:4,5:4,5 (cimento/ areia média/ brita 1)  - preparo mecânico com betoneira 400 L. ","m³",0.8,183.173486,146.53878879999999]
["22.5","Formas para concreto armado em fundações, com chapas de madeiras compensada tipo resinada de 12mm, inclusive escoramento.","m²",105.1,62.395483999999996,6557.7653683999988]
["22.6","Concreto usinado Fck=25Mpa, inclusive colocação, espalhamento e acabamento.","m³",12,335.16798199999999,4022.0157840000002]
["22.7","Armação de fundações e estruturas de concreto armado, exceto vigas, pilares e lajes (de edifícios de múltiplos pavimentos, edificação térrea ou sobrado), utilizando aço CA-60 de 5.0 mm - Montagem. ","kg",166,9.8273580000000003,1631.341428]
["22.8","Armação de fundações e estruturas de concreto armado, exceto vigas, pilares e lajes (de edifícios de múltiplos pavimentos, edificação térrea ou sobrado), utilizando aço CA-50 de 6.3 mm - Montagem. ","kg",293,8.9861259999999987,2632.9349179999995]
["22.9","Armação de fundações e estruturas de concreto armado, exceto vigas, pilares e lajes (de edifícios de múltiplos pavimentos, edificação térrea ou sobrado), utilizando aço CA-50 de 8.0 mm - Montagem. ","kg",448,8.6055060000000001,3855.2666880000002]
["22.10","Armação de fundações e estruturas de concreto armado, exceto vigas, pilares e lajes (de edifícios de múltiplos pavimentos, edificação térrea ou sobrado), utilizando aço CA-50 de 10.0 mm - Montagem. ","kg",22,6.9897460000000002,153.77441200000001]
["22.11","Armação de fundações e estruturas de concreto armado, exceto vigas, pilares e lajes (de edifícios de múltiplos pavimentos, edificação térrea ou sobrado), utilizando aço CA-50 de 12.5 mm - Montagem. ","kg",96,5.832014,559.87334399999997]
["22.12","Tubo de pvc série normal, esgoto predial, DN 150mm, fornecido e instalado em subcoletor aéreo de esgoto sanitário.  (Filtro Anaeróbio)","m",3,30.470827999999997,91.412483999999992]
["22.13","Tubo de pvc soldável, sem conexões 32mm - fornecimento e instalação.  (Filtro Anaeróbio)","m",68,16.903815999999999,1149.459488]
["22.14","Execução de camada drenante com brita nº 4, inclusive o fornecimento da mesma.  ","m³",16.5,73.180306000000002,1207.4750490000001]
["23.0","RESERVATÓRIO INFERIOR","-","-",0,0]
["23.1","Escavação mecânica valas em qualquer tipo de solo, exceto rocha, prof. 0 < h < 4 m.","m²",177.4,8.2352799999999995,1460.938672]
["23.2","Remoção de material de primeira categoria em caminhão basculante, D.M.T. 12KM, inclusive carga e descarga mecânica.","m³",139.19999999999999,19.56812,2723.8823039999997]
["23.3","Reaterro de vala com compactação manual","m³",70.400000000000006,32.169840000000001,2264.7567360000003]
["23.4","Concreto magro para lastro, traço 1:4,5:4,5 (cimento/ areia média/ brita 1)  - preparo mecânico com betoneira 400 L.","m³",3.65,183.173486,668.58322390000001]
["23.5","Formas para concreto armado em fundações, com chapas de madeiras compensada tipo resinada de 12mm, inclusive escoramento.","m²",231.3,62.395483999999996,14432.0754492]
["23.6","Armação de fundações e estruturas de concreto armado, exceto vigas, pilares e lajes (de edifícios de múltiplos pavimentos, edificação térrea ou sobrado), utilizando aço CA-50 de 6.3 mm - Montagem. ","kg",542,8.9861259999999987,4870.4802919999993]
["23.7","Armação de fundações e estruturas de concreto armado, exceto vigas, pilares e lajes (de edifícios de múltiplos pavimentos, edificação térrea ou sobrado), utilizando aço CA-50 de 8.0 mm - Montagem. ","kg",1128,8.6055060000000001,9707.0107680000001]
["23.8","Armação de fundações e estruturas de concreto armado, exceto vigas, pilares e lajes (de edifícios de múltiplos pavimentos, edificação térrea ou sobrado), utilizando aço CA-50 de 10.0 mm - Montagem.","kg",395,6.9897460000000002,2760.94967]
["23.9","Armação de fundações e estruturas de concreto armado, exceto vigas, pilares e lajes (de edifícios de múltiplos pavimentos, edificação térrea ou sobrado), utilizando aço CA-50 de 16.0 mm - Montagem. ","kg",274,4.6272719999999996,1267.8725279999999]
["23.10","Concreto usinado Fck=25Mpa, inclusive colocação, espalhamento e acabamento.","m³",26,335.16798199999999,8714.3675320000002]
["23.11","Impermeabilização de estruturas enterradas com cimento cristalizante e emulsão adesiva, ate 7m de profundidade.","m²",120.1,38.198233999999999,4587.6079033999995]
["24.0","BASE DE ESCULTURA","-","-",0,0]
["24.1","Escavação manual em terra até 1,50 m de profundidade, sem escoramento.","m³",0.6,23.58624,14.151743999999999]
["24.2","Concreto magro para lastro, traço 1:4,5:4,5 (cimento/ areia média/ brita 1)  - preparo mecânico com betoneira 400 L. ","m³",0.2,183.173486,36.634697199999998]
["24.3","Concreto Fck = 15 Mpa, traço 1:3,4:3,5 (cimento/ areia média/ brita 1) preparo mecânico com betoneira 400 L. ","m³",1,206.00157799999999,206.00157799999999]
["24.4","Chapisco aplicado em alvenarias e estruturas de concreto internas, com colher de pedreiro.  Argamassa traço 1:3 com preparo em betoneira 400 L","m²",5,3.4622139999999999,17.311070000000001]
["24.5","(Composição representativa) do serviço de emboço/massa única, traço 1:2:8, preparo mecânico, com betoneira de 400l, em paredes de ambientes internos, com execução de taliscas, para edificação habitacional multifamiliar (prédio). Af_11/2014","m²",5,20.428764000000001,102.14382000000001]
["24.6","Fornecimento e assentamento de revestimento em granito Verde Ubatuba em três elevações, com dimensão total (1,50m x 1,50m) e altura total de 0,30m, conforme detalhe 40/45 - Base da escultura.","m²",3,296.45016999999996,889.35050999999987]
["24.7","Fornecimento e instalação de Revestimento em granito Capão Bonito composto por faixas de 5cm para BASE ESCULTURA, conforme detalhe 40/45.","m",5,37.763655999999997,188.81827999999999]
["25.0","BASE DO MASTRO","-","-",0,0]
["25.1","Base para mastros com dimensão de 3,75x1,50x0,10m em alvenaria de tijolos de 8 furos assentados e rejuntados com argamassa de cimento e areia 1:6 - 1 vez, revestida na base superior com granito natural polido Verde Ubatuba e faixa de contorno em granito polido Verde Ubatuba, espelho 15cm em granito Verde Ubatuba e espelho 5cm em granito polido Capão Bonito, conforme detalhe.","un",1,3570.9136679999997,3570.9136679999997]
["26.0","SERVIÇOS DIVERSOS","-","-",0,0]
["26.1","Fornecimento e assentamento de mastro para bandeira em tubo de ferro galvanizado de 2.1/2\", 2\" e 1.1/2'' conforme detalhe, inclusive pintura anticorrosiva e em esmalte sintético, cor a definir, com fixação no piso. (Conforme detalhe 40/45)","m",16,155.34910400000001,2485.5856640000002]
["26.2","Fornecimento e instalação de letreiro \" FÓRUM DE LIMOEIRO\" com letras tipo caixa, fonte Arial Black, com 10,00 cm de profundidade, altura com 80,00 cm, em chapa de aço INOX 304 escovado, com sistema de fixação, pregos e buchas ou perfil tipo \"L\". (Detalhe 41/45) ","un ",16,187.012666,2992.2026559999999]
["26.3","Fornecimento e aplicação de junta jeene JJ 2030 FVV ou equivalente, com 20 mm de espessura, inclusive epóxi e ferramentas necessárias.","m",204,268.322452,54737.780207999996]
["26.4","Fornecimento e instalação de perfil de alumínio l= 60mm e e=4mm, para acabamento da junta jeene.","m",204,9.4675039999999981,1931.3708159999996]
["26.5","Concreto armado pronto, Fck 15 MPa, condição B (NBR -12655), lançado em lajes e adensado, inclusive forma, escoramento e ferragem. (Bancos menor infrator e jardim, CONFORME DETALHES)","m³",1.18,1788.6788879999999,2110.6410878399997]
["26.6","Concreto Fck = 15 Mpa, traço 1:3,4:3,5 (cimento/ areia média/ brita 1) preparo mecânico com betoneira 400 L. (Envelopamento da bacia menor infrator)","m³",0.36,206.00157799999999,74.16056807999999]
["26.7","Fornecimento de espelho cristal 4mm, colocado sobre chapas de isopor, fixado com parafuso de latão, inclusive assentamento.","m²",60.1,240.169442,14434.183464200001]
["26.8","Fornecimento e colocação de escultura em concreto medindo 2m de altura (justiça cega), conforme detalhe.","un ",1,21760.2968,21760.2968]
["26.9","Fornecimento e fixação de brasão do Estado de Pernambuco em latão fundido, alto relevo, nas dimensões aproximadas 0,70m x 0,71m, conforme modelo.","un ",1,8878.7945799999998,8878.7945799999998]
["26.10","Barras em tubo de ferro com 5cm de diâmetro para BICICLETÁRIO do tipo \"U invertido\", inclusive argola com furo de 1\" em ferro fundido, barra de segurança e base de fixação, pintadas com pintura automotiva cor prata, conforme detalhe 42/45.","un",12,410.65420599999993,4927.8504719999992]
["27.0","DRENAGEM E PAVIMENTAÇÃO","-","-",0,0]
["27.1","Serviço topográfico de pequeno porte (preço mínimo), diária de uma equipe com topógrafo, quatro auxiliares, teodolito, nível ótico etc.","un",6,1096.1837780000001,6577.1026680000004]
["27.2","Tombamento mecânico de árvores com diâmetro de 0,15 a 0,30 m, inclusive o destocamento e limpeza do local.","un",7,83.882920000000013,587.18044000000009]
["27.3","Regularização do subleito, abrangendo escarificação, homogeneização, umedecimento e compactação com espessura de 15cm, teor de compactação a 100 por cento AASHO normal (DNER-ME 47-64)","m²",2960,1.0698399999999999,3166.7263999999996]
["27.4","Execução de sub-base estabilizada granulometr. abrangendo espalhamento, homogêneo, umedecimento e compactação com espessura de 15,0cm, teor de compactação a 100 por cento AASHO intermediário (DNER - ME-48-64), inclusive fornecimento do material prov. de jazida","m²",2163,9.6373619999999995,20845.614006]
["27.5","Execução de base com brita graduada (corrida) abrangendo espalhamento e compactação da mistura em camadas sucessivas com 0,15m de espessura, inclusive fornecimento do material. ","m³",325,71.253479999999996,23157.380999999998]
["27.6","Construção de linha d'água com paralelepípedos graníticos, assentados sobre mistura de cimento e areia no traço 1:6, com 6 cm de espessura e rejuntados com argamassa de cimento e areia, no traço 1:2, inclusive base de concreto 1:4:8, com 10 cm de espessura.","m",400,27.14697,10858.788]
["27.7","Meio-fio de concreto pré-moldado 12x30 cm, sobre base de concreto simples e rejuntado com argamassa traço 1:3 (cimento e areia). (Meio fio rebaixado e alto - padrão DNER)","m",692,24.346713999999999,16847.926088]
["27.8","Fornecimento e assentamento de meio fio de concreto pre-moldado, dimensões (1,00x0,25x0,10)m, rejuntado com argamassa de cimento e areia 1:2.","m",319,18.092219999999998,5771.4181799999988]
["27.9","Pavimento em paralelepípedo sobre colchão de areia com 6 cm de espessura rejuntado com argamassa de cimento e areia no traço 1:3 (Incluso colchão de areia)","m²",971,45.264254000000001,43951.590634]
["27.10","Pavimento sobre base já executada com blocos pré-moldados NATURAIS (cor cinza) com 6,0cm de espessura (tipo Blokret  ou equivalente),  incluindo colchão de areia com espessura de 6,0 centímetros e rejuntamento com areia.","  m²",242,47.416683999999997,11474.837528]
["27.11","Pavimento sobre base já executada com blocos pré-moldados cor TERRACOTA com 6,0cm de espessura (tipo Blokret  ou equivalente),  incluindo colchão de areia com espessura de 6,0 centímetros e rejuntamento com areia.","  m²",425,55.849393999999997,23735.992449999998]
["27.12","Pavimentação sobre base já executada, com blocos pré-moldados tipo COBOGRAMA com 8,00cm de espessura, inclusive colchão de areia com espessura de 6,0 centímetros e rejuntados com areia.","  m²",836,48.643259999999998,40665.765359999998]
["27.13","Grade de concreto de 0,30 x 0,95m, inclusive assentamento e transporte.","un",6,59.730710000000002,358.38426000000004]
["27.14","Tampão (tampa e caixilho) de concreto com 0,60m de diâmetro, inclusive assentamento e transporte. (logomarca TJPE).","un",2,162.677616,325.355232]
["27.15","Construção de caixa coletora tipo \"com grade\" em alvenaria de 1 vez - tijolos maciços prensados - nas dimensões internas de 0,25x0,85x1,00m, inclusive escavação, reaterro compactado e remoção do material excedente (sem a grade)","un",6,568.37645799999996,3410.2587479999997]
["27.16","Construção de caixa coletora tipo \"com gaveta\", em alvenaria de 1 vez (tijolos maciços, prensados), nas dimensões internas de 0,80x0,80x0,90m, inclusive escavação, reaterro compactado  e remoção do material excedente (com sobretampa de concreto).","un",2,1214.7329500000001,2429.4659000000001]
["27.17","Construção de poço de visita em alvenaria de 1 vez (tijolos maciços prensados), nas dimensões internas 1,00x1,00x1,50m, inclusive escavação, reaterro compactado e remoção do material excedente (sem o tampão).","un",2,2121.2969560000001,4242.5939120000003]
["27.18","Construção de poço de visita tipo \"com gaveta\" em alvenaria de 1 vez de tijolos maciços, prensados, nas dimensões internas 1,00x1,00x1,50m, inclusive escavação, reaterro compactado e remoção do material excedente (com sobretampa de concreto).","un",10,2217.4012319999997,22174.012319999998]
["27.19","Escavação mecânica de vala em material de primeira categoria até 3,00m de profundidade, sem escoramento","m³",572,5.8716799999999996,3358.6009599999998]
["27.20","Fornecimento e espalhamento de pó de pedra inclusive carga, descarga e transporte (posto obra).","m³",623,43.816131999999996,27297.450235999997]
["27.21","Compactação mecânica de aterro a 100 por cento do proctor normal, medido na seção, inclusive espalhamento, umedecimento e homogeneização.","m³",623,2.94828,1836.77844]
["27.22","Escoramento descontínuo de valas.","m²",256,34.874040000000001,8927.7542400000002]
["27.23","Esgotamento de água com moto-bomba a gasolina de 3,4 HP inclusive 10 metros de mangote de 2\" com combustível.","h",33,4.7147600000000001,155.58708000000001]
["27.24","Fornecimento e assentamento de tubo corrugado em PEAD, modelo N12-WT, para drenagem, com diâmetro de 375mm, Tigre ou similar, incluindo pasta lubrificante e transporte dos tubos com carrego e descarrego na obra.","m",117,159.324634,18640.982178000002]
["27.25","Fornecimento e assentamento de tubo corrugado em PEAD, modelo N12-WT, para drenagem, com diâmetro de 600mm, Tigre ou similar, incluindo pasta lubrificante e transporte dos tubos com carrego e descarrego na obra.","m",232,434.36370400000004,100772.37932800001]
["27.26","Fornecimento e assentamento de tubo corrugado em PEAD, modelo N12-WT, para drenagem, com diâmetro de 750mm, Tigre ou similar, incluindo pasta lubrificante e transporte dos tubos com carrego e descarrego na obra.","m",12,622.11674599999992,7465.4009519999991]
["27.27","Construção de sarjeta coberta em concreto Fck 25 Mpa, conforme detalhe anexo, nas dimensões internas de 0,80x0,40m, inclusive escavação mecânica das valas e remoção do material excedente.","m",73,50.516922000000001,3687.735306]
["28.0","JARDIM","-","-",0,0]
["28.1","Fornecimento e plantio de Palmeira Fenix, com cerca de 1,00m de altura, incluindo preparação de cova com 40 x 40 x 40 cm, com barro jardim e estrume bovino.","un ",1,170.18854999999999,170.18854999999999]
["28.2","Fornecimento e plantio de Palmeira Cica, com cerca de 1,00m de altura, incluindo preparação de cova com 40 x 40 x 40 cm, com barro jardim e estrume bovino.","un ",3,155.06026199999999,465.18078600000001]
["28.3","Fornecimento e plantio de Pata de Vaca (Bauhinia blakeana), com cerca de 1,50m de altura, incluindo preparação de cova com 40 x 40 x 40 cm, com barro jardim e estrume bovino.","un ",26,115.208336,2995.4167360000001]
["28.4","Fornecimento e plantio de Ipê Amarelo (Tabebuia chrysotricha), com cerca de 1,50m de altura, incluindo preparação de cova com 40 x 40 x 40 cm, com barro jardim e estrume bovino.","un ",1,209.04465200000001,209.04465200000001]
["28.5","Fornecimento e plantio de mudas de Dracena de Madagascar, com cerca de 1,00m de altura.","un ",22,49.359738,1085.9142360000001]
["28.6","Fornecimento e plantio de mudas de Pingo de Ouro.","un ",42,6.4531659999999995,271.03297199999997]
["28.7","Fornecimento e plantio de Trapoeraba Roxa Viuvinha.","m²",30,37.400621999999998,1122.01866]
["28.8","Fornecimento e plantio de grama Amendoim,  incluindo preparo do solo com barro de jardim, adubo bovino e fertilizante.","m²",35,57.443370000000002,2010.5179500000002]
["28.9","Fornecimento e plantio de grama esmeralda em rolos. (Jardim e cobograma)","m²",1040,12.88466,13400.046400000001]
["29.0","INSTALAÇÕES ELÉTRICAS","-","-",0,0]
["29.01 ","Pontos - Infraestrutura / Acabamento","-","-",0,0]
["29.01.01","Ponto de luz em teto ou parede, composto por fiação em cabo flexível de 2,5mm² AFUMEX, ATOX, AFITOX ou equivalente (Não-Halogenado), isolação 750V., eletroduto de PVC rígido de 3/4\" com luva de rosca interna, curvas, caixa octogonal e demais acessórios, desde o ponto de luz até o quadro de distribuição.","pt",873,63.094448,55081.453104]
["29.01.02","Ponto para interruptor de uma seção, composto por fiação em cabo de 2,5mm² AFUMEX, ATOX, AFITOX ou equivalente (Não-Halogenado), isolação 750V., eletroduto de PVC rígido de 3/4\" com luva de rosca interna, curva e acessórios até o ponto de luz.","pt",97,39.750479999999996,3855.7965599999998]
["29.01.03","Ponto para interruptor de uma seção em Dry-Wall, composto por fiação em cabo de 2,5mm² AFUMEX, ATOX, AFITOX ou equivalente (Não-Halogenado), isolação 750V., eletroduto de PVC rígido de 3/4\", eletroduto corrugado de 25mm, com luva de rosca intern, luva de pressão, curva e acessórios até o ponto de luz.","pt",64,43.803815999999998,2803.4442239999998]
["29.01.04","Ponto para interruptor de duas seções, composto por fiação em cabo de 2,5mm² AFUMEX, ATOX, AFITOX ou equivalente (Não-Halogenado), isolação 750V., eletroduto de PVC rígido de 3/4\" com luva de rosca interna, curva e acessórios até o ponto de luz.","pt",19,46.407391999999994,881.7404479999999]
["29.01.05","Ponto para interruptor de duas seções em Dry-Wall, composto por fiação  em cabo AFUMEX, ATOX, AFITOX ou equivalente (Não-Halogenado), isolação 750V., de 2,5mm², eletroduto de PVC rígido de 3/4\", eletroduto corrugado de 25mm, com luva de rosca interna, luva de pressão, curva e acessórios até o ponto de luz.","pt",4,50.473168000000001,201.892672]
["29.01.06","Ponto para interruptor de três seções, composto por fiação em cabo de 2,5mm² Prysmian ou equivalente, eletroduto de PVC rígido de 3/4\" com luva luna de rosca interna, curva e acessórios até o ponto de luz.","pt",2,53.100977999999998,106.201956]
["29.01.07","Ponto para interruptor three-way,  composto por fiação em cabo de 2,5mm² Prysmian ou equivalente e eletroduto de PVC rígido de 3/4\" com luva de rosca interna, curva e acessórios até o ponto de luz.","pt",26,64.204340000000002,1669.3128400000001]
["29.01.08","Ponto para interruptor three-way de duas teclas,  composto por fiação em cabo de 2,5mm² Prysmian ou equivalente e eletroduto de PVC rígido de 3/4\" com luva de rosca interna, curva e acessórios até o ponto de luz.","pt",4,80.462087999999994,321.84835199999998]
["29.01.09","Ponto para interruptor three-way de três teclas,  composto por fiação em cabo de 2,5mm² Prysmian ou equivalente e eletroduto de PVC rígido de 3/4\" com luva de rosca interna, curva e acessórios até o ponto de luz.","pt",6,87.143879999999996,522.86328000000003]
["29.01.10","Ponto para tomada universal (2p+t), inclusive fiação em cabo de 2,5mm² AFUMEX, ATOX, AFITOX ou equivalente (Não-Halogenado) e eletroduto de PVC rígido de 3/4\" com luva de rosca interna, curva e acessórios até outro ponto/eletrocalha.","pt",189,89.093765999999988,16838.721773999998]
["29.01.11","Ponto para tomada universal (2p+t) em Dry-Wall, inclusive  fiação em cabo AFUMEX, ATOX, AFITOX ou equivalente (Não-Halogenado), isolação 750V., de 2,5mm²  e eletroduto de PVC rígido de 3/4\",  eletroduto corrugado de 25mm, com luva de rosca interna, curva e acessórios até outro ponto/eletrocalha.","pt",156,94.964190000000002,14814.413640000001]
["29.01.12","Interruptor Sistema X de 1 seção, 10A, com placa e módulo Pial ou equivalente, na cor bege e demais acessórios, inclusive instalação. ","un",3,13.740714000000001,41.222142000000005]
["29.01.13","Interruptor de embutir de uma seção para caixa 4x2 pol., composto por suporte, placa e módulo na linha Pialplus ou equivalente, na cor bege e demais acessórios, inclusive instalação.","un",158,17.024595999999999,2689.886168]
["29.01.14","Interruptor de embutir de uma seção para caixa 4x2 pol., composto por suporte, placa e módulo na linha Pialplus ou equivalente, na cor bege e demais acessórios, inclusive instalação.","un",4,48.255108,193.020432]
["29.01.15","Interruptor de embutir de duas seções para caixa 4x2 pol., composto por suporte, placa e módulos na linha Pialplus ou equivalente, na cor bege e demais acessórios, inclusive instalação.","un",23,27.208447999999997,625.7943039999999]
["29.01.16","Interruptor de embutir de três seções para caixa 4x2 pol., composto por suporte, placa e módulos na linha Pialplus ou equivalente, na cor bege e demais acessórios, inclusive instalação.","un",2,33.370545999999997,66.741091999999995]
["29.01.17","Interruptor de embutir  three-way (paralelo)  para caixa 4x2 pol., composto por suporte, placa e módulo na linha Pialplus ou equivalente, na cor bege e demais acessórios, inclusive instalação.","un",26,31.265583999999997,812.90518399999996]
["29.01.18","Interruptor de embutir  three-way (paralelo) de duas teclas para caixa 4x2 pol., composto por suporte, placa e módulo na linha Pialplus ou equivalente, na cor bege e demais acessórios, inclusive instalação.","un",4,34.084350000000001,136.3374]
["29.01.19","Interruptor de embutir  three-way (paralelo) de três teclas para caixa 4x2 pol., composto por suporte, placa e módulo na linha Pialplus ou equivalente, na cor bege e demais acessórios, inclusive instalação.","un",6,38.507100000000001,231.04259999999999]
["29.01.20","Tomada em caixa de sobrepor, para uma tomada20A, caixa de sobrepor, placas e módulos na linha sistema X Pialou equivalente.","un",4,18.892552000000002,75.570208000000008]
["29.01.21","Tomada de embutir (2p+t) para caixa de 4 x 2 pol., com placa e módulo na linha Pialplus ou equivalente, sendo um módulo de 20A, demais acessórios, inclusive instalação.","un",345,20.79074,7172.8053]
["29.01.22","Tomada de embutir (2p+t) para caixa de 4 x 2 pol., com placa e módulo na linha Pialplus ou equivalente, sendo um módulo de 10A, demais acessórios, inclusive instalação.","un",17,19.245725999999998,327.17734199999995]
["29.01.23","Conjunto arstop ou equivalente de sobrepor, em caixa 4x4 pol., com placa, tomada tripolar para ar condicionado novo padrão brasileiro e disjuntor termomagnético de 25A, 250V, inclusive instalação.","un",2,74.260456000000005,148.52091200000001]
["29.02 ","Luminárias","-","-",0,0]
["29.02.01","Luminária de embutir p/ 02 (duas) lâmpadas LED de 18W, sem alojamento; corpo em chapa de aço galvanizado c/ pintura eletrostática em pó de poliéster epóxi; refletor facetado em alumínio anodizado de alta pureza e refletância; aletas parabólicas em alumínio; soquetes em policarbonato; inclusive lâmpadas LED tubular Philips, Osram, ou equivalente, 2x18W, 220V, demais acessórios e instalação. Ref. Lumicenter, Luminárias Projeto, Itaim, Stillux, Indelpa ou equivalente.","un",429,210.09111000000001,90129.086190000002]
["29.02.02","Luminária circular de embutir p/ 02 lâmpadas LED bulbo de 10W, c/ aro de acabamento em chapa de aço pintada, refletor em alumínio repuxado e anodizado de alta pureza e refletância; soquetes em policarbonato s/ vidro difusor temperado jateado central (diâmetro externo aprox. do vidro 21,0 cm), inclusive lâmpadas, , p/ lâmpada fluorescente, 2x10W, 220V, demais acessórios e instalação . Ref. Lumicenter, Luminárias Projeto, Itaim, Stillux, Indelpa ou equivalente.","un",284,128.64174600000001,36534.255864000006]
["29.02.03","Luminária de sobrepor p/ 02 (duas) lâmpadas LED de 18W, s/ alojamento; corpo em chapa de aço galvanizado c/ pintura eletrostática em pó de poliéster epóxi; refletor facetado em alumínio anodizado de alta pureza e refletância; aleta plana em chapa de aço pintada (branca); inclusive lâmpadas, para lâmpada LED tubular, 2x18W, 220V, demais acessórios e instalação. Ref. Lumicenter, Luminárias Projeto, Itaim, Stillux, Indelpa ou equivalente.","un",85,222.27431200000001,18893.31652]
["29.02.04","Luminária circular de sobrepor p/ 02 lâmpadas LED bulbo de 10W, c/ aro de acabamento em chapa de aço pintada, refletor em alumínio repuxado e anodizado de alta pureza e refletância; soquetes em policarbonato c/ vidro difusor temperado jateado central (diâmetro externo aprox. do vidro 21,0 cm), inclusive lâmpadas, p/ lâmpada LED bulbo, 2x10W, 220V, demais acessórios e instalação. Ref. Lumicenter, Luminárias Projeto, Itaim, Stillux, Indelpa ou equivalente.","un",75,165.89899200000002,12442.424400000002]
["29.02.05","Fornecimento e instalação de arandela de embutir para uso externo  ou interno (tartaruga), fabricada em alumínio pintado, vidro plano fosco, com grade de proteção.","un",15,64.983475999999996,974.75213999999994]
["29.02.06","Projetor para lâmpada par 30 de 75W , corpo em alumínio pintado na cor preta com pintura eletrostática em pó poliéster epóxi, inclusive lâmpada par 30, 75W, demais acessórios e instalação. Ref. Lumicenter, Luminárias Projeto, Itaim, Stillux, Indelpa ou equivalente.  ","cj",2,87.439251999999996,174.87850399999999]
["29.02.07","Fornecimento de luminária externa, com corpo óptico e alojamento em liga de alumínio injetado de baixa pressão, padrão litoral (parafusos inox); refletor assimétrico polido, anodizado e selado, confeccionado em peça única, porta lâmpada em porcelana, rosca E27 para lâmpada 250W tubular, base para relé fotoelétrico e alojamento para equipamento auxiliar;  fechamento do corpo óptico com lente plana de vidro temperado preso ao corpo da luminária através de aro de alumínio fundido e presília de aço inoxidável (IP 65), ref. Lexa A-190 - Almec ou equivalente; inclusive lâmpada MVM 250W tubular (Osram ou equivalente), reator interno de alto fator de potência (250W) e REATOR, relé foto elétrico (fotocélula), encaixe em braço e demais acessórios, inclusive instalação em postes de até 17m. ","cj",14,572.44245000000001,8014.1943000000001]
["29.02.08","Fornecimento e instalação de braço em tubo de aço galvanizado a fogo para instalação de luminária para iluminação pública, ref. LB10/LB20 2,0x1.1/2\" Edesa ou equivalente, inclusive parafusos e instalação em poste.   ","un",14,142.49417799999998,1994.9184919999998]
["29.02.09","Fornecimento de POSTE CURVO SIMPLES, telecônico, confeccionado em tubo de aço patente galvanizado a fogo medindo 8metros, flangeado com base e chumbador, produzido em três estágios, sendo: 3\", 2 1/2\" e 2\". Ref. MP-600, fab: EDESA, ou equivalente.","un",21,1093.808274,22969.973753999999]
["29.03 ","Eletroduto / Eletrocalha","-","-",0,0]
["29.03.01","Fornecimento e instalação de Perfilado perfurado, dim.: 38x38mm, inclusive acessórios de derivação e fixação.","m",137.5,41.637578000000005,5725.166975000001]
["29.03.02","Fornecimento e instalação de eletrocalha perfurada, dim (50X50)mm, inclusive acessórios de derivação e fixação.","m",845.2,49.362648000000007,41721.310089600011]
["29.03.03","Fornecimento e instalação de eletrocalha perfurada, dim (100x50)mm, inclusive acessórios de derivação e fixação.","m",81.599999999999994,52.252178000000001,4263.7777247999993]
["29.03.04","Fornecimento e instalação de eletrocalha perfurada, dim (100x100)mm, inclusive acessórios de derivação e fixação.","m",37.1,57.889710000000008,2147.7082410000003]
["29.03.05","Fornecimento e instalação de eletrocalha perfurada, dim.: 200x100mm, inclusive acessórios de derivação e fixação","m",35.46,52.889054000000002,1875.44585484]
["29.03.06","Fornecimento e assentamento de eletroduto de PVC rígido de 3/4\" com luvas de rosca interna, curvas e demais acessórios de fixação.","m",678.9,10.531731999999998,7149.9928547999989]
["29.03.07","Fornecimento e assentamento de eletroduto de PVC rígido de 3/4\" com luva de rosca interna, assentado em valas/alvenaria, envelopado em concreto, inclusive escavação, reaterro e demais acessórios de fixação.","m",73.3,16.502932000000001,1209.6649156000001]
["29.03.08","Fornecimento e assentamento de eletroduto de PVC rígido de 1\" com luvas de rosca interna, curvas e demais acessórios de fixação.","m",11,11.711131999999999,128.822452]
["29.03.09","Fornecimento e assentamento de eletroduto de PVC rígido de 1 \" com luva de rosca interna, assentado em valas/alvenaria, inclusive escavação, reaterro e demais acessórios de fixação.","m",733.4,21.426772,15714.394584799998]
["29.03.10","Fornecimento e assentamento de eletroduto de PVC rígido de 1 1/2\" com luvas de rosca interna, curvas e demais acessórios de fixação.","m",20,17.342611999999999,346.85223999999999]
["29.03.11","Fornecimento e assentamento de eletroduto de PVC rígido de 1.1/2\" com luva de rosca interna, assentado em valas/alvenaria, inclusive escavação, reaterro e demais acessórios de fixação.","m",38.6,24.744412000000001,955.13430320000009]
["29.03.12","Fornecimento e assentamento de eletroduto de PVC rígido de 2\" com luva de rosca interna,  curvas e demais acessórios de fixação.","m",6,23.652401999999999,141.914412]
["29.04 ","Quadros / Proteção","-","-",0,0]
["29.04.01","Quadro de distribuição metálico de sobrepor, em chapa 16 BWG, para 6 circuitos monopolares padrão DIN, com barra de neutro e terra, com porta e trinco, Cemar ou equivalente,  inclusive instalação conforme projeto.","un ",3,52.812067999999996,158.43620399999998]
["29.04.02","Quadro de distribuição metálico de sobrepor, em chapa 16 BWG, para 8 circuitos monopolares padrão DIN, com barra de neutro e terra, com porta e trinco, Cemar ou equivalente,  inclusive instalação conforme projeto.","un ",1,264.27702399999998,264.27702399999998]
["29.04.03","Quadro de distribuição metálico de sobrepor, em chapa 16 BWG, para 12 circuitos monopolares padrão DIN, com barra de neutro e terra, com porta e trinco, Cemar ou equivalente,  inclusive instalação conforme projeto.","un ",3,279.443376,838.33012800000006]
["29.04.04","Quadro de distribuição metálico de sobrepor, em chapa 16 BWG, para 24 circuitos monopolares padrão DIN, com barra de neutro e terra 150A, com porta e trinco, Cemar ou equivalente,  inclusive instalação conforme projeto.","un ",1,590.26025600000003,590.26025600000003]
["29.04.05","Quadro de distribuição de sobrepor com barramento com barramento trifásico 56 disjuntores unipolares em chapa de aço galvanizado em chave geral trifásica.","un ",4,1223.441806,4893.7672240000002]
["29.04.06","Quadro de distribuição  de embutir sem barramento para 6 disjuntores unipolares, com em chapa de aço galvanizada - QDR                    ","un ",1,70.444097999999997,70.444097999999997]
["29.04.07","Quadro de distribuição metálico de EMBUTIR, em chapa 16 BWG, para 12 circuitos monopolares padrão DIN, com barra de neutro e terra, com porta e trinco, Cemar ou equivalente,  inclusive instalação conforme projeto.","un ",2,235.85275200000001,471.70550400000002]
["29.04.08","Fornecimento e instalação de quadro montado em armário  com barramento, com barras de neutro e terra de acordo 350A com diagrama unifilar, inclusive todos os demais disjuntores, Schneider ou equivalente, conforme projeto.","un ",1,3193.058614,3193.058614]
["29.04.09","Disjuntor monopolar termomagnético de 6 até 32A Eletromar padrão IEC ou equivalente, inclusive instalação em quadro de distribuição, conforme projeto.","un ",99,10.860300000000001,1075.1697000000001]
["29.04.10","Disjuntor tripolar termomagnético de 32A Eletromar padrão IEC ou equivalente, inclusive instalação em quadro de distribuição, conforme projeto.","un ",22,73.806654000000009,1623.7463880000003]
["29.04.11","Fornecimento e instalação de disjuntor tripolar termomagnético de 40A Eletromar padrão IEC ou equivalente.","un ",2,73.806654000000009,147.61330800000002]
["29.04.12","Disjuntor tripolar termomagnético até 50A Eletromar padrão IEC ou equivalente, inclusive instalação em quadro de distribuição, conforme projeto.","un ",4,73.806654000000009,295.22661600000004]
["29.04.13","Fornecimento e instalação de disjuntor tripolar termomagnético de 63A Eletromar padrão IEC ou equivalente.","un ",6,86.213942000000003,517.28365200000007]
["29.04.14","Disjuntor tripolar termomagnético de 80A Eletromar padrão IEC ou equivalente, inclusive instalação em quadro de distribuição, conforme o projeto.","un ",1,121.289298,121.289298]
["29.04.15","Fornecimento e instalação de disjuntor tripolar termomagnético de 125A Eletromar padrão IEC ou equivalente.","un ",1,358.07743599999998,358.07743599999998]
["29.04.16","Fornecimento e instalação de disjuntor tripolar de 175A-380V-10kA em caixa moldada.                       ","un ",1,204.56673199999997,204.56673199999997]
["29.04.17","Fornecimento e instalação de disjuntor tripolar de 225A-380V-22KA em caixa moldada.           ","un ",2,280.36677000000003,560.73354000000006]
["29.04.18","Fornecimento e instalação de disjuntor tripolar de 250A-380V-22kA em caixa moldada.                    ","un ",1,553.88142400000004,553.88142400000004]
["29.04.19","Fornecimento e instalação de disjuntor tripolar de 450A-380V-40kA em caixa moldada.","un ",1,1020.876648,1020.876648]
["29.04.20","Disjuntor tripolar termomagnético 800A Eletromar padrão IEC ou equivalente, inclusive instalação em quadro de distribuição, conforme o projeto.","un ",1,1531.3846100000003,1531.3846100000003]
["29.04.21","Interruptor Diferencial Residual bipolar de 25A, com sensibilidade de 30mA, Eletromar padrão IEC  ou equivalente, inclusive instalação em quadro de distribuição, conforme projeto                        ","un ",13,101.40461400000001,1318.259982]
["29.04.22","Disjuntor Diferencial Residual tetrapolar de 25A, com sensibilidade de 30mA, Eletromar padrão IEC ou equivalente, inclusive instalação em quadro de distribuição, conforme o projeto.              ","un ",4,101.40461400000001,405.61845600000004]
["29.05 ","Alimentadores","-","-",0,0]
["29.05.01","Cabo de cobre AFUMEX, ATOX, AFITOX ou equivalente (Não-Halogenado), isolação 750V., de 2,5mm²,  inclusive instalação em eletroduto/eletrocalha/leito.","m",223.8,2.2582839999999997,505.40395919999997]
["29.05.02","Cabo de cobre AFUMEX, ATOX, AFITOX ou equivalente (Não-Halogenado), isolação 750V., de 4,0mm²,  inclusive instalação em eletroduto/eletrocalha/leito.","m",1.9,3.1924279999999996,6.0656131999999987]
["29.05.03","Cabo de cobre AFUMEX, ATOX, AFITOX ou equivalente (Não-Halogenado), isolação 750V., de 10mm²,  inclusive instalação em eletroduto/eletrocalha/leito.                    ","m",4.0999999999999996,5.7651260000000004,23.637016599999999]
["29.05.04","Cabo de cobre AFUMEX, ATOX, AFITOX ou equivalente (Não-Halogenado), isolação 0,6/1kV., de 2,5mm².,  inclusive instalação em eletroduto/eletrocalha/leito.      ","m",2107.1999999999998,3.0130999999999997,6349.2043199999989]
["29.05.05","Cabo de cobre AFUMEX, ATOX, AFITOX ou equivalente (Não-Halogenado), isolação 0,6/1kV., de 4,0mm², inclusive instalação em eletroduto/ eletrocalha / leito.","m",1209.4000000000001,3.9944199999999999,4830.8515480000005]
["29.05.06","Cabo de cobre AFUMEX, ATOX, AFITOX ou equivalente (Não-Halogenado), isolação 0,6/1kV.,  de 6,0mm².,  inclusive instalação em eletroduto/eletrocalha/leito.                     ","m",361,5.1507119999999995,1859.4070319999998]
["29.05.07","Cabo de cobre AFUMEX, ATOX, AFITOX ou equivalente (Não-Halogenado), isolação 0,6/1kV.,  de 10mm².,  inclusive instalação em eletroduto/eletrocalha/leito.                         ","m",642.9,7.4634619999999998,4798.2597197999994]
["29.05.08","Cabo de cobre AFUMEX, ATOX, AFITOX ou equivalente (Não-Halogenado), isolação 0,6/1kV., de 16mm².,  inclusive instalação em eletroduto/eletrocalha/leito. ","m",695.8,10.755114000000001,7483.4083211999996]
["29.05.09","Cabo de cobre AFUMEX, ATOX, AFITOX ou equivalente (Não-Halogenado), isolação 0,6/1kV., de 25mm².,  inclusive instalação em eletroduto/eletrocalha/leito. ","m",196,15.28449,2995.7600400000001]
["29.05.10","Cabo de cobre AFUMEX, ATOX, AFITOX ou equivalente (Não-Halogenado), isolação 0,6/1kV., de 50mm².,  inclusive instalação em eletroduto/eletrocalha/leito. ","m",255.3,31.796847999999997,8117.7352943999995]
["29.05.11","Cabo de cobre AFUMEX, ATOX, AFITOX ou equivalente (Não-Halogenado), isolação 0,6/1kV., de 95mm².,  inclusive instalação em eletroduto/eletrocalha/leito. ","m",269.10000000000002,50.808242,13672.497922200002]
["29.05.12","Cabo de cobre AFUMEX, ATOX, AFITOX ou equivalente (Não-Halogenado), isolação 0,6/1kV., de 150mm².,  inclusive instalação em eletroduto/eletrocalha/leito. ","m",63.1,89.693172000000004,5659.6391532000007]
["29.05.13","Cabo De Cobre Nu 50Mm2 - Fornecimento E Instalacao","m",12,33.896771999999999,406.76126399999998]
["29.06","Caixas de Passagem","-","-",0,0]
["29.06.01","Caixa de passagem 40x40x50 fundo brita com tampa","un",63,120.17122800000001,7570.7873640000007]
["29.06.02","Caixa de passagem 60x60 fundo brita com tampa","un",3,255.951718,767.85515399999997]
["29.06.03","Fornecimento e instalação de caixa 4x2 pol. para instalação em parede.","un ",330,5.4663639999999996,1803.9001199999998]
["29.06.04","Caixa 4x2 pol. para instalação em parede tipo Dry-Wall.","un ",224,7.1057299999999994,1591.6835199999998]
["29.07","SONORIZAÇÃO/CFTV","-","-",0,0]
["29.07.01","Fornecimento e instalação de caixa 4x4 pol para instalação em parede.","un",40,7.1646999999999998,286.58799999999997]
["29.07.02","Fornecimento tampa cega, 4x4 pol., cor bege, na linha Pial Plus ou equivalente, inclusive instalação.","un",10,7.1421260000000002,71.421260000000004]
["29.07.03","Fornecimento e instalação de sonofletor de embutir de 6 pol., do tipo coaxial, com potência de 30w (rms), com transformador de impedância, tipo selenium ou equivalente, inclusive assentamento em forro e demais acessórios.","un",30,206.60636199999999,6198.1908599999997]
["29.07.04","Fornecimento e assentamento de eletroduto de PVC rígido de 1 \" com luva de rosca interna, assentado em valas/alvenaria, inclusive escavação, reaterro e demais acessórios de fixação.","m",38.200000000000003,21.426772,818.50269040000001]
["29.07.05","Fornecimento e assentamento de eletroduto de PVC rígido de 3/4\" com luvas de rosca interna, curvas e demais acessórios de fixação.","m",118.9,10.531731999999998,1252.2229347999998]
["29.07.06","Condulete 3/4\" em liga de alumínio fundido Tipo \"X\" - fornecimento e instalação.","un",30,19.408975999999999,582.26927999999998]
["29.07.07","Caixa (4x4)\" para piso em alumínio, alta, com tampa cega em latão,  para instalação do sistema de som, inclusive assentamento.","un",30,16.352225999999998,490.56677999999994]
["29.07.08","Fornecimento e instalação de Bucha de Nylon nº 6 - \" TEL 5306","un",107,0.206312,22.075384]
["29.07.09","Cabo paralelo em fio de cobre, isolamento em PVC - 70 C,de 2x1,5 mm² para instalação do sistema de som, inclusive instalação em eletroduto/eletrocalha.","m",317,4.4115479999999998,1398.460716]
["29.08","DIVERSOS ELÉTRICA","-","-",0,0]
["29.08.01","Chave de bóia superior 10A/ 250v, fornecimento e instalação.","un",2,61.433481999999998,122.866964]
["29.08.02","Haste Copperweld 5/8? X 3,0M Com Conector","un",23,43.731954000000002,1005.8349420000001]
["29.08.03","Luminária de emergência REF. BLI10 tipo balizamento com dupla face com bateria selada, autonomia de 1h, grau de proteção IP65, com espelho para fixação no forro/parede","un",18,261.27101800000003,4702.8783240000002]
["29.08.04","Condulete 3/4\" em liga de alumínio fundido tipo \"x\" - fornecimento e instalação","un",36,19.408975999999999,698.72313599999995]
["29.08.05","Condulete 1\" em liga de alumínio fundido tipo \"x\" - fornecimento e instalação","un",1,24.010075999999998,24.010075999999998]
["29.09","SPDA","-","-",0,0]
["29.09.01","Caixa de passagem 20x20x25 fundo brita com tampa","un",18,34.247258000000002,616.45064400000001]
["29.09.02","Caixa de passagem 40x40x50 fundo brita com tampa","un",1,120.17122800000001,120.17122800000001]
["29.09.03","Haste copperweld 5/8? X 3,0m com conector","un",18,43.731954000000002,787.17517199999998]
["29.09.04","Fornecimento e instalação de perfilado perfurado, dim.: 38x38mm, inclusive acessórios de derivação e fixação.","m",130,41.637578000000005,5412.8851400000003]
["29.09.05","Fornecimento e instalação de presilha de latão para cabo de cobre de 35mm² furo 5mm tel 744, termotécnica ou equivalente.","un",863,4.0864659999999997,3526.6201579999997]
["29.09.06","Cabo de cobre nu 16mm2 - fornecimento e instalacao","m",487,12.045164,5865.9948679999998]
["29.09.07","Cabo de cobre nu 35mm2 - fornecimento e instalacao","m",851.1,24.013287999999999,20437.7094168]
["29.09.08","Cabo de cobre nu 50mm2 - fornecimento e instalacao","m",454.2,33.896771999999999,15395.913842399999]
["29.09.09","Conector parafuso fendido split-bolt - para cabo de 35mm² - fornecimento e instalação.","un",80,9.8364200000000004,786.91360000000009]
["29.09.10","Fornecimento e instalação de grampo tipo X, em cobre, com quatro parafusos, para cabo de 35mm², TEL-853, fab. Termotécnica ou equivalente.","un",1,11.936950000000001,11.936950000000001]
["29.09.11","Fornecimento e Instalação de Pára-raio tipo Franklin com conector de duas descidas TEL-012, fabricante Termotécnica ou equivalente.","un",1,66.88230999999999,66.88230999999999]
["29.09.12","Solda exotérmica para cabo de 50mm², incluindo Cartucho nº 115, molde, ignex e demais acessórios inclusive execução.","un",3,18.915436,56.746307999999999]
["29.09.13","Fornecimento e instalação de cartucho para solda exotérmica cabo - haste TEL 5905.","un",36,27.057799999999997,974.08079999999984]
["29.09.14","Fornecimento e instalação de caixa de equipotencialização TEL-902","un",6,122.302316,733.813896]
["29.09.15","Fornecimento e Instalação de base para mastro de 2\", alumínio fundido, TEL-075, Termotécnica ou equivalente.","un",1,53.472532000000001,53.472532000000001]
["29.09.16","Fornecimento e Instalação de mastro telescópico 3x2\" + 3x 1.1/2\", TEL-481, Termotécnica ou equivalente.","un",1,232.77378599999997,232.77378599999997]
["29.09.17","Fornecimento e Instalação de sinalizador noturno de obstáculos, automático, com suporte para 2 lâmpadas, TEL-600 ou equivalente.","un",1,193.91475200000002,193.91475200000002]
["29.09.18","Fornecimento e instalação de presilha de latão para cabo de cobre de 16mm² furo 5mm TEL 743, Termotécnica ou equivalente.","un",160,2.470558,395.28928000000002]
["29.09.19","Caixa de equipotencalização com 11 terminais para uso interno nas dimensões de (40x40x15cm) TEL 900 Termotécnica ou equivalente, inclusive instalação.","un",1,339.81905800000004,339.81905800000004]
["29.09.20","Fornecimento e Instalação de Suporte para sinalizador noturno, 2\" - Tel 611.","un",1,38.612091999999997,38.612091999999997]
["29.09.21","Fornecimento e instalação de Bucha de Nylon nº 8 - \" TEL 5308","un",4,0.22989999999999999,0.91959999999999997]
["29.09.22","Fornecimento e instalação de Bucha de Nylon nº 6 - \" TEL 5306","un",1089,0.206312,224.673768]
["29.09.23","Fornecimento e instalação de parafuso fenda em aço inox auto-atarrachante TEL-533.","un",556,0.25348799999999999,140.93932799999999]
["29.09.24","Fornecimento e instalação de Sikaflex, Tel 5905 Termotécnica ou equivalente.","un",5,26.429819999999999,132.1491]
["29.09.25","Fornecimento e Instalação de abraçadeira guia reforçada 1 1/2\" TEL-380, fabricante Termotécnica ou equivalente.","un",1,25.488256,25.488256]
["29.09.26","Fornecimento e Instalação de abraçadeira guia reforçada 2\" - TEL 390, Termotécnica ou equivalente, fabricante Termotécnica ou equivalente.","un",1,25.912840000000003,25.912840000000003]
["29.09.27","Fornecimento e Instalação de Abraçadeira guia simples 1 1/2\" - TEL 360, Termotécnica ou equivalente. ","un",2,20.912184,41.824368]
["29.09.28","Fornecimento e Instalação de Abraçadeira guia simples 2\" - TEL 370, Termotécnica ou equivalente., fabricante Termotécnica ou equivalente.","un",1,21.041917999999999,21.041917999999999]
["29.09.29","Fornecimento e instalação de porca sextavada em aço inox TEL 5314 Termotécnica ou equivalente.","un",58,0.25025799999999998,14.514963999999999]
["29.09.30","Fornecimento e instalação de parafuso cabeça redonda TEL 5346Termotécnica ou equivalente.","un",4,0.57192600000000005,2.2877040000000002]
["29.09.31","Arruela de pressão em aço inox,diam. 3/16\" TEL 5311","un",48,0.23183799999999999,11.128223999999999]
["29.09.32","Fornecimento e assentamento de eletroduto de PVC rígido de 3/4\" com luvas de rosca interna, curvas e demais acessórios de fixação.","m",66.400000000000006,10.531731999999998,699.30700479999996]
["29.09.33","Fornecimento e assentamento de eletroduto de PVC rígido de 1\" com luvas de rosca interna, curvas e demais acessórios de fixação.","m",79.2,11.711131999999999,927.52165439999999]
["29.09.34","Fornecimento de parafuso cabeça sextavada em aço inox TEL 5329 Termotécnica ou equivalente.","un",26,1.459042,37.935091999999997]
["29.09.35","Fornecimento e instalação de terminal de compressão TEL 5116","un",6,2.8951419999999999,17.370851999999999]
["29.09.36","Fornecimento e instalação de terminal estanhado de compressão para cabo 50 mm², TEL 5150  Termotécnica ou equivalente.","un",16,2.5912660000000001,41.460256000000001]
["29.09.37","Fornecimento e instalação de caixa de inspeção suspensa (TEL 541) com conector de emenda, TEL-562, fab. Termotécnica ou equivalente.","un",18,53.356280000000005,960.41304000000014]
["29.09.38","Fornecimento e Instalação de estais tipo rígido de 3m, 2\" - tel 451.       ","un",1,106.16812399999999,106.16812399999999]
["29.09.39","Fornecimento e instalação de Arruela de pressão em aço inox,diam. 1/4\" TEL 5303","un",10,1.1641919999999999,11.641919999999999]
["29.09.40","Solda exotérmica para cabo de 50mm², incluindo Cartucho nº 115, molde, ignex e demais acessórios inclusive execução.","un ",3,18.915436,56.746307999999999]
["29.09.41","Solda exotérmica para cabo de 35mm², incluindo Cartucho nº 90, molde, ignex e demais acessórios inclusive execução.","un ",8,31.110431999999999,248.883456]
["29.10","CABEAMENTO ESTRUTURADO","-","-",0,0]
["29.10.01","Ponto simples para voz/dados em alvenaria/piso, composto por tubulação em eletroduto de PVC rígido 1\", com luva de rosca interna, curva e acessórios, cabo Utp 4 pares (2x), cat. 6, Furukawa ou equivalente, para duas tomadas RJ45 (voz/dados) incluindo a re","pt",7,198.469516,1389.2866119999999]
["29.10.02","Ponto simples para voz/dados em Dry-Wall, composto por tubulação em eletroduto de PVC rígido 1\",  eletroduto corrugado de 25mm com luva de rosca interna, curva e acessórios, cabo Utp 4 pares (2x), cat. 6, Furukawa ou equivalente, para duas tomadas RJ45 (voz/dados) incluindo a reserva técnica de cabo de 11m (2x5,5m).","pt",4,189.64557200000002,758.58228800000006]
["29.10.03","Ponto duplo para voz/dados em alvenaria, composto por tubulação em eletroduto de PVC rígido 1\", com luva de rosca interna, curva e acessórios, cabo Utp 4 pares (2x), cat. 6, Furukawa ou equivalente, para duas tomadas RJ45 (voz/dados) incluindo a reserva técnica de cabo de 11m (2x5,5m).","pt",96,350.41906999999998,33640.23072]
["29.10.04","Ponto duplo para voz/dados em Dry-Wall, composto por tubulação em eletroduto de PVC rígido 1\",  eletroduto corrugado de 25mm, com luva de rosca interna, curva e acessórios, cabo Utp 4 pares (2x), cat. 6, Furukawa ou equivalente, para duas tomadas RJ45 (voz/dados) incluindo a reserva técnica de cabo de 11m (2x5,5m).","pt",119,341.58268600000002,40648.339634000004]
["29.10.05","Ponto triplo para voz/dados em alvenaria, composto por tubulação em eletroduto de PVC rígido 1\", com luva de rosca interna, curva e acessórios, cabo Utp 4 pares (1x), cat. 6, Furukawa ou equivalente, para uma tomada RJ45 (voz ou dados), incluindo a reserva técnica de cabo 16,5 (3x5,5m). ","pt",7,502.35553800000002,3516.4887660000004]
["29.10.06","Ponto triplo para voz/dados em Dry-Wall, composto por tubulação em eletroduto de PVC rígido 1\",  eletroduto corrugado de 25mm, com luva de rosca interna, curva e acessórios, cabo Utp 4 pares (2x), cat. 6, Furukawa ou equivalente, para duas tomadas RJ45 (voz/dados) incluindo a reserva técnica de cabo de 16,5m (3x5,5m).","pt",23,484.04615000000001,11133.061450000001]
["29.10.07","Tomada para lógica e telefonia de embutir cat.6 para caixa de 4 x 2 pol., composta por placa 4x2 pol., um módulo RJ-45 para voz e dados, um módulo cego, com placa e módulos na linha Furukawa ou equivalente, cor bege, demais acessórios, inclusive conexão/crimpagem tipo impacto (push-down).","un",11,26.381095999999999,290.19205599999998]
["29.10.08","Tomada para lógica e telefonia de embutir para caixa 4x4 pol., composta por placa 4x4 pol., três módulos RJ-45 para voz e dados, três módulos cegos, com placa e módulos na linha Furukawa ou equivalente, cor bege, demais acessórios, inclusive conexão/crimpagem tipo impacto (push-down).","un",30,67.271822,2018.1546599999999]
["29.10.09","Tomada para lógica e telefonia de embutir, para caixa 4x4 pol., composta por placa 4x4 pol., dois módulos RJ-45 para voz/dados, quatro módulos cegos, com placa e módulos na linha Furukawa ou equivalente, cor bege, demais acessórios, inclusive conexão/crimpagem tipo impacto (push-down).","un",215,56.786956000000004,12209.195540000001]
["29.10.10","Tomada para lógica e telefonia de sobrepor composta por caixa de sobrepor  4x2 pol., com espelho plano para 1 módulo RJ45, cat. 5e, com caixa, espelho e módulo na linha Furukawa ou equivalente, na cor bege e demais acessórios, inclusive conexão /crimpagem tipo impacto.","un",4,44.048507999999998,176.19403199999999]
["29.10.11","Tomada para lógica e telefonia de sobrepor composta por caixa de sobrepor  4x2 pol., com espelho plano para 2 módulos, dois módulos RJ45, cat. 5e, com caixa, espelho e módulos na linha Furukawa ou equivalente, na cor bege e demais acessórios, inclusive conexão /crimpagem tipo impacto.","un",2,56.766463999999999,113.532928]
["29.10.12","Fornecimento e instalação de Dispositivo de Proteção contra Surtos(DPS) até 40KA","un",2,72.815957999999995,145.63191599999999]
["29.10.13","Fornecimento e instalação de eletrocalha perfurada, dim (50X50)mm, inclusive acessórios de derivação e fixação.","m",440,49.362648000000007,21719.565120000003]
["29.10.14","Fornecimento e instalação de eletrocalha perfurada, dim (100x50)mm, inclusive acessórios de derivação e fixação.","m",195,52.252178000000001,10189.174709999999]
["29.10.15","Fornecimento e instalação de eletrocalha perfurada, dim (100x100)mm, inclusive acessórios de derivação e fixação.","m",60,57.889710000000008,3473.3826000000004]
["29.10.16","Fornecimento e instalação de eletrocalha perfurada, dim.: 200x100mm, inclusive acessórios de derivação e fixação","m",15,52.889054000000002,793.33581000000004]
["29.10.17","Fornecimento e assentamento de eletroduto de PVC rígido de 1\" com luvas de rosca interna, curvas e demais acessórios de fixação.","m",263,11.711131999999999,3080.0277159999996]
["29.10.18","Fornecimento e assentamento de eletroduto de PVC rígido de 1 1/2\" com luvas de rosca interna, curvas e demais acessórios de fixação.","m",6,17.342611999999999,104.05567199999999]
["29.10.19","Fornecimento e assentamento de eletroduto de PVC rígido de 2\" com luva de rosca interna, curvas e demais acessórios de fixação.","m",77,23.652401999999999,1821.2349539999998]
["29.10.20","Fornecimento e assentamento de eletroduto de PVC rígido de 2\" com luva de rosca interna, assentado em valas/alvenaria, inclusive escavação, reaterro e demais acessórios de fixação.","m",91,30.004002,2730.3641819999998]
["29.10.21","Condulete 1\" de alumínio fundido tipo \"X\" - Fornecimento e instalação. (múltiplas saídas (X), inclusive acessórios de fixação e instalação)","un ",75,24.010075999999998,1800.7556999999999]
["29.10.22","Quadro para telefone com bloco BLI de 10 pares, de embutir, nas dimensões de (0,40x0,40x0,15)m, inclusive instalação.","un ",2,101.557402,203.11480399999999]
["29.10.23","Cabo de cobre nu 6mm² (têmpera meio duro, inclusive instalação em eletroduto/eletrocalha).   ","m",38.6,6.0127999999999995,232.09407999999999]
["29.10.24","Caixa De Passagem 60X60X70 Fundo Brita Com Tampa ","un",6,255.951718,1535.7103079999999]
["29.10.25","Fornecimento e instalação de caixa 4x4 pol para instalação em parede.","un",85,7.1646999999999998,608.99950000000001]
["29.10.26","Fornecimento e instalação de caixa 4x2 pol para instalação em parede.","un",1,5.4663639999999996,5.4663639999999996]
["29.10.27","Cabo Telefônico CCI-50 4 pares - Fornecimento e instalação (CTP APL,  inclusive instalação em eletroduto/eletrocalha)        ","m",282,1.961182,553.05332399999998]
["29.10.28","Fornecimento e assentamento de bengala de PVC rígido de 1 1/2\" com luva de rosca interna,  e demais acessórios de fixação.","un ",1,21.301372000000001,21.301372000000001]
["29.10.29","Poste de concreto secção duplo T, 100/8, com engastamento direto no solo de 1,40m, inclusive colocação.","un ",1,402.77015399999999,402.77015399999999]
["29.10.30","Caixa De Passagem 40X40X50 Fundo Brita Com Tampa","un ",4,120.17122800000001,480.68491200000005]
["29.10.31","Caixa De Passagem 20X20X25 Fundo Brita Com Tampa","un ",3,34.247258000000002,102.74177400000001]
["29.10.32","Haste Copperweld 5/8? X 3,0M Com Conector","un ",3,43.731954000000002,131.19586200000001]
["29.10.33","Fornecimento e instalação de caixa 4x2 pol. para instalação em parede.","un ",7,5.4663639999999996,38.264547999999998]
["29.10.34","Caixa 4x2 pol. para instalação em parede tipo Dry-Wall.","un ",4,7.1057299999999994,28.422919999999998]
["29.10.35","Fornecimento e instalação de caixa 4x4 pol. para instalação em parede. ","un ",103,7.1646999999999998,737.96410000000003]
["29.10.36","Fornecimento e instalação de caixa 4x4 pol. para instalação em parede tipo Dry-Wall.","un ",142,8.2615420000000004,1173.138964]
["29.11","Estabilizada","-","-",0,0]
["29.11.01","Ponto para tomada estabilizada (computador) em alvenaria/piso, composto por fiação em cabo  AFUMEX, ATOX, AFITOX ou equivalente (Não-Halogenado), isolação 750V., de 4,0mm² eletroduto de PVC rígido de 3/4\", com luva de rosca interna,  curvas e demais acessórios.","pt",102,141.32657799999998,14415.310955999998]
["29.11.02","Ponto para tomada estabilizada (computador) em Dry-Wall, composto por fiação em cabo de 4,0mm² e eletroduto de PVC rígido de 3/4\",  eletroduto corrugado de 25mm, com luva de rosca interna,  curvas e demais acessórios.","pt",143,147.20879600000001,21050.857828]
["29.11.03","Tomada de embutir para computador em caixa 4x4 pol., com quatro tomadas 2p+t, sendo três módulos de 10A, mais um módulo de 20A. com placa e módulos na linha Pialplus ou equivalente.","un ",246,36.432172000000001,8962.3143120000004]
["29.11.04","Tomada de embutir (2p+t) para caixa de 4 x 2 pol., com placa e módulo na linha Pialplus ou equivalente, sendo um módulo de 10A, demais acessórios, inclusive instalação.","un ",3,19.245725999999998,57.737177999999993]
["29.11.05","Tomada para computador para caixa de sobrepor, com quatro tomadas 2p+t, caixas de sobrepor, placas e módulos na linha sistema X Pial Legrand ou equivalente.","un ",3,52.551192,157.65357599999999]
["29.11.06","Cabo de cobre AFUMEX, ATOX, AFITOX ou equivalente (Não-Halogenado), isolação 750V., de 10mm²,  inclusive instalação em eletroduto/eletrocalha/leito.                    ","m",229.5,5.7651260000000004,1323.0964170000002]
["29.11.07","Cabo de cobre AFUMEX, ATOX, AFITOX ou equivalente (Não-Halogenado), isolação 0,6/1kV., de 4,0mm². , inclusive instalação em eletroduto/eletrocalha/leito.","m",100.3,3.9944199999999999,400.64032599999996]
["29.11.08","Cabo de cobre AFUMEX, ATOX, AFITOX ou equivalente (Não-Halogenado), isolação 0,6/1kV.,  de 6,0mm².,  inclusive instalação em eletroduto/eletrocalha/leito.                     ","m",375.4,5.1507119999999995,1933.5772847999997]
["29.11.09","Cabo de cobre AFUMEX, ATOX, AFITOX ou equivalente (Não-Halogenado), isolação 0,6/1kV., de 10mm²., inclusive instalação em eletroduto/eletrocalha/leito.","m",117.9,7.4634619999999998,879.94216979999999]
["29.11.10","Cabo de cobre AFUMEX, ATOX, AFITOX ou equivalente (Não-Halogenado), isolação 0,6/1kV., de 16mm²., inclusive instalação em eletroduto/eletrocalha/leito.","m",293.89999999999998,10.755114000000001,3160.9280045999999]
["29.11.11","Cabo de cobre AFUMEX, ATOX, AFITOX ou equivalente (Não-Halogenado), isolação 0,6/1kV., de 25mm²., inclusive instalação em eletroduto/eletrocalha/leito.","m",4.3,15.28449,65.723306999999991]
["29.11.12","Cabo de cobre AFUMEX, ATOX, AFITOX ou equivalente (Não-Halogenado), isolação 0,6/1kV., de 35mm². , inclusive instalação em eletroduto/eletrocalha/leito.","m",25.5,21.329294000000001,543.89699700000006]
["29.11.13","Cabo de cobre AFUMEX, ATOX, AFITOX ou equivalente (Não-Halogenado), isolação 0,6/1kV.,  de 50mm². ,  inclusive instalação em eletroduto/eletrocalha/leito.                         ","m",17.2,31.796847999999997,546.90578559999994]
["29.11.14","Quadro de distribuição  de embutir sem barramento para 6 disjuntores unipolares, com em chapa de aço galvanizada - QDR                    ","un ",3,52.812067999999996,158.43620399999998]
["29.11.15","Quadro de distribuição metálico de sobrepor, em chapa 16 BWG, para 24 circuitos monopolares padrão DIN, com barra de neutro e terra 150A, com porta e trinco, Cemar ou equivalente,  inclusive instalação conforme projeto.","un ",3,590.26025600000003,1770.7807680000001]
["29.11.16","Quadro de distribuição metálico de sobrepor, em chapa 16 BWG, para 8 circuitos monopolares padrão DIN, com barra de neutro e terra, com porta e trinco, Cemar ou equivalente,  inclusive instalação conforme projeto.","un ",4,264.27702399999998,1057.1080959999999]
["29.11.17","Fornecimento e instalação de quadro montado em armário  com barramento, com barras de neutro e terra de acordo 350A com diagrama unifilar, inclusive todos os demais disjuntores, Schneider ou equivalente, conforme projeto.","un ",1,3193.058614,3193.058614]
["29.11.18","Disjuntor monopolar termomagnético de 6 até 32A Eletromar padrão IEC ou equivalente, inclusive instalação em quadro de distribuição, conforme projeto.","un ",57,10.860300000000001,619.03710000000001]
["29.11.19","Disjuntor tripolar termomagnético até 50A Eletromar padrão IEC ou equivalente, inclusive instalação em quadro de distribuição, conforme projeto.","un ",12,73.806654000000009,885.67984800000011]
["29.11.20","Disjuntor tripolar termomagnético de 63A Eletromar padrão IEC ou equivalente, inclusive instalação em quadro de distribuição, conforme o projeto.","un ",5,86.213942000000003,431.06970999999999]
["29.11.21","Fornecimento e instalação de disjuntor tripolar termomagnético de 100A Eletromar padrão IEC ou equivalente.","un ",1,121.289298,121.289298]
["29.11.22","Disjuntor tripolar termomagnético até 125A Eletromar padrão IEC ou equivalente, inclusive instalação em quadro de distribuição, conforme o projeto.","un ",2,358.07743599999998,716.15487199999995]
["29.11.23","Fornecimento e instalação de disjuntor tripolar de 250A-380V-22kA em caixa moldada.","un ",1,553.88142400000004,553.88142400000004]
["29.11.24","Fornecimento e instalação de eletrocalha perfurada, dim (100x50)mm, inclusive acessórios de derivação e fixação.","m",10.9,52.252178000000001,569.5487402]
["29.11.25","Fornecimento e instalação de eletrocalha perfurada, dim (50X50)mm, inclusive acessórios de derivação e fixação.","m",176,49.362648000000007,8687.8260480000008]
["29.11.26","Fornecimento e instalação de Perfilado perfurado, dim.: 38x38mm, inclusive acessórios de derivação e fixação.","m",546,41.637578000000005,22734.117588000001]
["29.11.27","Fornecimento e assentamento de eletroduto de PVC rígido de 1 \" com luva de rosca interna, assentado em valas/alvenaria, inclusive escavação, reaterro e demais acessórios de fixação.","m",18.100000000000001,21.426772,387.82457320000003]
["29.11.28","Fornecimento e assentamento de eletroduto de PVC rígido de 1.1/2\" com luva de rosca interna, assentado em valas/alvenaria, inclusive escavação, reaterro e demais acessórios de fixação.","m",25,24.744412000000001,618.61030000000005]
["29.11.29","Fornecimento e assentamento de eletroduto de PVC rígido de 2\" com luva de rosca interna, curvas e demais acessórios de fixação.","m",29.3,23.652401999999999,693.01537859999996]
["29.11.30","Fornecimento e assentamento de eletroduto de PVC rígido de 3/4\" com luvas de rosca interna, curvas e demais acessórios de fixação.","m",88.699999999999989,10.531731999999998,934.16462839999974]
["29.11.31","Caixa de passagem 40X40X50 Fundo Brita Com Tampa","un",3,120.17122800000001,360.51368400000001]
["29.11.32","Caixa 4x4 pol para instalação em parede tipo Dry-Wall.","un",291,8.2615420000000004,2404.1087219999999]
["29.11.33","Caixa metálica de passagem 15x15x10cm, de embutir, corpo em chapa de aço com pintura eletrostática, com tampa cega, para passagem/ inspeção de tubulações elétricas e telefônicas inclusive instalação.","un",8,28.976703999999998,231.81363199999998]
["29.11.34","Caixa (4x2)\" para piso em alumínio, inclusive assentamento.","un",3,16.352225999999998,49.056677999999991]
["29.11.35","Fornecimento e instalação de caixa 4x4 pol para instalação em parede.","un",208,7.1646999999999998,1490.2575999999999]
["29.11.36","Fornecimento tampa cega, 4x4 pol., cor bege, na linha Pial Plus ou equivalente, inclusive instalação.","un",{"$f":"27","v":27},7.1421260000000002,192.837402]
["29.11.37","Condulete 3/4\" em liga de alumínio fundido Tipo \"X\" - fornecimento e instalação.","un",7,19.408975999999999,135.862832]
["29.12","CLIMATIZAÇAO ELÉTRICA NORMAL","-","-",0,0]
["29.12.01","Fornecimento e instalação de eletrocalha perfurada, dim (100x50)mm, inclusive acessórios de derivação e fixação.","m",53.8,52.252178000000001,2811.1671763999998]
["29.12.02","Fornecimento e instalação de Perfilado perfurado, dim.: 38x38mm, inclusive acessórios de derivação e fixação.","m",159,41.637578000000005,6620.3749020000005]
["29.12.03","Fornecimento e assentamento de eletroduto de PVC rígido de 1\" com luvas de rosca interna, curvas e demais acessórios de fixação.","m",166.2,11.711131999999999,1946.3901383999998]
["29.12.04","Condulete 3/4\" em liga de alumínio fundido tipo \"x\" - fornecimento e instalação","un",1,19.408975999999999,19.408975999999999]
["29.12.05","Condulete 1\" em liga de alumínio fundido tipo \"x\" - fornecimento e instalação","un",57,24.010075999999998,1368.5743319999999]
["29.12.06","Condulete 1 1/2\" em liga de alumínio fundido tipo \"x\" - fornecimento e instalação","un",6,40.842199999999998,245.0532]
["29.12.07","Quadro de distribuição metálico de sobrepor, em chapa 16 BWG, para 24 circuitos monopolares padrão DIN, com barra de neutro e terra 150A, com porta e trinco, Cemar ou equivalente,  inclusive instalação conforme projeto.","un",1,590.26025600000003,590.26025600000003]
["29.12.08","Quadro de distribuição metálico de sobrepor, em chapa 16 BWG, para 16circuitos monopolares padrão DIN, com barra de neutro e terra, com porta e trinco, Cemar ou equivalente,  inclusive instalação conforme projeto.","un",1,313.06159600000001,313.06159600000001]
["29.12.09","Quadro de distribuição metálico de sobrepor, em chapa 16 BWG, para 40 circuitos monopolares padrão DIN, com barra de neutro e terra 200A, com porta e trinco, Cemar ou equivalente,  inclusive instalação conforme projeto.","un",1,686.01427799999999,686.01427799999999]
["29.12.10","Disjuntor tripolar termomagnético até 40A Eletromar padrão IEC ou equivalente, inclusive instalação em quadro de distribuição, conforme projeto.","un",3,73.806654000000009,221.41996200000003]
["29.12.11","Fornecimento e instalação de disjuntor tripolar termomagnético de 80A Eletromar padrão IEC ou equivalente.","un",1,121.289298,121.289298]
["29.12.12","Disjuntor tripolar termomagnético até 150A Eletromar padrão IEC ou equivalente, inclusive instalação em quadro de distribuição, conforme o projeto.","un",1,204.56673199999997,204.56673199999997]
["29.12.13","Disjuntor tripolar termomagnético até 175A Eletromar padrão IEC ou equivalente, inclusive instalação em quadro de distribuição, conforme o projeto.","un",1,204.56673199999997,204.56673199999997]
["29.12.14","Disjuntor monopolar termomagnético até 32A Eletromar padrão IEC ou equivalente, inclusive instalação em quadro de distribuição, conforme projeto.","un",52,10.860300000000001,564.73559999999998]
["29.12.15","Ponto para renovação de ar, inclusive fiação em cabo flexível de 4,0 mm² AFUMEX, ATOX, AFITOX ou equivalente (Não-Halogenado), isolação 750V.","pt",3,929.77885000000003,2789.33655]
["29.12.16","Ponto de força monofásico (F+N+T) para unidades evaporadoras do sistema de ar condicionado, composto por  fiação em cabo  AFUMEX, ATOX, AFITOX ou equivalente (Não-Halogenado), isolação 750V., de 4mm² .","pt",52,312.93027800000004,16272.374456000001]
["29.13","CLIMATIZAÇAO EMERGÊNCIA","-","-",0,0]
["29.13.01","Fornecimento e instalação de Perfilado perfurado, dim.: 38x38mm, inclusive acessórios de derivação e fixação.","m",212,41.637578000000005,8827.1665360000006]
["29.13.02","Ponto de força monofásico (F+N+T) para unidades evaporadoras do sistema de ar condicionado, composto por  fiação em cabo  AFUMEX, ATOX, AFITOX ou equivalente (Não-Halogenado), isolação 750V., de 4mm² .(Emergência)","pt",25,292.76450799999998,7319.1126999999997]
["29.13.03","Disjuntor monopolar termomagnético até 32A Eletromar padrão IEC ou equivalente, inclusive instalação em quadro de distribuição, conforme projeto.","un",25,10.860300000000001,271.50749999999999]
["29.13.04","Disjuntor tripolar termomagnético até 40A Eletromar padrão IEC ou equivalente, inclusive instalação em quadro de distribuição, conforme projeto.","un",1,73.806654000000009,73.806654000000009]
["29.13.05","Disjuntor tripolar termomagnético de 63A Eletromar padrão IEC ou equivalente, inclusive instalação em quadro de distribuição, conforme o projeto.","un",1,86.213942000000003,86.213942000000003]
["29.13.06","Fornecimento e instalação de disjuntor tripolar termomagnético de 80A Eletromar padrão IEC ou equivalente.","un",3,121.289298,363.86789399999998]
["29.13.07","Condulete 1\" Em Liga De Alumínio Fundido Tipo \"X\" - Fornecimento E Instalação","un",25,24.010075999999998,600.25189999999998]
["29.13.08","Fornecimento e assentamento de eletroduto de PVC rígido de 1 \" com luva de rosca interna, assentado em valas/alvenaria, inclusive escavação, reaterro e demais acessórios de fixação.","m",53.5,21.426772,1146.332302]
["29.13.09","Quadro de distribuição metálico de embutir, em chapa 16 BWG, para 16 circuitos monopolares padrão DIN, com barra de neutro e terra, com porta e trinco, Cemar ou equivalente,  inclusive instalação conforme projeto.","un",2,279.13025800000003,558.26051600000005]
["29.13.10","Quadro de distribuição metálico de sobrepor, em chapa 16 BWG, para 8 circuitos monopolares padrão DIN, com barra de neutro e terra, com porta e trinco, Cemar ou equivalente,  inclusive instalação conforme projeto.","un",1,264.27702399999998,264.27702399999998]
["30.0","SUBESTAÇÃO ABRIGADA DE 1.000KVA","-","-",0,0]
["30.01","Poste de concreto, tipo duplo T 300/10 com engastamento direto no solo de 1,60m, inclusive colocação.","un",1,721.53709000000003,721.53709000000003]
["30.02","Fornecimento e instalação de Cruzeta de concreto tipo T 1900mm, inclusive acessórios para instalação .                        ","pç",2,158.79649799999999,317.59299599999997]
["30.03","Fornecimento e instalação de Cruzeta de concreto tipo T 1200mm, inclusive acessórios para instalação .                        ","pç",1,147.23837800000001,147.23837800000001]
["30.04","Fornecimento e instalação de mufla singela termocontratil 20kV para cabo 50mm².","un",4,265.953236,1063.812944]
["30.05","Fornecimento e instalação de isolador polimérico de 15kV.","un",9,61.622185999999999,554.59967400000005]
["30.06","Fornecimento e instalação de pino para isolador 15kV.","un",9,34.750978000000003,312.75880200000006]
["30.07","Fornecimento e instalação de pára-raio 12kV - 10kA .","un",3,217.95092400000001,653.85277200000007]
["30.08","Arruela quadrada furo 5/8\".","un",30,1.1314120000000001,33.942360000000001]
["30.09","Cabo de cobre unipolar de 35mm², encordoamento classe 2 ,isolamento de 12/20kV com isolação de EPR, inclusive instalação em eletroduto/eletrocalha.      ","m",600,36.142557999999994,21685.534799999998]
["30.10","Construção de caixa de passagem em alvenaria simples medindo 1,00x1,00x1,20m, inclusive reboco nas paredes internas, fundo com brita 19 e tampa em concreto armado com 7cm de espessura no traço 1:2:3.","un",9,353.73506400000002,3183.6155760000001]
["30.11","Cabo de cobre nu 35mm² (têmpera meio duro, inclusive instalação em eletroduto/eletrocalha).              ","m",70,24.013287999999999,1680.9301599999999]
["30.12","Haste copperweld 5/8 x 3m com conector revestida com camada de cobre, inclusive conector, TEL-584, fab.Termotécnica ou equivalente.","un",1,43.731954000000002,43.731954000000002]
["30.13","Fornecimento e assentamento de eletroduto de PVC rígido de 3/4\" com luvas de rosca interna, curvas e demais acessórios de fixação.","m",6,10.531731999999998,63.190391999999989]
["30.14","Fornecimento e assentamento de eletroduto de Ferro Galvanizado de 4\" (pesado), inclusive assentamento em poste e demais acessórios de fixação.","m",4,117.466776,469.86710399999998]
["30.15","Fornecimento e assentamento de luva para eletroduto metálico de 4\"  (pesado).","un",4,35.529269999999997,142.11707999999999]
["30.16","Fornecimento e assentamento de curva de Ferro Galvanizado de 4\" (pesado), inclusive assentamento e demais acessórios de fixação.","un",2,221.83866599999999,443.67733199999998]
["30.17","Fornecimento e assentamento de eletroduto de PVC rígido de 4\" com luva de rosca interna, assentado em valas/alvenaria,envelopado em concreto, inclusive escavação, reaterro e demais acessórios de fixação.","m",270,61.350238000000004,16564.564260000003]
["30.18","Fornecimento e instalação de banco para transformador (TP e TC) de acordo com a norma de Alta Tensão da Celpe.","un",1,1739.8218300000001,1739.8218300000001]
["30.19","Fornecimento e instalação de placa passa muro 15kV  100X050X3/16","un",1,615.72789400000011,615.72789400000011]
["30.20","Fornecimento e instalação de caixa para medição padrão CELPE modelo F5, inclusive acessórios.","un",1,942.40697200000011,942.40697200000011]
["30.21","Fornecimento e instalação de mufla singela termocontratil 20kV para cabo 35mm².","un ",4,265.953236,1063.812944]
["30.22","Fornecimento e assentamento de eletroduto de Ferro Galvanizado de 1\", inclusive assentamento e demais acessórios de fixação.","m",15,27.196232000000002,407.94348000000002]
["30.23","Condulete 1\" de alumínio fundido tipo \"X\" - Fornecimento e instalação. (múltiplas saídas (X), inclusive acessórios de fixação e instalação)","un ",1,24.010075999999998,24.010075999999998]
["30.24","Cabo de cobre isolado PVC resistente a chama 450/750V  2,5mm² - Fornecimento e instalação (tempera mole, encordoamento classe 2, isolamento de PVC, Flame Resistant - 70°C, Pirelli ou equivalente, inclusive instalação em eletroduto/ eletrocalha).                   ","m",200,2.8715719999999996,574.31439999999986]
["30.25","Fornecimento e instalação de abraçadeira tipo \"D\" ø 1\" com cunha, fab. Termotécnica ou equivalente.","un ",30,3.7360600000000002,112.0818]
["30.26","Fornecimento e instalação de conexão central reta 3/8\" concêntrica para vergalhão de cobre","un ",20,33.129570000000001,662.59140000000002]
["30.27","Fornecimento e instalação de vergalhão de cobre nu 3/8\"","m",15,69.372109999999992,1040.5816499999999]
["30.28","Fornecimento e instalação de transformador de potencial de 13800/115, RTP=120:1.","un",3,2597.4398380000002,7792.3195140000007]
["30.29","Fornecimento e instalação de isolador de suporte 15kV para vergalhão de 5/8\".","un",15,124.673642,1870.10463]
["30.30","Fornecimento e instalação de transformador de corrente RTC = 400/5A classe 15kV","un ",3,735.83872199999996,2207.5161659999999]
["30.31","Fornecimento e instalação de conjunto de dispositivos de proteção contra surtos (DPS), classe I,  composto de 03 (três) unidades PRF1 1P, 50kA, e 01 (uma) unidade, PRF1 N/PE 100, 100KA.","cj",1,334.40561199999996,334.40561199999996]
["30.32","Fornecimento e instalação de suporte para 03 transformadores de corrente  e 03 transformadores de potencial em estrutura de aço carbono, com aplicação de anti-corrosivo (zarcão) em duas demãos e pintura em esmalte sintético na cor cinza 6,5 Munsell com duas demãos, conforme projeto de subestação.","un",1,1735.7955820000002,1735.7955820000002]
["30.33","Fornecimento e instalação de conexão central reta 3/8\" concêntrica para vergalhão de cobre","un ",30,33.129570000000001,993.88710000000003]
["30.34","Fornecimento e instalação de conector de Pressão Tipo Split-Bolt para cabo 50mm²","un ",15,11.78243,176.73644999999999]
["30.35","Fornecimento e instalação de vergalhão de cobre nu 3/8\"","m",30,69.372109999999992,2081.1632999999997]
["30.36","Fornecimento e instalação de chave seccionadora 400A-15KV.                   ","un",1,1406.5171,1406.5171]
["30.37","Fornecimento e instalação de disjuntor tripolar a vácuo 350MVA-15kV-630A motorizado,  Beghin ou equivalente, inclusive relé de proteção para as funções 50/50N, 51/51N, 27 e 59.                   ","un",1,21434.488637999999,21434.488637999999]
["30.38","Condulete 1\" de alumínio fundido tipo \"X\" - Fornecimento e instalação. (múltiplas saídas (X), inclusive acessórios de fixação e instalação)","un",2,24.010075999999998,48.020151999999996]
["30.39","Fornecimento e assentamento de eletroduto de Ferro Galvanizado de 1\", inclusive assentamento e demais acessórios de fixação.","m",15,27.196232000000002,407.94348000000002]
["30.40","Fornecimento e instalação de abraçadeira tipo \"D\" ø 1\" com cunha, fab. Termotécnica ou equivalente.","un ",30,3.7360600000000002,112.0818]
["30.41","Cabo de cobre isolado PVC resistente a chama 450/750V  2,5mm² - Fornecimento e instalação (tempera mole, encordoamento classe 2, isolamento de PVC, Flame Resistant - 70°C, Pirelli ou equivalente, inclusive instalação em eletroduto/ eletrocalha).                   ","m",200,2.8715719999999996,574.31439999999986]
["30.42","Grade de proteção em tela com malha de 13mm fio 12BWG medindo 1,00x0,60m, em gradil de cantoneira L de 1 1/4\" x 1 1/4\" x 3/16\" para os cubículo de proteção.","un",2,693.77765799999997,1387.5553159999999]
["30.43","Fornecimento e instalação de TRANSFORMADOR 500KVA, primário 15kV, secundário 380/220V, a seco, incluindo termômetro e termostato para atuação na proteção..                          ","un",2,35145.377700000005,70290.755400000009]
["30.44","Fornecimento e instalação de Isolador tipo pedestal 15kV","un",6,171.56658599999997,1029.3995159999999]
["30.45","Fornecimento e instalação de conexão central reta 3/8\" concêntrica para vergalhão de cobre","un ",9,33.129570000000001,298.16613000000001]
["30.46","Fornecimento e assentamento de eletroduto de Ferro Galvanizado de 4\" (pesado), inclusive assentamento em poste e demais acessórios de fixação.","m",3,117.466776,352.400328]
["30.47","Fornecimento e assentamento de luva de Ferro galvanizado 4”.","un",2,35.529269999999997,71.058539999999994]
["30.48","Fornecimento e assentamento de curva longa de Ferro galvanizado 4”.","un",2,221.83866599999999,443.67733199999998]
["30.49","Fornecimento e instalação  de cabo de cobre EPROTENAX 0,6/1kV  240mm² - Pirelli ou equivalente, inclusive instalação em eletroduto/ eletrocalha).  ","m",300,125.310518,37593.155400000003]
["30.50","Terminal ou conector de pressão - para cabo de 240mm² - fornecimento e instalação.","un",50,20.946368,1047.3183999999999]
["30.51","Fornecimento e instalação de vergalhão de cobre nu 3/8\"","m",12,69.372109999999992,832.46531999999991]
["30.52","Fornecimento e instalação de porta para subestação em chapa de 16 BWG, em cantoneira \"L\" com tela em malha 13mm - Arame 12, medindo 1,00x2,10m (duas folhas), incluindo aplicação de anticorrosivo (zarcão) em duas demãos e esmalte sintético na cor Cinza 6,5 Munsell em duas demãos, conforme projeto","un ",2,1303.3033719999999,2606.6067439999997]
["30.53","Grade de proteção em tela com malha de 13mm fio 12BWG medindo 0,90x2,00m, em gradil de cantoneira L de 1 1/4\" x 1 1/4\" x 3/16\" para os cubículo de proteção.","un ",6,1303.3033719999999,7819.8202319999991]
["30.54","Fornecimento e assentamento de eletroduto de Ferro Galvanizado de 1\", inclusive assentamento e demais acessórios de fixação.","m",15,27.196232000000002,407.94348000000002]
["30.55","Fornecimento e instalação de caixa para prontuário de Instalações Elétricas.","un ",1,235.33620999999999,235.33620999999999]
["30.56","Fornecimento e instalação de placa de identificação (advertência) para subestação, inclusive instalação.","un ",1,90.104894000000002,90.104894000000002]
["30.57","Fornecimento e instalação de caixa para chave de reserva da subestação.","un ",1,70.066888000000006,70.066888000000006]
["30.58","Luminária tipo calha, de sobrepor, com reator de partida e lâmpada fluorescentes de 2x40W, completa - Fornecimento e instalação.","cj",5,112.442532,562.21266000000003]
["30.59","Ponto de luz em teto ou parede, incluindo caixa 4 x 4 pol. Tigreflex ou equivalente, tubulação PVC rígido e fiação, até o quadro de distribuição.","pt",5,49.593432,247.96716000000001]
["30.60","Ponto de interruptor de uma seção, Pial ou equivalente, inclusive tubulação PVC rígido, fiação, cx 4 x 2 pol. Tigreflex ou equivalente placa e demais acessórios, até o ponto de luz.","pt",1,35.488230000000001,35.488230000000001]
["30.61","Fornecimento e instalação de painel modular desmontável em chapa de aço QGBT  tratada com sistema de banho químico (desengraxe e fosfatização à base de fosfato de ferro), pintura eletrostática epóxi a pó na cor bege nos quadros e fechamento, pintura epóxi a pó na cor laranja nos acessórios (placa de montagem, seção da placa, longarina, perfil vertical, entre placas e trilhos de montagem), medindo 1800x2 (800)x600mm  inclusive todos os acessórios de montagem, conforme projeto e memorial descritivo.","un ",1,28507.919170000001,28507.919170000001]
["30.62","Fornecimento e instalação de painel modular desmontável em chapa de aço QDGN  tratada com sistema de banho químico (desengraxe e fosfatização à base de fosfato de ferro), pintura eletrostática epóxi a pó na cor bege nos quadros e fechamento, pintura epóxi a pó na cor laranja nos acessórios (placa de montagem, seção da placa, longarina, perfil vertical, entre placas e trilhos de montagem), medindo1800X3(600)X600mm inclusive todos os acessórios de montagem, conforme projeto e memorial descritivo.","un ",1,43539.357959999994,43539.357959999994]
["30.63","Fornecimento e instalação de painel modular desmontável em chapa de aço QDE  tratada com sistema de banho químico (desengraxe e fosfatização à base de fosfato de ferro), pintura eletrostática epóxi a pó na cor bege nos quadros e fechamento, pintura epóxi a pó na cor laranja nos acessórios (placa de montagem, seção da placa, longarina, perfil vertical, entre placas e trilhos de montagem),  inclusive todos os acessórios de montagem, conforme projeto e memorial descritivo.","un ",1,11610.492968,11610.492968]
["30.64","Fornecimento e instalação de Grupo Gerador Diesel, trifásico, 300kVA, 380/220V, incluindo baterias, escapamento até a área externa da subestação, tanque de óleo Diesel, autonomia mínima de 5horas, quadro de transferência automática QTA, microprocessado, software para gerenciamento de energia, Stemac, Heimer, ou equivalente","un ",1,157230.66783799999,157230.66783799999]
["30.65","Caixa subterrânea em alvenaria com dimensões internas de (0,8x0,8x1.0)m, sobre camada de brita com 0,10m de espessura, paredes em alvenaria e laje de tampa em concreto armado para assentamento de hastes de aterramento, inclusive escavação, remoção e reaterro.","un ",3,304.85550799999999,914.56652399999996]
["30.66","Fornecimento e assentamento de eletroduto de PVC rígido de 4\" com luva de rosca interna, assentado em valas/alvenaria,envelopado em concreto, inclusive escavação, reaterro e demais acessórios de fixação.","m",12,61.350238000000004,736.20285600000011]
["30.67","Fornecimento e instalação de cabo de cobre nu 95mm² classe 2 normatizado","m",100,60.875279999999997,6087.5279999999993]
["30.68","Fornecimento e instalação de cabo de cobre nu 35mm² classe 2 normatizado","m",50,24.013287999999999,1200.6643999999999]
["30.69","Fornecimento e instalação de conector tipo Split-Bolt para cabos de 95mm².","un",6,20.309491999999999,121.85695199999999]
["30.70","Fornecimento e instalação de conector tipo Split-Bolt para cabo de 35mm². ","un ",20,9.8364200000000004,196.72840000000002]
["30.71","Haste copperweld 5/8 x 3m com conector revestida com camada de cobre, inclusive conector, TEL-584, fab.Termotécnica ou equivalente.","un ",10,43.731954000000002,437.31954000000002]
["30.72","Fornecimento e instalação de caixa de inspeção de aterramento em PVC, ref. TEL-525 fab. Termotécnica ou equivalente, com tampa redonda com garra em ferro fundido, 250mm, ref. TEL-527, fab. Termotécnica ou equivalente.","un ",10,57.636957999999993,576.36957999999993]
["30.73","Elaboração de Estudo e projeto de Proteção e Seletividade dos Relés de Proteção, com Cálculos de Curto Circuito e Diagramas Unifilares  na Unidade do Cliente aprovado pela Celpe.","un ",1,4450.9697999999999,4450.9697999999999]
["30.74","Teste e comissionamento dos equipamentos de alta tensão da proteção da subestação, paralelismo com a celpe,  (TC e TP, Disjuntor e Relé), inclusive a aprovação do relatório perante a CELPE.","un ",1,4945.5219999999999,4945.5219999999999]
["31.0","COMBATE CONTRA INCÊNDIO","-","-",0,0]
["31.01","Luminária de emergência com 30 LEDs tipo bloco (substitui as 2x11W), com bateria selada, autonomia de 6h para fluxo máximo e 3h para fluxo mínimo, bivolt, de aclaramento.","un",84,99.032753999999997,8318.7513359999994]
["31.02","Luminária tipo arandela, externa, em alumínio fundido, pintado na cor branca, com difusor em vidro prismático transparente, inclusive com uma lâmpada fluorescente compacta eletrônica de 14 W, Philips ou equivalente,  demais acessórios e instalação.","cj",14,112.985056,1581.790784]
["31.03","Fornecimento de módulo isolador de curto circuito Apollo isso 59700 XPLORER ou equivalente                     ","cj",13,132.634592,1724.2496959999999]
["31.04","Fornecimento de indicador visual sonoro, fab. Apollo ou equivalente.               ","cj",11,150.22989000000001,1652.5287900000001]
["31.05","Fornecimento de acionador manual endereçável, fab. Apollo ou equivalente            ","cj",11,255.70498199999997,2812.7548019999995]
["31.06","Fornecimento de detector de fumaça endereçável com base, fab. Apollo ou equivalente.                    ","cj",209,312.55206200000003,65323.380958000009]
["31.07","Fornecimento de detector térmico endereçável com base, fab. Apollo ou equivalente                ","cj",11,312.55206200000003,3438.0726820000004]
["31.08","Fornecimento e instalação de cabo para sinal e detecção de incêndio  em par trançado mais dreno shieldado acabamento em PVC Prysmian, Lipperfil ou equivalente CTR FLEX BL FT COBRE 2 x 1,5mm2 500V preto NBR 7289..","m",2686,5.3078920000000007,14256.997912000003]
["31.09","Fornecimento de tubos de ferro galvanizado, de 3\", inclusive conexões e abertura de rasgos em alvenaria, para colunas de água, para hidrante.","m",170,102.370456,17402.97752]
["31.10","Fornecimento de hidrante predial composto de 01 abrigo para mangueira com dimensões de 0,75x0,45x0,17m de sobrepor, 01 registro angular de 45º x 2 1/2\" (BSC), 02 lances de mangueira de 1.1/2\" x15m, 02 adaptadores de 1 1/2\",  02 esguichos, 02 tampões cegos com corrente, chave storz.","cj",12,1925.876796,23110.521551999998]
["31.11","Fornecimento  de hidrante de fachada completo.","cj",1,497.56954999999999,497.56954999999999]
["31.12","Fornecimento de aparelho portátil autônomo de iluminação de emergência, com fonte de alimentação própria, com autonomia de 4h, bateria de 36A/h e dois projetores com duas lâmpadas de 55W, tipo H-110, fab. Unitron ou equivalente, inclusive acessórios de fixação. ","cj",11,408.78983599999998,4496.6881960000001]
["31.13","Fornecimento e instalação de luminária tipo balizador, corpo em alumínio com pintura eletrostática a pó na cor pintura eletrostática a pó Lumicenter EX01 ou equivalente.","cj",4,130.26326599999999,521.05306399999995]
["31.14","Fornecimento e instalação de registro de gaveta de 4 pol.","cj",3,589.892786,1769.6783580000001]
["31.15","Fornecimento e instalação de registro de gaveta de 3\".","un",1,348.63472199999995,348.63472199999995]
["31.16","Fornecimento e instalação de válvula de retenção, em bronze, 3\"","un",1,297.40158600000001,297.40158600000001]
["31.17","Fornecimento e instalação de chave de fluxo de 3\".","un",1,400.051016,400.051016]
["31.18","Tubulação de aço galvanizado pesado de 1pol., inclusive conexões e acessórios de fixação e instalação, fabricação Tupy ou equivalente. ","m",432,48.011375999999998,20740.914431999998]
["31.19","Tubulação de aço galvanizado pesado de 1.1/4 pol., inclusive conexões e acessórios de fixação e instalação, fabricação Tupy ou equivalente. ","m",160,62.766427999999991,10042.628479999999]
["31.20","Tubulação de aço galvanizado pesado de 1.1/2 pol., inclusive conexões e acessórios de fixação e instalação, fabricação Tupy ou equivalente. ","m",180,68.792739999999995,12382.6932]
["31.21","Tubulação de aço galvanizado pesado de  2 pol., inclusive conexões e acessórios de fixação e instalação, fabricação Tupy ou equivalente. ","m",185,87.178517999999997,16128.025829999999]
["31.22","Tubulação de aço galvanizado pesado de 2.1/2 pol., inclusive conexões e acessórios de fixação e instalação, fabricação Tupy ou equivalente. ","m",350,107.33081199999999,37565.784199999995]
["31.23","Fornecimento e instalação de bico de sprinkler pendente 1/2\" - 68º com canopla.","un",251,34.608916000000001,8686.8379160000004]
["31.24","Fornecimento e instalação de registro de PVC Esfera Roscável DN 1\"                       ","un",13,29.054475999999998,377.70818799999995]
["31.25","Fornecimento e instalação de chave de fluxo de 4\".","un ",2,340.11390800000004,680.22781600000008]
["31.26","Tubulação em aço carbono DIN 2440  de 4 pol., inclusive conexões e acessórios de fixação e instalação. ","m",72,161.197688,11606.233536]
["31.27","Tubulação em aço carbono DIN 2440  de 3 pol., inclusive conexões e acessórios de fixação e instalação. ","m",66,115.708006,7636.7283959999995]
["31.28","Fornecimento  de kit de pressurização composto por registro de gaveta 4pol, manômetro 4 polegadas, dois pressostatos principal de 4 polegadas, e pressostato Jockey 4 polegadas inclusive os balões de pressurização correspondentes, conforme projeto.","un ",1,1990.4085539999999,1990.4085539999999]
["31.29","Fornecimento de bomba centrífuga de 5 CV, principal Q=600L/min, HMT 10mca, inclusive balão de pressurização.","un",3,2493.9556120000002,7481.8668360000011]
["31.30","Fornecimento  de bomba centrífuga de 1/2 CV jockey.Q= 60L/min, HMT= 12mca, inclusive balão de pressurização. ","un",1,722.83883800000001,722.83883800000001]
["31.31","Conjunto moto-bomba (centrífuga), P= 2 CV, Schneider, Dancor ou equivalente, inclusive acessórios, fixação e instalação.","un",2,968.82312000000013,1937.6462400000003]
["31.32","Extintor de Incêndio Água Pressurizada, 10L, suporte parede carga completa - Fornecimento e instalação.","un",3,141.70417799999998,425.11253399999998]
["31.33","Extintor de Incêndio tipo Pó Químico 6kg - Fornecimento e colocação (inclusive acessórios de fixação)","un",47,161.03454399999998,7568.6235679999991]
["31.34","Extintor de Incêndio de Pó Químico 12kg, inclusive fornecimento e instalação.","un",3,275.376642,826.12992600000007]
["31.35","Extintor de Gás Carbônico de 6kg, inclusive acessórios de fixação e sinalização.    ","un",15,455.99069000000003,6839.8603500000008]
["31.36","Central eletrônica inteligente de detecção e alarme de incêndio, de 24Vcc, com capacidade para 6 laços do sistema de detecção e módulos de expansão das chaves de fluxo, compatível com os pontos de detecção e acionadores endereçáveis do projeto, inclusive as placas de laço, de fabricação Apolo ou equivalente, inclusive instalação e treinamento. ","cj",1,13058.44614,13058.44614]
["31.37","Fornecimento de módulo mini-switch monitor - ref.: XP-95 55000833 fab. Apollo ou equivalente.","un",14,184.13899000000001,2577.9458600000003]
["32.0","CLIMATIZAÇÃO","-","-",0,0]
["32.01","Fornecimento de unidade interna(evaporadora) multisplit - CASSETE INVERTER, que utiliza o gás ecológico R-410A, com capacidade térmica de resfriamento nominal:12.000 BTU/H","pç",18,2019.8901660000001,36358.022988000004]
["32.02","Fornecimento de unidade interna(evaporadora) multisplit - Hiwall INVERTER, que utiliza o gás ecológico R-410A, com capacidade térmica de resfriamento nominal:12.000 BTU/H","pç",6,937.39639,5624.3783400000002]
["32.03","Fornecimento de unidade interna(evaporadora) multisplit - CASSETE INVERTER, que utiliza o gás ecológico R-410A, com capacidade térmica de resfriamento nominal:18.000 BTU/H","pç",110,2152.4609960000003,236770.70956000002]
["32.04","Fornecimento de unidade interna(evaporadora) multisplit - HIWALL  INVERTER, que utiliza o gás ecológico R-410A, com capacidade térmica de resfriamento nominal:24.000 BTU/H","pç",6,1760.5360920000001,10563.216552]
["32.05","Fornecimento de unidade interna(evaporadora) multisplit - CASSETE INVERTER, que utiliza o gás ecológico R-410A, com capacidade térmica de resfriamento nominal:24.000 BTU/H","pç",18,2413.423362,43441.620516000003]
["32.06","Fornecimento de unidade externa (condensadora) multisplit INVERTER, utilizando Gás Ecológico R-410A, com capacidade térmica de resfriamento nominal(mínimo-máximo): 9kw (3,2kw-10kw), que suporte um comprimento máximo de linha frigorífica até 75m e combinação de unidades mínima/máxima:2/5.","pç",79,6005.962606000001,474471.04587400006]
["32.07","Instalação , conforme projeto, de Condicionador de ar do tipo Split/Hiwall, com capacidade de 24.000 BTU/h, INVERTER, realizando os serviços de confecção de linhas frigoríficas em tubo de cobre utilizando nitrogênio com fluxo constante para realização das soldas evitando impurezas e a dos drenos termicamente isolados. Fornecimento e instalação de carga de fluido refrigerante ecológico R-410A. A execução da instalação deve ser executada por Técnico de Refrigeração devidamente especializado em equipamentos INVERTER. Realizar a interligação entre as unidades Evaporadora e Condensadora com cabo PP 4x1,5mm²; inclusive fixação de unidade evaporadora e interligação de drenos, calços de borracha, bem como todos os acessórios necessários para a completa instalação e funcionamento do sistema, e limpeza final da obra.  ","pç",6,600.79897000000005,3604.7938200000003]
["32.08","Instalação , conforme projeto, de Condicionador de ar do tipo Split/CASSETE, com capacidade de 24.000 BTU/h, INVERTER, realizando os serviços de confecção de linhas frigoríficas em tubo de cobre utilizando nitrogênio com fluxo constante para realização das soldas evitando impurezas e a dos drenos termicamente isolados. Fornecimento e instalação de carga de fluido refrigerante ecológico R-410A. A execução da instalação deve ser executada por Técnico de Refrigeração devidamente especializado em equipamentos INVERTER. Realizar a interligação entre as unidades Evaporadora e Condensadora com cabo PP 4x 1,5mm²; inclusive fixação de unidade evaporadora e interligação de drenos, calços de borracha, bem como todos os acessórios necessários para a completa instalação e funcionamento do sistema, e limpeza final da obra.  ","pç",18,1090.0140899999999,19620.25362]
["32.09","Instalação , conforme projeto, de Condicionador de ar do tipo Split/HIWALL, com capacidade de 12.000 BTU/h, INVERTER, realizando os serviços de confecção de linhas frigoríficas em tubo de cobre utilizando nitrogênio com fluxo constante para realização das soldas evitando impurezas e a dos drenos termicamente isolados. Fornecimento e instalação de carga de fluido refrigerante ecológico R-410A. A execução da instalação deve ser executada por Técnico de Refrigeração devidamente especializado em equipamentos INVERTER. Realizar a interligação entre as unidades Evaporadora e Condensadora com cabo PP4x1,5mm²; inclusive fixação de unidade evaporadora e interligação de drenos, calços de borracha, bem como todos os acessórios necessários para a completa instalação e funcionamento do sistema, e limpeza final da obra.  ","pç",6,746.06566799999996,4476.3940079999993]
["32.10","Instalação , conforme projeto, de Condicionador de ar do tipo Split/CASSETE, com capacidade de 12.000 BTU/h, INVERTER, realizando os serviços de confecção de linhas frigoríficas em tubo de cobre utilizando nitrogênio com fluxo constante para realização das soldas evitando impurezas e a dos drenos termicamente isolados. Fornecimento e instalação de carga de fluido refrigerante ecológico R-410A. A execução da instalação deve ser executada por Técnico de Refrigeração devidamente especializado em equipamentos INVERTER. Realizar a interligação entre as unidades Evaporadora e Condensadora com cabo PP4x 1,5mm²; inclusive fixação de unidade evaporadora e interligação de drenos, calços de borracha, bem como todos os acessórios necessários para a completa instalação e funcionamento do sistema, e limpeza final da obra.  ","pç",18,798.44282199999998,14371.970796]
["32.11","Instalação , conforme projeto, de Condicionador de ar do tipo Split/cassete, com capacidade de 18.000 BTU/h, INVERTER, realizando os serviços de confecção de linhas frigoríficas em tubo de cobre utilizando nitrogênio com fluxo constante para realização das soldas evitando impurezas e a dos drenos termicamente isolados. Fornecimento e instalação de carga de fluido refrigerante ecológico R-410A. A execução da instalação deve ser executada por Técnico de Refrigeração devidamente especializado em equipamentos INVERTER. Realizar a interligação entre as unidades Evaporadora e Condensadora com cabo PP4x1,5mm²; inclusive fixação de unidade evaporadora e interligação de drenos, calços de borracha, bem como todos os acessórios necessários para a completa instalação e funcionamento do sistema, e limpeza final da obra.  ","pç",110,1061.8971940000001,116808.69134000002]
["32.12","Fornecimento e instalação de controladores de fluxo de volume TROX mod EN 600x300","un",1,680.94042000000002,680.94042000000002]
["32.13","Fornecimento e instalação de controladores de fluxo de volume TROX mod EN 500x300","un",1,663.67400399999997,663.67400399999997]
["32.14","Fornecimento e instalação de controladores de fluxo de volume TROX mod EN 500x250","un",4,594.67910400000005,2378.7164160000002]
["32.15","Fornecimento e instalação de controladores de fluxo de volume TROX mod EN 400x200","un",3,455.32119999999998,1365.9636]
["32.16","Fornecimento e instalação de controladores de fluxo de volume TROX mod EN 300x200","un",9,438.99830400000002,3950.9847360000003]
["32.17","Fornecimento e instalação de GRELHA SV-RG (20X15) ou equivalente","un",63,49.261029999999998,3103.4448899999998]
["32.18","Fornecimento e instalação de DIFUSOR QUADRADO DI-41 - 6\"X6\" ou equivalente","un",6,53.545962000000003,321.27577200000002]
["32.19","Fornecimento e instalação de GRELHA VSH2M (60X60) ou equivalente","un",7,209.20438000000001,1464.43066]
["32.20","Fornecimento de Exaustor Centrífugo de Simples Aspiração, voltagem 380V/60Hz/Trifásico e vazão de ar 12.000 m³/h, 350 Pa.","un",1,4979.1928579999994,4979.1928579999994]
["32.21","Fornecimento e instalação de Caixa Ventiladora tipo siroco, aspiração dupla, arranjo 3/l, equipada com filtro G3, vazão de 10.200 m3/h e pressão disponível de 25 mmca","un",1,4513.5548920000001,4513.5548920000001]
["32.22","Fornecimento e instalação de Caixa Ventiladora tipo siroco, aspiração dupla, arranjo 3/l, equipada com filtro G3, vazão de 8.500 m3/h e pressão disponível de 25 mmc","un",1,4076.9656660000005,4076.9656660000005]
["32.23","Fornecimento e Instalação de tubulação em cobre p/ interligação do condensador ao evaporador, inclusive isolamento, alimentação elétrica, conexões e fixações, p/ condicionadores de ar tipo CASSETE 24.000 BTU","m",238.83,41.999451999999998,10030.72912116]
["32.24","Fornecimento e Instalação de tubulação em cobre p/ interligação do condensador ao evaporador, inclusive isolamento, alimentação elétrica, conexões e fixações, p/ condicionadores de ar tipo CASSETE 18.000 BTU","m",279.45,44.440809999999999,12418.984354499999]
["32.25","Fornecimento e instalação de dutos em chapa de aço galvanizada bitola nº 24, incluindo acessórios de sustentação. ","m²",432.29,49.695824000000002,21483.007756960003]
["32.26","Fornecimento e instalação de dutos em chapa de aço galvanizada bitola nº 26, incluindo acessórios de sustentação. ","m²",570.30999999999995,39.021975999999995,22254.623132559995]
["32.27","Fornecimento e instalação de DIFUSOR VENTIDEC DVK 125mm ou equivalente","un",115,63.011990000000004,7246.3788500000001]
["32.28","Execução de rede de drenos em tubulação PVC roscável marrom de 3/4 isolada termicamente","m",1000,29.109628000000001,29109.628000000001]
["32.29","Fornecimento e instalação de Duto flexível Aludec 60 ou equivalente, 125mm","pç",102,20.299509999999998,2070.5500199999997]
["32.30","Fornecimento e instalação de Regulador de Vazão KVR 125 ou equivalente","un",115,73.289952,8428.3444799999997]
["32.31","Fornecimento, montagem e instalação de elevador com as seguintes especificações: fabricado segundo a norma NBR NM 207; destinação comercial,  capacidade mínima 13 pessoas ou 975kg podendo chegar até 1050 kg; velocidade de até 2,0 m/s; número de paradas igual a 5;  portas de pavimento de correr, duas folhas, automáticas, com abertura central; alimentação Trifásica, 380 volts, Frequência 60 hertz, tensão de Luz: 220 v; acabamento da cabina, dos painéis e das portas em em aço inoxidável. Mais especificações no memorial descritivo.   ","un",2,158504.293412,317008.586824]
["33.0","REMOÇÃO, DEMOLIÇÃO BARRACÃO E LIMPEZA","-","-",0,0]
["33.1","Limpeza final da obra","m²",7680,1.705738,13100.06784]
["33.2","Demolição de revestimento de piso em cimentado inclusive lastro de concreto.","m²",343,15.78636,5414.7214800000002]
["33.3","Demolição de alvenaria de 1 vez com preparo para remoção.","m²",79,22.118320000000001,1747.34728]
["33.4","Demolição de alvenaria de 1/2 vez com preparo para remoção.","m²",418,12.850519999999999,5371.5173599999998]
["33.5","Retirada de estrutura de madeira com tesouras para telhas onduladas","m²",365,7.4142399999999995,2706.1976]
["33.6","Retirada de cobertura em telhas de fibrocimento 4mm, sendo a área medida na projeção horizontal.","m²",365,3.4956399999999999,1275.9086]
["33.7","Retirada de esquadrias de madeira ou metálicas.","m²",49,9.2802399999999992,454.73175999999995]
["33.8","Transporte horizontal, massa/granel, jerica 90L, 30m.","m³",175,18.597799999999999,3254.6149999999998]
["33.9","Remoção de material de primeira categoria em caminhão basculante, D.M.T. 12KM, inclusive carga e descarga mecânica.","m³",175,19.56812,3424.4210000000003]
["33.10","Retirada de subestação provisória","un",1,2058.53388,2058.53388]